{"text_format":"3","workbook":"xlsx","n_sheets":16,"sheets":["List of Items & Enquiry number","Source Data","SWERISOL Schedule Selector","Deviation Schedule","0180281","0180282","0205441","0180283","0180284","0205443","0180285","0180286","0205439","0180287","0180288","0205445"],"not_rendered":{"images":1,"defined_names":353},"read":"whole","date_system":"1900"}

{"sheet":"List of Items & Enquiry number","index":0,"n_rows":30,"n_cols":3,"rows_kept":30,"merged":[[0,0,0,2],[9,0,9,2],[12,0,12,2],[16,0,16,2]]}
["Steps to follow to prepare this file for tender"]
[1,"Enter the Enquiry number in the cell below (B14) so that the number is carried through to the AB Schedule Sheets"]
[1.1,"Leave enquiry number blank if not known"]
[2,"Go to Source Data worksheet and confirm the figures from columns BU to BX and EL are correct"]
[3,"Fix any other requirements on Source Data if there has been a change to the spec"]
[4,"Hide Source Data Sheet"]
[5,"Hide this sheet"]
[6,"Hide any unnecessary sheets if not needed for the tender"]
[]
["NOTE:"]
[null,"This AB schedule is only for Ester Oil options. If the the tender scope includes Ester options, please also submit the Ester Oil or Ester/Ester Schedule to the Buyer"]
[]
["Type Enquiry Number in the cell below (overtype the green text) so that it transfers to all the AB Schedules"]
[">>>","Enquiry Number: 123456XYZ"]
[]
[]
["List of Items "]
["SAP Number","Description","Schedule Name"]
["0180281","TFR 50kVA 11kV/19kV SWER ISOL CSTL D3201","SWER Isolation, 50kVA 11kV/ 19kV* (Coastal, Ester Oil Only)"]
["0180282","TFR 50kVA 22kV/19kV SWER ISOL CSTL D3201","SWER Isolation, 50kVA 22kV/ 19kV* (Coastal, Ester Oil Only)"]
["0205441","TFR 50kVA 33kV/19kV SWER ISOL CSTL D3201","SWER Isolation, 50kVA 33kV/ 19kV* (Coastal, Ester Oil Only)"]
["0180283","TFR 100kVA 11kV/19kV SWER ISOL CSTL D3201","SWER Isolation, 100kVA 11kV/ 19kV* (Coastal, Ester Oil Only)"]
["0180284","TFR 100kVA 22kV/19kV SWER ISOL CSTL D3201","SWER Isolation, 100kVA 22kV/ 19kV* (Coastal, Ester Oil Only)"]
["0205443","TFR 100kVA 33kV/19kV SWER ISOL CSTL D3201","SWER Isolation, 100kVA 33kV/ 19kV* (Coastal, Ester Oil Only)"]
["0180285","TFR 200kVA 11kV/19kV SWER ISOL CSTL D3201","SWER Isolation, 200kVA 11kV/ 19kV* (Coastal, Ester Oil Only)"]
["0180286","TFR 200kVA 22kV/19kV SWER ISOL CSTL D3201","SWER Isolation, 200kVA 22kV/ 19kV* (Coastal, Ester Oil Only)"]
["0205439","TFR 200kVA 33kV/19kV SWER ISOL CSTL D3201","SWER Isolation, 200kVA 33kV/ 19kV* (Coastal, Ester Oil Only)"]
["0180287","TFR 400kVA 11kV/19kV SWER ISOL CSTL D3201","SWER Isolation, 400kVA 11kV/ 19kV* (Coastal, Ester Oil Only)"]
["0180288","TFR 400kVA 22kV/19kV SWER ISOL CSTL D3201","SWER Isolation, 400kVA 22kV/ 19kV* (Coastal, Ester Oil Only)"]
["0205445","TFR 400kVA 33kV/19kV SWER ISOL CSTL D3201","SWER Isolation, 400kVA 33kV/ 19kV* (Coastal, Ester Oil Only)"]

{"sheet":"Source Data","index":1,"n_rows":15,"n_cols":151,"rows_kept":15}
["Select Pole Mounted Transformer (kVA, kV) here!","Identification","Name of manufacturer","Name of supplier","Product code for Inland transformers","Product code for Coastal transformers","Are the transformers covered by the SABS  certification mark?","State SABS 780 permit number","Oil Type","Ratings","Power rating","Rated primary voltage","Rated no-load secondary voltage","Frequency","Number of phases","Vector Group","Insulation levels","BIL - Primary","BIL - Secondary Line Terminal","BIL - Secondary Neutral Terminal","Power frequency withstand voltage - Primary","Power frequency withstand voltage – Secondary","Inter-turn winding insulation","Type (Enamel or Paper)","Enamel grade (if applicable)","Paper thickness (if applicable)","Paper type (if applicable)","Paper make (if applicable)","Paper minimum impulse withstand","Paper minimum power frequency withstand ","Inter-turn winding insulation stres","Interlayer insulation","Highest interlayer stress in non-tap part of winding (<5kV/mm is not acceptable as the calculated value must be presented)","Highest interlayer stress in tap part of winding (<5kV/mm is not acceptable as the calculated value must be presented)","Paper type.","Paper make.","Tapping connections","No tap connections shall be provided on SWER isolation transformers","Tapping range","MV Bushings for Inland transformers","Make ","Product code","Material (e.g. Porcelain)","Specific creepage distance","Clamping","Type","Stem diameter","Primary MV Bushings for Coastal Transformers","Make ","Product code","Material (e.g. Porcelain)","Specific creepage distance","Clamping","Type","Stem diameter","Secondary MV Bushings for Coastal Transformers","Make ","Product code","Material (e.g. Porcelain)","Specific creepage distance","Clamping","Type","Stem diameter","Secondary LV Bushings for Coastal Transformers","Make ","Product code","Material (e.g. Porcelain)","Stem diameter","Supplied with flag ","Flag supplied with 2 x M12 x 40 mm set screws, 4 x flatwashers, 2 x spring washers and 2 x nuts","Losses","Loss factor base (Cost of Dx or Gx) ","No-load Loss Factor, NLLF ","Load Loss Factor, LLF","Guaranteed no-load losses, PNL","Guaranteed load losses, PLL","Impedance voltage & X/R ratio","Impedance at principle tapping (specific design impedances to be stated)","X/R ratio","Audio-sound level (clause 8.5.3 of SANS 780)","Maximum limit of transformer audio-sound level","Primary winding wire","Material (e.g. Cu or Al)","Type (e.g. Round, Strip or Foil)","Secondary winding wire","Material (e.g. Cu or Al)","Type (e.g. Round, Strip or Foil)","Core material","Core material ","Type/code ","Maximum Flux Density of Material","Supplier","Tank and tank cover","Tank type: Sealed","Plain, rigid or corrugated","Transformer dimensions","Wo (including surge arrester)","Lo","Ht","Mass","Oil capacity","Minimum clearance between live MV terminals and from MV live terminals to any part of the tank greater than twice the BIL ","Minimum mechanical clearance of 100 mm between the brackets and LV bushings shall be maintained","Pole mounting bracket","Single pole mounting bracket required? (Yes or No)","Supplied with: - 2 x clamps","                     - 1 x threaded rod (M20 x 350 mm)","                     - 4 x threaded rods (M20 x 250 mm)","                     - 12 x nuts, flat washers & spring washers (M20)","Dimension Mo","Dimension h1","Dimension W1","Mounting hole diameter","Mounting hole centres","Transformer under base","Under base required? (Yes or No)","Lml","Lmw (300, 400 or 450)","Ls","Lmh","Mounting hole diameter","Lifting lugs","Lifting lugs fitted","Hole diameter","Earthing terminals","Boss material ","Boss depth","Set screw material","Set screw dimensions","Supplied with washer and spring washer","Surge arrester brackets","Surge arrester brackets fitted","Mounting hole diameter","Dimension D (worst case)","Dimension E (worst case)","Dimension F (worst case)","Corrosion protection Inland transformers","Indicate the coating system (i.e. DS numbers according to DSP 240-75655504) that is offered. (e.g. DS-7 for mild steel)","Tank ","Radiators","Threaded rods and accessories","Colour of final coat","Corrosion protection for Coastal transformers","Indicate the coating system (i.e. DS numbers according to DSP 240-75655504) that is offered. (e.g. DS-14 + DS-15 for zinc sprayed mild steel with duplex coating)","Tank ","Radiators","Threaded rods and accessories","Colour of final coat","All Type Tests in Accordance with SANS 780:","All Routine Tests in Accordance with SANS 780:","Amorphous Losses (Guaranteed no-load losses, PNL)"]
["SWER Isolation, 50kVA 11kV/ 19kV* (Coastal, Ester Oil Only)",null,"xxxxxxxxxxx","xxxxxxxxxxx","xxxxxxxxxxx","xxxxxxxxxxx","xxxxxxxxxxx","xxxxxxxxxxx","Ester Oil",null,50,11,19,50,"1ph","N/A",null,95,200,30,28,8,null,"xxxxxxxxxxx","Grade 3","> 0.125","xxxxxxxxxxx","xxxxxxxxxxx",21,8,"<5",null,"< 5","< 5 ","xxxxxxxxxxx","xxxxxxxxxxx",null,"xxxxxxxxxxx","N/A",null,"xxxxxxxxxxx","xxxxxxxxxxx","xxxxxxxxxxx","≥ 31","Base","Draw lead","M12",null,"xxxxxxxxxxx","xxxxxxxxxxx","xxxxxxxxxxx","≥ 31","Base","Draw lead","M12",null,"xxxxxxxxxxx","xxxxxxxxxxx","xxxxxxxxxxx","≥ 31","Base","Draw lead","M12",null,"xxxxxxxxxxx","xxxxxxxxxxx","xxxxxxxxxxx","M12","N/A","N/A",null,"Distribution",{"v":80500,"d":"80,500"},{"v":17500,"d":"17,500"},110,880,null,"3,0 to 4,5","xxxxxxxxxx",null,"≤ 48 ",null,"xxxxxxxxxxx","xxxxxxxxxxx",null,"xxxxxxxxxxx","xxxxxxxxxxx",null,"Steel or Amporphous","xxxxxxxxxxx","xxxxxxxxxxx","xxxxxxxxxxx",null,"Sealed","xxxxxxxxxx",null,"≤ 1 080 ","≤ 1 500 ","≤ 1 500 ","≤ 900 ","xxxxxxxxxxx",{"$f":"2*R2","v":190},100,null,"No","N/A","N/A","N/A","N/A","N/A","N/A","N/A","N/A","N/A",null,"Yes",400,"xxxxxxxxxxx","≥ 320","≤ 120 ",22,null,"Yes","≥ 30 ",null,"316 Stainless Steel or Mild Steel","≥ 30","316 Stainless Steel or Mild Steel","M12 x 25 ","Yes",null,"Yes",14,"≥ 200","≥ 190","≥ 150",null,null,"xxxxxxxxxxx","xxxxxxxxxxx","xxxxxxxxxxx","Avocado",null,null,"xxxxxxxxxxx","xxxxxxxxxxx","xxxxxxxxxxx","Azure Blue","Report Numbers","Report Numbers",40]
["SWER Isolation, 50kVA 22kV/ 19kV* (Coastal, Ester Oil Only)",null,"xxxxxxxxxxx","xxxxxxxxxxx","xxxxxxxxxxx","xxxxxxxxxxx","xxxxxxxxxxx","xxxxxxxxxxx","Ester Oil",null,50,22,19,50,"1ph","N/A",null,150,200,30,50,8,null,"xxxxxxxxxxx","Grade 3","> 0.125","xxxxxxxxxxx","xxxxxxxxxxx",21,8,"<5",null,"< 5","< 5 ","xxxxxxxxxxx","xxxxxxxxxxx",null,"xxxxxxxxxxx","N/A",null,"xxxxxxxxxxx","xxxxxxxxxxx","xxxxxxxxxxx","≥ 31","Base","Draw lead","M12",null,"xxxxxxxxxxx","xxxxxxxxxxx","xxxxxxxxxxx","≥ 31","Base","Draw lead","M12",null,"xxxxxxxxxxx","xxxxxxxxxxx","xxxxxxxxxxx","≥ 31","Base","Draw lead","M12",null,"xxxxxxxxxxx","xxxxxxxxxxx","xxxxxxxxxxx","M12","N/A","N/A",null,"Distribution",{"v":80500,"d":"80,500"},{"v":17500,"d":"17,500"},110,880,null,"3,0 to 4,5","xxxxxxxxxx",null,"≤ 48 ",null,"xxxxxxxxxxx","xxxxxxxxxxx",null,"xxxxxxxxxxx","xxxxxxxxxxx",null,"Steel or Amporphous","xxxxxxxxxxx","xxxxxxxxxxx","xxxxxxxxxxx",null,"Sealed","xxxxxxxxxx",null,"≤ 1 080 ","≤ 1 500 ","≤ 1 500 ","≤ 900 ","xxxxxxxxxxx",300,100,null,"No","N/A","N/A","N/A","N/A","N/A","N/A","N/A","N/A","N/A",null,"Yes",400,"xxxxxxxxxxx","≥ 320","≤ 120 ",22,null,"Yes","≥ 30 ",null,"316 Stainless Steel or Mild Steel","≥ 30","316 Stainless Steel or Mild Steel","M12 x 25 ","Yes",null,"Yes",14,"≥ 200","≥ 300","≥ 150",null,null,"xxxxxxxxxxx","xxxxxxxxxxx","xxxxxxxxxxx","Avocado",null,null,"xxxxxxxxxxx","xxxxxxxxxxx","xxxxxxxxxxx","Azure Blue","Report Numbers","Report Numbers",40]
["SWER Isolation, 50kVA 33kV/ 19kV* (Coastal, Ester Oil Only)",null,"xxxxxxxxxxx","xxxxxxxxxxx","xxxxxxxxxxx","xxxxxxxxxxx","xxxxxxxxxxx","xxxxxxxxxxx","Ester Oil",null,50,33,19,50,"1ph","N/A",null,200,200,30,70,8,null,"xxxxxxxxxxx","Grade 3","> 0.125","xxxxxxxxxxx","xxxxxxxxxxx",21,8,"<5",null,"< 5","< 5 ","xxxxxxxxxxx","xxxxxxxxxxx",null,"xxxxxxxxxxx","N/A",null,"xxxxxxxxxxx","xxxxxxxxxxx","xxxxxxxxxxx","≥ 31","Base","Draw lead","M12",null,"xxxxxxxxxxx","xxxxxxxxxxx","xxxxxxxxxxx","≥ 31","Base","Draw lead","M12",null,"xxxxxxxxxxx","xxxxxxxxxxx","xxxxxxxxxxx","≥ 31","Base","Draw lead","M12",null,"xxxxxxxxxxx","xxxxxxxxxxx","xxxxxxxxxxx","M12","N/A","N/A",null,"Distribution",{"v":80500,"d":"80,500"},{"v":17500,"d":"17,500"},110,880,null,"3,0 to 4,5","xxxxxxxxxx",null,"≤ 48 ",null,"xxxxxxxxxxx","xxxxxxxxxxx",null,"xxxxxxxxxxx","xxxxxxxxxxx",null,"Steel or Amporphous","xxxxxxxxxxx","xxxxxxxxxxx","xxxxxxxxxxx",null,"Sealed","xxxxxxxxxx",null,"≤ 1 080 ","≤ 1 500 ","≤ 1 500 ","≤ 900 ","xxxxxxxxxxx",400,100,null,"No","N/A","N/A","N/A","N/A","N/A","N/A","N/A","N/A","N/A",null,"Yes",400,"xxxxxxxxxxx","≥ 320","≤ 120 ",22,null,"Yes","≥ 30 ",null,"316 Stainless Steel or Mild Steel","≥ 30","316 Stainless Steel or Mild Steel","M12 x 25 ","Yes",null,"Yes",14,"≥ 200","≥ 400 ","≥ 150",null,null,"xxxxxxxxxxx","xxxxxxxxxxx","xxxxxxxxxxx","Avocado",null,null,"xxxxxxxxxxx","xxxxxxxxxxx","xxxxxxxxxxx","Azure Blue","Report Numbers","Report Numbers",40]
["SWER Isolation, 100kVA 11kV/ 19kV* (Coastal, Ester Oil Only)",null,"xxxxxxxxxxx","xxxxxxxxxxx","xxxxxxxxxxx","xxxxxxxxxxx","xxxxxxxxxxx","xxxxxxxxxxx","Ester Oil",null,100,11,19,50,"1ph","N/A",null,95,200,30,28,8,null,"xxxxxxxxxxx","Grade 3","> 0.125","xxxxxxxxxxx","xxxxxxxxxxx",21,8,"<5",null,"< 5","< 5 ","xxxxxxxxxxx","xxxxxxxxxxx",null,"xxxxxxxxxxx","N/A",null,"xxxxxxxxxxx","xxxxxxxxxxx","xxxxxxxxxxx","≥ 31","Base","Draw lead","M12",null,"xxxxxxxxxxx","xxxxxxxxxxx","xxxxxxxxxxx","≥ 31","Base","Draw lead","M12",null,"xxxxxxxxxxx","xxxxxxxxxxx","xxxxxxxxxxx","≥ 31","Base","Draw lead","M12",null,"xxxxxxxxxxx","xxxxxxxxxxx","xxxxxxxxxxx","M12","N/A","N/A",null,"Distribution",{"v":80500,"d":"80,500"},{"v":17500,"d":"17,500"},190,1500,null,"3,0 to 4,5","xxxxxxxxxx",null,"≤ 48 ",null,"xxxxxxxxxxx","xxxxxxxxxxx",null,"xxxxxxxxxxx","xxxxxxxxxxx",null,"Steel or Amporphous","xxxxxxxxxxx","xxxxxxxxxxx","xxxxxxxxxxx",null,"Sealed","xxxxxxxxxx",null,"≤ 1 080 ","≤ 1 500 ","≤ 1 500 ","≤ 900 ","xxxxxxxxxxx",190,100,null,"No","N/A","N/A","N/A","N/A","N/A","N/A","N/A","N/A","N/A",null,"Yes",400,"xxxxxxxxxxx","≥ 320","≤ 120 ",22,null,"Yes","≥ 30 ",null,"316 Stainless Steel or Mild Steel","≥ 30","316 Stainless Steel or Mild Steel","M12 x 25 ","Yes",null,"Yes",14,"≥ 200","≥ 190","≥ 150",null,null,"xxxxxxxxxxx","xxxxxxxxxxx","xxxxxxxxxxx","Avocado",null,null,"xxxxxxxxxxx","xxxxxxxxxxx","xxxxxxxxxxx","Azure Blue","Report Numbers","Report Numbers",70]
["SWER Isolation, 100kVA 22kV/ 19kV* (Coastal, Ester Oil Only)",null,"xxxxxxxxxxx","xxxxxxxxxxx","xxxxxxxxxxx","xxxxxxxxxxx","xxxxxxxxxxx","xxxxxxxxxxx","Ester Oil",null,100,22,19,50,"1ph","N/A",null,150,200,30,50,8,null,"xxxxxxxxxxx","Grade 3","> 0.125","xxxxxxxxxxx","xxxxxxxxxxx",21,8,"<5",null,"< 5","< 5 ","xxxxxxxxxxx","xxxxxxxxxxx",null,"xxxxxxxxxxx","N/A",null,"xxxxxxxxxxx","xxxxxxxxxxx","xxxxxxxxxxx","≥ 31","Base","Draw lead","M12",null,"xxxxxxxxxxx","xxxxxxxxxxx","xxxxxxxxxxx","≥ 31","Base","Draw lead","M12",null,"xxxxxxxxxxx","xxxxxxxxxxx","xxxxxxxxxxx","≥ 31","Base","Draw lead","M12",null,"xxxxxxxxxxx","xxxxxxxxxxx","xxxxxxxxxxx","M12","N/A","N/A",null,"Distribution",{"v":80500,"d":"80,500"},{"v":17500,"d":"17,500"},190,1500,null,"3,0 to 4,5","xxxxxxxxxx",null,"≤ 48 ",null,"xxxxxxxxxxx","xxxxxxxxxxx",null,"xxxxxxxxxxx","xxxxxxxxxxx",null,"Steel or Amporphous","xxxxxxxxxxx","xxxxxxxxxxx","xxxxxxxxxxx",null,"Sealed","xxxxxxxxxx",null,"≤ 1 080 ","≤ 1 500 ","≤ 1 500 ","≤ 900 ","xxxxxxxxxxx",300,100,null,"No","N/A","N/A","N/A","N/A","N/A","N/A","N/A","N/A","N/A",null,"Yes",400,"xxxxxxxxxxx","≥ 320","≤ 120 ",22,null,"Yes","≥ 30 ",null,"316 Stainless Steel or Mild Steel","≥ 30","316 Stainless Steel or Mild Steel","M12 x 25 ","Yes",null,"Yes",14,"≥ 200","≥ 300","≥ 150",null,null,"xxxxxxxxxxx","xxxxxxxxxxx","xxxxxxxxxxx","Avocado",null,null,"xxxxxxxxxxx","xxxxxxxxxxx","xxxxxxxxxxx","Azure Blue","Report Numbers","Report Numbers",70]
["SWER Isolation, 100kVA 33kV/ 19kV* (Coastal, Ester Oil Only)",null,"xxxxxxxxxxx","xxxxxxxxxxx","xxxxxxxxxxx","xxxxxxxxxxx","xxxxxxxxxxx","xxxxxxxxxxx","Ester Oil",null,100,33,19,50,"1ph","N/A",null,200,200,30,70,8,null,"xxxxxxxxxxx","Grade 3","> 0.125","xxxxxxxxxxx","xxxxxxxxxxx",21,8,"<5",null,"< 5","< 5 ","xxxxxxxxxxx","xxxxxxxxxxx",null,"xxxxxxxxxxx","N/A",null,"xxxxxxxxxxx","xxxxxxxxxxx","xxxxxxxxxxx","≥ 31","Base","Draw lead","M12",null,"xxxxxxxxxxx","xxxxxxxxxxx","xxxxxxxxxxx","≥ 31","Base","Draw lead","M12",null,"xxxxxxxxxxx","xxxxxxxxxxx","xxxxxxxxxxx","≥ 31","Base","Draw lead","M12",null,"xxxxxxxxxxx","xxxxxxxxxxx","xxxxxxxxxxx","M12","N/A","N/A",null,"Distribution",{"v":80500,"d":"80,500"},{"v":17500,"d":"17,500"},190,1500,null,"3,0 to 4,5","xxxxxxxxxx",null,"≤ 48 ",null,"xxxxxxxxxxx","xxxxxxxxxxx",null,"xxxxxxxxxxx","xxxxxxxxxxx",null,"Steel or Amporphous","xxxxxxxxxxx","xxxxxxxxxxx","xxxxxxxxxxx",null,"Sealed","xxxxxxxxxx",null,"≤ 1 080 ","≤ 1 500 ","≤ 1 500 ","≤ 900 ","xxxxxxxxxxx",400,100,null,"No","N/A","N/A","N/A","N/A","N/A","N/A","N/A","N/A","N/A",null,"Yes",400,"xxxxxxxxxxx","≥ 320","≤ 120 ",22,null,"Yes","≥ 30 ",null,"316 Stainless Steel or Mild Steel","≥ 30","316 Stainless Steel or Mild Steel","M12 x 25 ","Yes",null,"Yes",14,"≥ 200","≥ 400 ","≥ 150",null,null,"xxxxxxxxxxx","xxxxxxxxxxx","xxxxxxxxxxx","Avocado",null,null,"xxxxxxxxxxx","xxxxxxxxxxx","xxxxxxxxxxx","Azure Blue","Report Numbers","Report Numbers",70]
["SWER Isolation, 200kVA 11kV/ 19kV* (Coastal, Ester Oil Only)",null,"xxxxxxxxxxx","xxxxxxxxxxx","xxxxxxxxxxx","xxxxxxxxxxx","xxxxxxxxxxx","xxxxxxxxxxx","Ester Oil",null,200,11,19,50,"1ph","N/A",null,95,200,30,28,8,null,"xxxxxxxxxxx","Grade 3","> 0.125","xxxxxxxxxxx","xxxxxxxxxxx",21,8,"<5",null,"< 5","< 5 ","xxxxxxxxxxx","xxxxxxxxxxx",null,"xxxxxxxxxxx","N/A",null,"xxxxxxxxxxx","xxxxxxxxxxx","xxxxxxxxxxx","≥ 31","Base","Draw lead","M12",null,"xxxxxxxxxxx","xxxxxxxxxxx","xxxxxxxxxxx","≥ 31","Base","Draw lead","M12",null,"xxxxxxxxxxx","xxxxxxxxxxx","xxxxxxxxxxx","≥ 31","Base","Draw lead","M12",null,"xxxxxxxxxxx","xxxxxxxxxxx","xxxxxxxxxxx","M12","N/A","N/A",null,"Distribution",{"v":80500,"d":"80,500"},{"v":17500,"d":"17,500"},320,2600,null,"4,0 to 5,0","xxxxxxxxxx",null,"≤ 48 ",null,"xxxxxxxxxxx","xxxxxxxxxxx",null,"xxxxxxxxxxx","xxxxxxxxxxx",null,"Steel or Amporphous","xxxxxxxxxxx","xxxxxxxxxxx","xxxxxxxxxxx",null,"Sealed","xxxxxxxxxx",null,"xxxxxxxxxxx","≤ 1 500","≤ 2 000","≤ 1 700","xxxxxxxxxxx",190,100,null,"No","N/A","N/A","N/A","N/A","N/A","N/A","N/A","N/A","N/A",null,"Yes",400,"xxxxxxxxxxx","≥ 320","≤ 120 ",22,null,"Yes","≥ 30 ",null,"316 Stainless Steel or Mild Steel","≥ 30","316 Stainless Steel or Mild Steel","M12 x 25 ","Yes",null,"Yes",14,"≥ 200","≥ 190","≥ 150",null,null,"xxxxxxxxxxx","xxxxxxxxxxx","xxxxxxxxxxx","Avocado",null,null,"xxxxxxxxxxx","xxxxxxxxxxx","xxxxxxxxxxx","Azure Blue","Report Numbers","Report Numbers",120]
["SWER Isolation, 200kVA 22kV/ 19kV* (Coastal, Ester Oil Only)",null,"xxxxxxxxxxx","xxxxxxxxxxx","xxxxxxxxxxx","xxxxxxxxxxx","xxxxxxxxxxx","xxxxxxxxxxx","Ester Oil",null,200,22,19,50,"1ph","N/A",null,150,200,30,50,8,null,"xxxxxxxxxxx","Grade 3","> 0.125","xxxxxxxxxxx","xxxxxxxxxxx",21,8,"<5",null,"< 5","< 5 ","xxxxxxxxxxx","xxxxxxxxxxx",null,"xxxxxxxxxxx","N/A",null,"xxxxxxxxxxx","xxxxxxxxxxx","xxxxxxxxxxx","≥ 31","Base","Draw lead","M12",null,"xxxxxxxxxxx","xxxxxxxxxxx","xxxxxxxxxxx","≥ 31","Base","Draw lead","M12",null,"xxxxxxxxxxx","xxxxxxxxxxx","xxxxxxxxxxx","≥ 31","Base","Draw lead","M12",null,"xxxxxxxxxxx","xxxxxxxxxxx","xxxxxxxxxxx","M12","N/A","N/A",null,"Distribution",{"v":80500,"d":"80,500"},{"v":17500,"d":"17,500"},320,2600,null,"4,0 to 5,0","xxxxxxxxxx",null,"≤ 48 ",null,"xxxxxxxxxxx","xxxxxxxxxxx",null,"xxxxxxxxxxx","xxxxxxxxxxx",null,"Steel or Amporphous","xxxxxxxxxxx","xxxxxxxxxxx","xxxxxxxxxxx",null,"Sealed","xxxxxxxxxx",null,"xxxxxxxxxxx","≤ 1 500 ","≤ 2000","≤ 1700","xxxxxxxxxxx",300,100,null,"No","N/A","N/A","N/A","N/A","N/A","N/A","N/A","N/A","N/A",null,"Yes",400,"xxxxxxxxxxx","≥ 320","≤ 120 ",22,null,"Yes","≥ 30 ",null,"316 Stainless Steel or Mild Steel","≥ 30","316 Stainless Steel or Mild Steel","M12 x 25 ","Yes",null,"Yes",14,"≥ 200","≥ 300","≥ 150",null,null,"xxxxxxxxxxx","xxxxxxxxxxx","xxxxxxxxxxx","Avocado",null,null,"xxxxxxxxxxx","xxxxxxxxxxx","xxxxxxxxxxx","Azure Blue","Report Numbers","Report Numbers",120]
["SWER Isolation, 200kVA 33kV/ 19kV* (Coastal, Ester Oil Only)",null,"xxxxxxxxxxx","xxxxxxxxxxx","xxxxxxxxxxx","xxxxxxxxxxx","xxxxxxxxxxx","xxxxxxxxxxx","Ester Oil",null,200,33,19,50,"1ph","N/A",null,200,200,30,70,8,null,"xxxxxxxxxxx","Grade 3","> 0.125","xxxxxxxxxxx","xxxxxxxxxxx",21,8,"<5",null,"< 5","< 5 ","xxxxxxxxxxx","xxxxxxxxxxx",null,"xxxxxxxxxxx","N/A",null,"xxxxxxxxxxx","xxxxxxxxxxx","xxxxxxxxxxx","≥ 31","Base","Draw lead","M12",null,"xxxxxxxxxxx","xxxxxxxxxxx","xxxxxxxxxxx","≥ 31","Base","Draw lead","M12",null,"xxxxxxxxxxx","xxxxxxxxxxx","xxxxxxxxxxx","≥ 31","Base","Draw lead","M12",null,"xxxxxxxxxxx","xxxxxxxxxxx","xxxxxxxxxxx","M12","N/A","N/A",null,"Distribution",{"v":80500,"d":"80,500"},{"v":17500,"d":"17,500"},320,2600,null,"4,0 to 5,0","xxxxxxxxxx",null,"≤ 48 ",null,"xxxxxxxxxxx","xxxxxxxxxxx",null,"xxxxxxxxxxx","xxxxxxxxxxx",null,"Steel or Amporphous","xxxxxxxxxxx","xxxxxxxxxxx","xxxxxxxxxxx",null,"Sealed","xxxxxxxxxx",null,"xxxxxxxxxxx","≤ 1 500 ","≤ 2000","≤ 1700","xxxxxxxxxxx",400,100,null,"No","N/A","N/A","N/A","N/A","N/A","N/A","N/A","N/A","N/A",null,"Yes",400,"xxxxxxxxxxx","≥ 320","≤ 120 ",22,null,"Yes","≥ 30 ",null,"316 Stainless Steel or Mild Steel","≥ 30","316 Stainless Steel or Mild Steel","M12 x 25 ","Yes",null,"Yes",14,"≥ 200","≥ 400 ","≥ 150",null,null,"xxxxxxxxxxx","xxxxxxxxxxx","xxxxxxxxxxx","Avocado",null,null,"xxxxxxxxxxx","xxxxxxxxxxx","xxxxxxxxxxx","Azure Blue","Report Numbers","Report Numbers",120]
["SWER Isolation, 400kVA 11kV/ 19kV* (Coastal, Ester Oil Only)",null,"xxxxxxxxxxx","xxxxxxxxxxx","xxxxxxxxxxx","xxxxxxxxxxx","xxxxxxxxxxx","xxxxxxxxxxx","Ester Oil",null,400,11,19,50,"1ph","N/A",null,95,200,30,28,8,null,"xxxxxxxxxxx","Grade 3","> 0.125","xxxxxxxxxxx","xxxxxxxxxxx",21,8,"<5",null,"< 5","< 5 ","xxxxxxxxxxx","xxxxxxxxxxx",null,"xxxxxxxxxxx","N/A",null,"xxxxxxxxxxx","xxxxxxxxxxx","xxxxxxxxxxx","≥ 31","Base","Draw lead","M12",null,"xxxxxxxxxxx","xxxxxxxxxxx","xxxxxxxxxxx","≥ 31","Base","Draw lead","M12",null,"xxxxxxxxxxx","xxxxxxxxxxx","xxxxxxxxxxx","≥ 31","Base","Draw lead","M12",null,"xxxxxxxxxxx","xxxxxxxxxxx","xxxxxxxxxxx","M12","N/A","N/A",null,"Distribution",{"v":80500,"d":"80,500"},{"v":17500,"d":"17,500"},630,5200,null,"4,0 to 5,0","xxxxxxxxxx",null,"≤ 52",null,"xxxxxxxxxxx","xxxxxxxxxxx",null,"xxxxxxxxxxx","xxxxxxxxxxx",null,"Steel or Amporphous","xxxxxxxxxxx","xxxxxxxxxxx","xxxxxxxxxxx",null,"Sealed","xxxxxxxxxx",null,"≤ 1 800","≤ 1 500 ","≤ 2000","≤ 3500","xxxxxxxxxxx",190,100,null,"No","N/A","N/A","N/A","N/A","N/A","N/A","N/A","N/A","N/A",null,"Yes",400,"xxxxxxxxxxx","≥ 320","≤ 120 ",22,null,"Yes","≥ 30 ",null,"316 Stainless Steel or Mild Steel","≥ 30","316 Stainless Steel or Mild Steel","M12 x 25 ","Yes",null,"Yes",14,"≥ 200","≥ 190","≥ 150",null,null,"xxxxxxxxxxx","xxxxxxxxxxx","xxxxxxxxxxx","Avocado",null,null,"xxxxxxxxxxx","xxxxxxxxxxx","xxxxxxxxxxx","Azure Blue","Report Numbers","Report Numbers",230]
["SWER Isolation, 400kVA 22kV/ 19kV* (Coastal, Ester Oil Only)",null,"xxxxxxxxxxx","xxxxxxxxxxx","xxxxxxxxxxx","xxxxxxxxxxx","xxxxxxxxxxx","xxxxxxxxxxx","Ester Oil",null,400,22,19,50,"1ph","N/A",null,150,200,30,50,8,null,"xxxxxxxxxxx","Grade 3","> 0.125","xxxxxxxxxxx","xxxxxxxxxxx",21,8,"<5",null,"< 5","< 5 ","xxxxxxxxxxx","xxxxxxxxxxx",null,"xxxxxxxxxxx","N/A",null,"xxxxxxxxxxx","xxxxxxxxxxx","xxxxxxxxxxx","≥ 31","Base","Draw lead","M12",null,"xxxxxxxxxxx","xxxxxxxxxxx","xxxxxxxxxxx","≥ 31","Base","Draw lead","M12",null,"xxxxxxxxxxx","xxxxxxxxxxx","xxxxxxxxxxx","≥ 31","Base","Draw lead","M12",null,"xxxxxxxxxxx","xxxxxxxxxxx","xxxxxxxxxxx","M12","N/A","N/A",null,"Distribution",{"v":80500,"d":"80,500"},{"v":17500,"d":"17,500"},630,5200,null,"4,0 to 5,0","xxxxxxxxxx",null,"≤ 52",null,"xxxxxxxxxxx","xxxxxxxxxxx",null,"xxxxxxxxxxx","xxxxxxxxxxx",null,"Steel or Amporphous","xxxxxxxxxxx","xxxxxxxxxxx","xxxxxxxxxxx",null,"Sealed","xxxxxxxxxx",null,"≤ 1 800","≤ 1 500 ","≤ 2000","≤ 3500","xxxxxxxxxxx",300,100,null,"No","N/A","N/A","N/A","N/A","N/A","N/A","N/A","N/A","N/A",null,"Yes",400,"xxxxxxxxxxx","≥ 320","≤ 120 ",22,null,"Yes","≥ 30 ",null,"316 Stainless Steel or Mild Steel","≥ 30","316 Stainless Steel or Mild Steel","M12 x 25 ","Yes",null,"Yes",14,"≥ 200","≥ 300","≥ 150",null,null,"xxxxxxxxxxx","xxxxxxxxxxx","xxxxxxxxxxx","Avocado",null,null,"xxxxxxxxxxx","xxxxxxxxxxx","xxxxxxxxxxx","Azure Blue","Report Numbers","Report Numbers",230]
["SWER Isolation, 400kVA 33kV/ 19kV* (Coastal, Ester Oil Only)",null,"xxxxxxxxxxx","xxxxxxxxxxx","xxxxxxxxxxx","xxxxxxxxxxx","xxxxxxxxxxx","xxxxxxxxxxx","Ester Oil",null,400,33,19,50,"1ph","N/A",null,200,200,30,70,8,null,"xxxxxxxxxxx","Grade 3","> 0.125","xxxxxxxxxxx","xxxxxxxxxxx",21,8,"<5",null,"< 5","< 5 ","xxxxxxxxxxx","xxxxxxxxxxx",null,"xxxxxxxxxxx","N/A",null,"xxxxxxxxxxx","xxxxxxxxxxx","xxxxxxxxxxx","≥ 31","Base","Draw lead","M12",null,"xxxxxxxxxxx","xxxxxxxxxxx","xxxxxxxxxxx","≥ 31","Base","Draw lead","M12",null,"xxxxxxxxxxx","xxxxxxxxxxx","xxxxxxxxxxx","≥ 31","Base","Draw lead","M12",null,"xxxxxxxxxxx","xxxxxxxxxxx","xxxxxxxxxxx","M12","N/A","N/A",null,"Distribution",{"v":80500,"d":"80,500"},{"v":17500,"d":"17,500"},630,5200,null,"4,0 to 5,0","xxxxxxxxxx",null,"≤ 52",null,"xxxxxxxxxxx","xxxxxxxxxxx",null,"xxxxxxxxxxx","xxxxxxxxxxx",null,"Steel or Amporphous","xxxxxxxxxxx","xxxxxxxxxxx","xxxxxxxxxxx",null,"Sealed","xxxxxxxxxx",null,"≤ 1 800","≤ 1 500 ","≤ 2000","≤ 3500","xxxxxxxxxxx",400,100,null,"No","N/A","N/A","N/A","N/A","N/A","N/A","N/A","N/A","N/A",null,"Yes",400,"xxxxxxxxxxx","≥ 320","≤ 120 ",22,null,"Yes","≥ 30 ",null,"316 Stainless Steel or Mild Steel","≥ 30","316 Stainless Steel or Mild Steel","M12 x 25 ","Yes",null,"Yes",14,"≥ 200","≥ 400 ","≥ 150",null,null,"xxxxxxxxxxx","xxxxxxxxxxx","xxxxxxxxxxx","Avocado",null,null,"xxxxxxxxxxx","xxxxxxxxxxx","xxxxxxxxxxx","Azure Blue","Report Numbers","Report Numbers",230]
[1,2,3,4,5,6,7,8,9,10,11,12,13,14,15,16,17,18,19,20,21,22,23,24,25,26,27,28,29,30,31,32,33,34,35,36,37,38,39,40,41,42,43,44,45,46,47,48,49,50,51,52,53,54,55,56,57,58,59,60,61,62,63,64,65,66,67,68,69,70,71,72,73,74,75,76,77,78,79,80,81,82,83,84,85,86,87,88,89,90,91,92,93,94,95,96,97,98,99,100,101,102,103,104,105,106,107,108,109,110,111,112,113,114,115,116,117,118,119,120,121,122,123,124,125,126,127,128,129,130,131,132,133,134,135,136,137,138,139,140,141,142,143,144,145,146,147,148,149,150,151]
[{"$nulls":39},"Removed from Schedule","Removed from Schedule","Removed from Schedule","Removed from Schedule","Removed from Schedule","Removed from Schedule","Removed from Schedule","Removed from Schedule",{"$nulls":21},"Removed from Schedule","Removed from Schedule"]

{"sheet":"SWERISOL Schedule Selector","index":2,"n_rows":143,"n_cols":7,"rows_kept":143,"hidden":true,"merged":[[2,5,2,6],[3,5,3,6],[7,5,9,6],[9,1,9,3]]}
[]
[]
[{"$nulls":5},"Specification: DSP 240-45395762 Rev.4"]
[{"$nulls":5},{"$f":"'List of Items & Enquiry number'!B14","v":"Enquiry Number: 123456XYZ"}]
[]
[{"$nulls":3},"TECHNICAL SCHEDULES A & B FOR \nPOLE-MOUNTED  DISTRIBUTION TRANSFORMERS"]
[{"$nulls":3},"SWER Isolation, 50kVA 11kV/ 19kV* (Coastal, Ester Oil Only)"]
[{"$nulls":3},"* rated no-load voltage of the secondary shall be 19 kV (phase to ground)",null,"Deviations from the specific requirements stated in Schedule A must be recorded and explained in the Deviation Schedule"]
[null,"Schedule A:  Purchaser's specific requirements"]
[null,"Schedule B:  Guarantees and technical particulars of equipment offered"]
[null,"Item","Sub-clause of 240- 45395762","Description",null,"Schedule A","Schedule B"]
[null,1,null,"Identification"]
[null,1.1,null,"Name of manufacturer",null,{"$f":"VLOOKUP($D$7,'Source Data'!$A$2:$EU$28,3,FALSE)","v":"xxxxxxxxxxx"}]
[null,1.2000000000000002,null,"Name of supplier",null,{"$f":"VLOOKUP($D$7,'Source Data'!$A$2:$EU$28,4,FALSE)","v":"xxxxxxxxxxx"}]
[null,1.3,null,"Product code for Coastal transformers",null,{"$f":"VLOOKUP($D$7,'Source Data'!$A$2:$EU$28,6,FALSE)","v":"xxxxxxxxxxx"}]
[null,1.4,null,"Are the transformers covered by the SANS 780 certification mark?",null,{"$f":"VLOOKUP($D$7,'Source Data'!$A$2:$EU$28,7,FALSE)","v":"xxxxxxxxxxx"}]
[null,1.5,null,"State SANS 780 permit number",null,{"$f":"VLOOKUP($D$7,'Source Data'!$A$2:$EU$28,8,FALSE)","v":"xxxxxxxxxxx"}]
[null,1.6,null,"Oil Type",null,{"$f":"VLOOKUP($D$7,'Source Data'!$A$2:$EU$28,9,FALSE)","v":"Ester Oil"}]
[null,2,"3.2.2","Ratings"]
[null,2.1,null,"Power rating","kVA",{"$f":"VLOOKUP($D$7,'Source Data'!$A$2:$EU$28,11,FALSE)","v":50}]
[null,2.2,null,"Rated primary voltage","kV",{"$f":"VLOOKUP($D$7,'Source Data'!$A$2:$EU$28,12,FALSE)","v":11}]
[null,2.3000000000000003,null,"Rated no-load secondary voltage (phase to ground)","kV",{"$f":"VLOOKUP($D$7,'Source Data'!$A$2:$EU$28,13,FALSE)","v":19}]
[null,2.4000000000000004,null,"Frequency","Hz",{"$f":"VLOOKUP($D$7,'Source Data'!$A$2:$EU$28,14,FALSE)","v":50}]
[null,2.5,null,"Number of phases",null,{"$f":"VLOOKUP($D$7,'Source Data'!$A$2:$EU$28,15,FALSE)","v":"1ph"}]
[null,2.6,null,"Vector Group",null,{"$f":"VLOOKUP($D$7,'Source Data'!$A$2:$EU$28,16,FALSE)","v":"N/A"},"xxxxxxxxxxx"]
[null,3,"3.2.5","Insulation levels"]
[null,3.1,null,"BIL - Primary","kV",{"$f":"VLOOKUP($D$7,'Source Data'!$A$2:$EU$28,18,FALSE)","v":95}]
[null,3.2,null,"BIL - Secondary Line Terminal","kV",{"$f":"VLOOKUP($D$7,'Source Data'!$A$2:$EU$28,19,FALSE)","v":200}]
[null,3.3,null,"BIL - Secondary Neutral Terminal","kV",{"$f":"VLOOKUP($D$7,'Source Data'!$A$2:$EU$28,20,FALSE)","v":30}]
[null,3.4,null,"Power frequency withstand voltage - Primary","kV",{"$f":"VLOOKUP($D$7,'Source Data'!$A$2:$EU$28,21,FALSE)","v":28}]
[null,3.5,null,"Power frequency withstand voltage – Secondary","kV",{"$f":"VLOOKUP($D$7,'Source Data'!$A$2:$EU$28,22,FALSE)","v":8}]
[null,4,"3.2.8","Inter-turn winding insulation"]
[null,4.1,null,"Type (Enamel or Paper)",null,{"$f":"VLOOKUP($D$7,'Source Data'!$A$2:$EU$28,24,FALSE)","v":"xxxxxxxxxxx"}]
[null,4.199999999999999,null,"Enamel grade (if applicable)",null,{"$f":"VLOOKUP($D$7,'Source Data'!$A$2:$EU$28,25,FALSE)","v":"Grade 3"}]
[null,4.3,null,"Paper thickness (if applicable)","mm",{"$f":"VLOOKUP($D$7,'Source Data'!$A$2:$EU$28,26,FALSE)","v":"> 0.125"}]
[null,4.3999999999999995,null,"Paper type (if applicable)",null,{"$f":"VLOOKUP($D$7,'Source Data'!$A$2:$EU$28,27,FALSE)","v":"xxxxxxxxxxx"}]
[null,4.5,null,"Paper make (if applicable)",null,{"$f":"VLOOKUP($D$7,'Source Data'!$A$2:$EU$28,28,FALSE)","v":"xxxxxxxxxxx"}]
[null,4.6,null,"Paper minimum impulse withstand","kV",{"$f":"VLOOKUP($D$7,'Source Data'!$A$2:$EU$28,29,FALSE)","v":21}]
[null,4.7,null,"Paper minimum power frequency withstand ","kV",{"$f":"VLOOKUP($D$7,'Source Data'!$A$2:$EU$28,30,FALSE)","v":8}]
[null,4.8,null,"Inter-turn winding insulation stress shall not exceed 5 kV/mm","kV/mm",{"$f":"VLOOKUP($D$7,'Source Data'!$A$2:$EU$28,31,FALSE)","v":"<5"}]
[null,5,"3.2.9","Interlayer insulation"]
[null,5.1,null,"Highest interlayer stress in non-tap part of winding (<5kV/mm is not acceptable as the calculated value must be presented)","kV/mm",{"$f":"VLOOKUP($D$7,'Source Data'!$A$2:$EU$28,33,FALSE)","v":"< 5"}]
[null,5.199999999999999,null,"Highest interlayer stress in tap part of winding (<5kV/mm is not acceptable as the calculated value must be presented)","kV/mm",{"$f":"VLOOKUP($D$7,'Source Data'!$A$2:$EU$28,34,FALSE)","v":"< 5 "}]
[null,5.3,null,"Paper type.",null,{"$f":"VLOOKUP($D$7,'Source Data'!$A$2:$EU$28,35,FALSE)","v":"xxxxxxxxxxx"}]
[null,5.3999999999999995,null,"Paper make.",null,{"$f":"VLOOKUP($D$7,'Source Data'!$A$2:$EU$28,36,FALSE)","v":"xxxxxxxxxxx"}]
[null,6,"3.2.10","Tapping connections"]
[null,6.1,null,"No tap connections shall be provided on SWER isolation transformers",null,{"$f":"VLOOKUP($D$7,'Source Data'!$A$2:$EU$28,38,FALSE)","v":"xxxxxxxxxxx"},"xxxxxxxxxxx"]
[null,7,"3.2.11","Primary MV Bushings for Coastal Transformers"]
[null,7.1,null,"Make ",null,{"$f":"VLOOKUP($D$7,'Source Data'!$A$2:$EU$28,49,FALSE)","v":"xxxxxxxxxxx"}]
[null,7.2,null,"Product code",null,{"$f":"VLOOKUP($D$7,'Source Data'!$A$2:$EU$28,50,FALSE)","v":"xxxxxxxxxxx"}]
[null,7.3,null,"Material (e.g. Porcelain)",null,{"$f":"VLOOKUP($D$7,'Source Data'!$A$2:$EU$28,51,FALSE)","v":"xxxxxxxxxxx"}]
[null,7.4,null,"Specific creepage distance","mm/kV",{"$f":"VLOOKUP($D$7,'Source Data'!$A$2:$EU$28,52,FALSE)","v":"≥ 31"}]
[null,7.5,null,"Clamping",null,{"$f":"VLOOKUP($D$7,'Source Data'!$A$2:$EU$28,53,FALSE)","v":"Base"}]
[null,7.6,null,"Type",null,{"$f":"VLOOKUP($D$7,'Source Data'!$A$2:$EU$28,54,FALSE)","v":"Draw lead"}]
[null,7.7,null,"Stem diameter",null,{"$f":"VLOOKUP($D$7,'Source Data'!$A$2:$EU$28,55,FALSE)","v":"M12"}]
[null,7.8,"3.2.11","Secondary MV Bushings for Coastal Transformers"]
[null,7.9,null,"Make ",null,{"$f":"VLOOKUP($D$7,'Source Data'!$A$2:$EU$28,57,FALSE)","v":"xxxxxxxxxxx"}]
[null,"7.10",null,"Product code",null,{"$f":"VLOOKUP($D$7,'Source Data'!$A$2:$EU$28,58,FALSE)","v":"xxxxxxxxxxx"}]
[null,"7.11",null,"Material (e.g. Porcelain)",null,{"$f":"VLOOKUP($D$7,'Source Data'!$A$2:$EU$28,59,FALSE)","v":"xxxxxxxxxxx"}]
[null,"7.12",null,"Specific creepage distance",null,{"$f":"VLOOKUP($D$7,'Source Data'!$A$2:$EU$28,60,FALSE)","v":"≥ 31"}]
[null,"7.13",null,"Clamping",null,{"$f":"VLOOKUP($D$7,'Source Data'!$A$2:$EU$28,61,FALSE)","v":"Base"}]
[null,"7.14",null,"Type",null,{"$f":"VLOOKUP($D$7,'Source Data'!$A$2:$EU$28,62,FALSE)","v":"Draw lead"}]
[null,"7.15",null,"Stem diameter",null,{"$f":"VLOOKUP($D$7,'Source Data'!$A$2:$EU$28,63,FALSE)","v":"M12"}]
[null,8,"3.2.11","Secondary LV Bushings for Coastal Transformers"]
[null,8.1,null,"Make ",null,{"$f":"VLOOKUP($D$7,'Source Data'!$A$2:$EU$28,65,FALSE)","v":"xxxxxxxxxxx"}]
[null,8.2,null,"Product code",null,{"$f":"VLOOKUP($D$7,'Source Data'!$A$2:$EU$28,66,FALSE)","v":"xxxxxxxxxxx"}]
[null,8.3,null,"Material (e.g. Porcelain)",null,{"$f":"VLOOKUP($D$7,'Source Data'!$A$2:$EU$28,67,FALSE)","v":"xxxxxxxxxxx"}]
[null,8.4,null,"Stem diameter",null,{"$f":"VLOOKUP($D$7,'Source Data'!$A$2:$EU$28,68,FALSE)","v":"M12"}]
[null,9,"3.2.14","Losses"]
[null,9.1,null,"Loss factor base (Cost of Dx or Gx) ",null,{"$f":"VLOOKUP($D$7,'Source Data'!$A$2:$EU$28,72,FALSE)","v":"Distribution"},"xxxxxxxxxxx"]
[null,9.2,null,"No-load Loss Factor, NLLF ","R/kW",{"$f":"VLOOKUP($D$7,'Source Data'!$A$2:$EU$28,73,FALSE)","v":80500},"xxxxxxxxxxx"]
[null,9.3,null,"Load Loss Factor, LLF","R/kW",{"$f":"VLOOKUP($D$7,'Source Data'!$A$2:$EU$28,74,FALSE)","v":17500},"xxxxxxxxxxx"]
[null,9.4,null,"Guaranteed no-load losses, PNL (Steel Core)","W",{"$f":"VLOOKUP($D$7,'Source Data'!$A$2:$EU$28,75,FALSE)","v":110}]
[null,9.5,null,"Guaranteed no-load losses, PNL (only if Amorphous Core is offered)","W",{"$f":"VLOOKUP($D$7,'Source Data'!$A$2:$EU$28,151,FALSE)","v":40}]
[null,9.6,null,"Guaranteed load losses, PLL","W",{"$f":"VLOOKUP($D$7,'Source Data'!$A$2:$EU$28,76,FALSE)","v":880}]
[null,10,"3.2.14","Impedance voltage & X/R ratio"]
[null,10.1,null,"Impedance at principle tapping (specific design impedances to be stated)","%",{"$f":"VLOOKUP($D$7,'Source Data'!$A$2:$EU$28,78,FALSE)","v":"3,0 to 4,5"}]
[null,10.2,null,"X/R ratio",null,{"$f":"VLOOKUP($D$7,'Source Data'!$A$2:$EU$28,79,FALSE)","v":"xxxxxxxxxx"}]
[null,11,null,"Audio-sound level (clause 8.5.3 of SANS 780)"]
[null,11.1,null,"Maximum limit of transformer audio-sound level","db(A)",{"$f":"VLOOKUP($D$7,'Source Data'!$A$2:$EU$28,81,FALSE)","v":"≤ 48 "}]
[null,12,null,"MV winding wire"]
[null,12.1,null,"Material (e.g. Cu or Al)",null,{"$f":"VLOOKUP($D$7,'Source Data'!$A$2:$EU$28,83,FALSE)","v":"xxxxxxxxxxx"}]
[null,12.2,null,"Type (e.g. Round, Strip or Foil)",null,{"$f":"VLOOKUP($D$7,'Source Data'!$A$2:$EU$28,84,FALSE)","v":"xxxxxxxxxxx"}]
[null,13,null,"Secondary winding wire"]
[null,13.1,null,"Material (e.g. Cu or Al)",null,{"$f":"VLOOKUP($D$7,'Source Data'!$A$2:$EU$28,86,FALSE)","v":"xxxxxxxxxxx"}]
[null,13.2,null,"Type (e.g. Round, Strip or Foil)",null,{"$f":"VLOOKUP($D$7,'Source Data'!$A$2:$EU$28,87,FALSE)","v":"xxxxxxxxxxx"}]
[null,14,null,"Core material"]
[null,14.1,null,"Core material ",null,{"$f":"VLOOKUP($D$7,'Source Data'!$A$2:$EU$28,89,FALSE)","v":"Steel or Amporphous"}]
[null,14.2,null,"Type/code ",null,{"$f":"VLOOKUP($D$7,'Source Data'!$A$2:$EU$28,90,FALSE)","v":"xxxxxxxxxxx"}]
[null,14.3,null,"Maximum Flux Density of Material",null,{"$f":"VLOOKUP($D$7,'Source Data'!$A$2:$EU$28,91,FALSE)","v":"xxxxxxxxxxx"}]
[null,14.4,null,"Supplier",null,{"$f":"VLOOKUP($D$7,'Source Data'!$A$2:$EU$28,92,FALSE)","v":"xxxxxxxxxxx"}]
[null,15,"3.3.2","Tank and tank cover"]
[null,15.1,null,"Tank type: Sealed",null,{"$f":"VLOOKUP($D$7,'Source Data'!$A$2:$EU$28,94,FALSE)","v":"Sealed"}]
[null,15.2,null,"Plain, rigid or corrugated",null,{"$f":"VLOOKUP($D$7,'Source Data'!$A$2:$EU$28,95,FALSE)","v":"xxxxxxxxxx"}]
[null,16,"3.3.3","Transformer dimensions"]
[null,16.1,"Figure 12","Wo (including surge arrester)","mm",{"$f":"VLOOKUP($D$7,'Source Data'!$A$2:$EU$28,97,FALSE)","v":"≤ 1 080 "}]
[null,16.2,"Figure 12","Lo","mm",{"$f":"VLOOKUP($D$7,'Source Data'!$A$2:$EU$28,98,FALSE)","v":"≤ 1 500 "}]
[null,16.3,"Figure 12","Ht","mm",{"$f":"VLOOKUP($D$7,'Source Data'!$A$2:$EU$28,99,FALSE)","v":"≤ 1 500 "}]
[null,16.4,"Figure 12","Mass","kg",{"$f":"VLOOKUP($D$7,'Source Data'!$A$2:$EU$28,100,FALSE)","v":"≤ 900 "}]
[null,16.5,null,"Oil capacity","l",{"$f":"VLOOKUP($D$7,'Source Data'!$A$2:$EU$28,101,FALSE)","v":"xxxxxxxxxxx"}]
[null,16.6,null,"Minimum clearance between live MV terminals and from MV live terminals to any part of the tank greater than twice the BIL ","mm",{"$f":"VLOOKUP($D$7,'Source Data'!$A$2:$EU$28,102,FALSE)","v":190}]
[null,16.7,"3.3.4","Minimum mechanical clearance of 100 mm between the brackets and LV bushings shall be maintained","mm",{"$f":"VLOOKUP($D$7,'Source Data'!$A$2:$EU$28,103,FALSE)","v":100}]
[null,17,"3.3.4","Pole mounting bracket"]
[null,17.1,null,"Single pole mounting bracket required? (Yes or No)",null,{"$f":"VLOOKUP($D$7,'Source Data'!$A$2:$EU$28,105,FALSE)","v":"No"},"xxxxxxxxxxx"]
[null,"17.2.1",null,"Supplied with: - 2 x clamps",null,{"$f":"VLOOKUP($D$7,'Source Data'!$A$2:$EU$28,106,FALSE)","v":"N/A"},"xxxxxxxxxxx"]
[null,"17.2.2",null,"                     - 1 x threaded rod (M20 x 350 mm)",null,{"$f":"VLOOKUP($D$7,'Source Data'!$A$2:$EU$28,107,FALSE)","v":"N/A"},"xxxxxxxxxxx"]
[null,"17.2.3",null,"                     - 4 x threaded rods (M20 x 250 mm)",null,{"$f":"VLOOKUP($D$7,'Source Data'!$A$2:$EU$28,108,FALSE)","v":"N/A"},"xxxxxxxxxxx"]
[null,"17.2.4",null,"                     - 12 x nuts, flat washers & spring washers (M20)",null,{"$f":"VLOOKUP($D$7,'Source Data'!$A$2:$EU$28,109,FALSE)","v":"N/A"}]
[null,17.2,null,"Dimension Mo","mm",{"$f":"VLOOKUP($D$7,'Source Data'!$A$2:$EU$28,110,FALSE)","v":"N/A"},"xxxxxxxxxxx"]
[null,17.3,null,"Dimension h1","mm",{"$f":"VLOOKUP($D$7,'Source Data'!$A$2:$EU$28,111,FALSE)","v":"N/A"},"xxxxxxxxxxx"]
[null,17.4,null,"Dimension W1","mm",{"$f":"VLOOKUP($D$7,'Source Data'!$A$2:$EU$28,112,FALSE)","v":"N/A"},"xxxxxxxxxxx"]
[null,17.5,null,"Mounting hole diameter","mm",{"$f":"VLOOKUP($D$7,'Source Data'!$A$2:$EU$28,113,FALSE)","v":"N/A"},"xxxxxxxxxxx"]
[null,17.6,null,"Mounting hole centres","mm",{"$f":"VLOOKUP($D$7,'Source Data'!$A$2:$EU$28,114,FALSE)","v":"N/A"},"xxxxxxxxxxx"]
[null,18,"3.3.5","Transformer under base"]
[null,18.1,null,"Under base required? (Yes or No)",null,{"$f":"VLOOKUP($D$7,'Source Data'!$A$2:$EU$28,116,FALSE)","v":"Yes"},"xxxxxxxxxxx"]
[null,18.2,"Figure 15","Lml","mm",{"$f":"VLOOKUP($D$7,'Source Data'!$A$2:$EU$28,117,FALSE)","v":400}]
[null,18.3,"Figure 15","Lmw (300, 400 or 450)","mm",{"$f":"VLOOKUP($D$7,'Source Data'!$A$2:$EU$28,118,FALSE)","v":"xxxxxxxxxxx"}]
[null,18.4,"Figure 15","Ls","mm",{"$f":"VLOOKUP($D$7,'Source Data'!$A$2:$EU$28,119,FALSE)","v":"≥ 320"}]
[null,18.5,"Figure 15","Lmh","mm",{"$f":"VLOOKUP($D$7,'Source Data'!$A$2:$EU$28,110,FALSE)","v":"N/A"}]
[null,18.6,"Figure 15","Mounting hole diameter","mm",{"$f":"VLOOKUP($D$7,'Source Data'!$A$2:$EU$28,111,FALSE)","v":"N/A"}]
[null,19,"3.3.6","Lifting lugs"]
[null,19.1,null,"Lifting lugs fitted",null,{"$f":"VLOOKUP($D$7,'Source Data'!$A$2:$EU$28,123,FALSE)","v":"Yes"}]
[null,19.2,null,"Hole diameter","mm",{"$f":"VLOOKUP($D$7,'Source Data'!$A$2:$EU$28,124,FALSE)","v":"≥ 30 "}]
[null,20,"3.3.7","Earthing terminals"]
[null,20.1,null,"Boss material ",null,{"$f":"VLOOKUP($D$7,'Source Data'!$A$2:$EU$28,126,FALSE)","v":"316 Stainless Steel or Mild Steel"}]
[null,20.2,null,"Boss depth","mm",{"$f":"VLOOKUP($D$7,'Source Data'!$A$2:$EU$28,127,FALSE)","v":"≥ 30"}]
[null,20.3,null,"Set screw material",null,{"$f":"VLOOKUP($D$7,'Source Data'!$A$2:$EU$28,128,FALSE)","v":"316 Stainless Steel or Mild Steel"}]
[null,20.4,null,"Set screw dimensions","mm",{"$f":"VLOOKUP($D$7,'Source Data'!$A$2:$EU$28,129,FALSE)","v":"M12 x 25 "}]
[null,20.5,null,"Supplied with washer and spring washer",null,{"$f":"VLOOKUP($D$7,'Source Data'!$A$2:$EU$28,130,FALSE)","v":"Yes"}]
[null,21,"3.3.8","Surge arrester brackets"]
[null,21.1,null,"Surge arrester brackets fitted",null,{"$f":"VLOOKUP($D$7,'Source Data'!$A$2:$EU$28,132,FALSE)","v":"Yes"}]
[null,21.2,"Figure 17","Mounting hole diameter","mm",{"$f":"VLOOKUP($D$7,'Source Data'!$A$2:$EU$28,133,FALSE)","v":14}]
[null,21.3,"Figure 17","Dimension D (worst case)","mm",{"$f":"VLOOKUP($D$7,'Source Data'!$A$2:$EU$28,134,FALSE)","v":"≥ 200"}]
[null,21.4,"Figure 17","Dimension E (worst case)","mm",{"$f":"VLOOKUP($D$7,'Source Data'!$A$2:$EU$28,135,FALSE)","v":"≥ 190"}]
[null,21.5,"Figure 17","Dimension F (worst case)","mm",{"$f":"VLOOKUP($D$7,'Source Data'!$A$2:$EU$28,136,FALSE)","v":"≥ 150"}]
[null,22,3.4,"Corrosion protection for Coastal transformers"]
[null,22.1,null,"Indicate the coating system (i.e. DS numbers according to DSP 240-75655504) that is offered. (e.g. DS-14 + DS-15 for zinc sprayed mild steel with duplex coating)"]
[null,22.2,null,"Tank ",null,{"$f":"VLOOKUP($D$7,'Source Data'!$A$2:$EU$28,145,FALSE)","v":"xxxxxxxxxxx"}]
[null,22.3,null,"Radiators",null,{"$f":"VLOOKUP($D$7,'Source Data'!$A$2:$EU$28,146,FALSE)","v":"xxxxxxxxxxx"}]
[null,22.4,null,"Threaded rods and accessories",null,{"$f":"VLOOKUP($D$7,'Source Data'!$A$2:$EU$28,147,FALSE)","v":"xxxxxxxxxxx"}]
[null,22.5,null,"Colour of final coat",null,{"$f":"VLOOKUP($D$7,'Source Data'!$A$2:$EU$28,148,FALSE)","v":"Azure Blue"}]
[null,23,4.2,"All Type Tests in Accordance with SANS 780:\n\n• Temperature rise test \n• Dielectric type test\n• Tank stiffness test \n• Corrugated tank fatigue test\n• Equivalent disturbing current test (This test is only applicable to SWER transformers)\n• Short Circuit Withstand Test\n• Natural ageing and pollution performance test",null,{"$f":"VLOOKUP($D$7,'Source Data'!$A$2:$EU$28,149,FALSE)","v":"Report Numbers"}]
[null,24,4.3,"All Routine Tests in Accordance with SANS 780:\n\n• Measurement of winding resistance\n• Measurement of voltage ratio and phase displacement\n• Measurement of short-circuit impedance and load loss\n• Measurement of no-load loss and current\n• Separate source voltage test\n• Induced overvoltage test\n• Measurement of paint thickness\n• Test for effectiveness of sealing\n• Measurement of secondary voltage across outer two terminals to be 484 V. (Only applicable to dual-phase transformers.) \n• Measurement of insulation resistance test\n• Reactance (%)\n• Dielectric routine tests\n• Vector group test ",null,{"$f":"VLOOKUP($D$7,'Source Data'!$A$2:$EU$28,150,FALSE)","v":"Report Numbers"}]

{"sheet":"Deviation Schedule","index":3,"n_rows":44,"n_cols":9,"rows_kept":44,"merged":[[0,0,0,6],[1,0,1,6],[2,0,2,6],[2,8,2,10],[3,0,3,6],[4,2,4,6],[5,2,5,6],[6,2,6,6],[7,2,7,6],[8,2,8,6],[9,2,9,6],[10,2,10,6],[11,2,11,6],[12,2,12,6],[13,2,13,6],[14,2,14,6],[15,2,15,6],[16,2,16,6],[17,2,17,6],[18,2,18,6],[19,2,19,6],[20,2,20,6],[21,2,21,6],[22,2,22,6],[23,2,23,6],[24,2,24,6],[25,2,25,6],[26,2,26,6],[27,2,27,6],[28,2,28,6],[29,2,29,6],[30,2,30,6],[31,2,31,6],[32,2,32,6],[33,2,33,6],[34,2,34,6],[36,1,36,6],[39,1,39,3],[39,5,39,6],[43,1,43,3],[43,5,43,6]]}
["Deviation schedule"]
["Specification: DSP 240-45395762 Rev.4  Enquiry no.: "]
["SAP No.: ",{"$nulls":7}," BIDDER TO STATE SAP NUMBER"]
["Any deviations offered to this specification shall be listed below with reasons for deviation.  In addition, evidence shall be provided that the proposed deviation will at least be more cost-effective that that specified by Eskom."]
["Item","Clause","Description of Deviation"]
{"$rows_empty":31}
[null,"SUPPLIER SIGNATURES"]
[]
[null,"         "]
[null,"Name (Print)",{"$nulls":3},"Company Name"]
[]
[]
[]
[null,"Sign",{"$nulls":3},"Date"]

{"sheet":"0180281","index":4,"n_rows":143,"n_cols":7,"rows_kept":143,"merged":[[2,5,2,6],[3,5,3,6],[7,5,9,6],[9,1,9,3]]}
[]
[]
[{"$nulls":5},"Specification: DSP 240-45395762 Rev.4"]
[{"$nulls":5},{"$f":"'List of Items & Enquiry number'!B14","v":"Enquiry Number: 123456XYZ"}]
[]
[{"$nulls":3},"TECHNICAL SCHEDULES A & B FOR \nPOLE-MOUNTED  DISTRIBUTION TRANSFORMERS"]
[{"$nulls":3},"SWER Isolation, 50kVA 11kV/ 19kV* (Coastal, Ester Oil Only)"]
[{"$nulls":3},"* rated no-load voltage of the secondary shall be 19 kV (phase to ground)",null,"Deviations from the specific requirements stated in Schedule A must be recorded and explained in the Deviation Schedule"]
[null,"Schedule A:  Purchaser's specific requirements"]
[null,"Schedule B:  Guarantees and technical particulars of equipment offered"]
[null,"Item","Sub-clause of 240- 45395762","Description",null,"Schedule A","Schedule B"]
[null,1,null,"Identification"]
[null,1.1,null,"Name of manufacturer",null,{"$f":"VLOOKUP($D$7,'Source Data'!$A$2:$EU$28,3,FALSE)","v":"xxxxxxxxxxx"}]
[null,1.2000000000000002,null,"Name of supplier",null,{"$f":"VLOOKUP($D$7,'Source Data'!$A$2:$EU$28,4,FALSE)","v":"xxxxxxxxxxx"}]
[null,1.3,null,"Product code for Coastal transformers",null,{"$f":"VLOOKUP($D$7,'Source Data'!$A$2:$EU$28,6,FALSE)","v":"xxxxxxxxxxx"}]
[null,1.4,null,"Are the transformers covered by the SANS 780 certification mark?",null,{"$f":"VLOOKUP($D$7,'Source Data'!$A$2:$EU$28,7,FALSE)","v":"xxxxxxxxxxx"}]
[null,1.5,null,"State SANS 780 permit number",null,{"$f":"VLOOKUP($D$7,'Source Data'!$A$2:$EU$28,8,FALSE)","v":"xxxxxxxxxxx"}]
[null,1.6,null,"Oil Type",null,{"$f":"VLOOKUP($D$7,'Source Data'!$A$2:$EU$28,9,FALSE)","v":"Ester Oil"}]
[null,2,"3.2.2","Ratings"]
[null,2.1,null,"Power rating","kVA",{"$f":"VLOOKUP($D$7,'Source Data'!$A$2:$EU$28,11,FALSE)","v":50}]
[null,2.2,null,"Rated primary voltage","kV",{"$f":"VLOOKUP($D$7,'Source Data'!$A$2:$EU$28,12,FALSE)","v":11}]
[null,2.3000000000000003,null,"Rated no-load secondary voltage (phase to ground)","kV",{"$f":"VLOOKUP($D$7,'Source Data'!$A$2:$EU$28,13,FALSE)","v":19}]
[null,2.4000000000000004,null,"Frequency","Hz",{"$f":"VLOOKUP($D$7,'Source Data'!$A$2:$EU$28,14,FALSE)","v":50}]
[null,2.5,null,"Number of phases",null,{"$f":"VLOOKUP($D$7,'Source Data'!$A$2:$EU$28,15,FALSE)","v":"1ph"}]
[null,2.6,null,"Vector Group",null,{"$f":"VLOOKUP($D$7,'Source Data'!$A$2:$EU$28,16,FALSE)","v":"N/A"},"xxxxxxxxxxx"]
[null,3,"3.2.5","Insulation levels"]
[null,3.1,null,"BIL - Primary","kV",{"$f":"VLOOKUP($D$7,'Source Data'!$A$2:$EU$28,18,FALSE)","v":95}]
[null,3.2,null,"BIL - Secondary Line Terminal","kV",{"$f":"VLOOKUP($D$7,'Source Data'!$A$2:$EU$28,19,FALSE)","v":200}]
[null,3.3,null,"BIL - Secondary Neutral Terminal","kV",{"$f":"VLOOKUP($D$7,'Source Data'!$A$2:$EU$28,20,FALSE)","v":30}]
[null,3.4,null,"Power frequency withstand voltage - Primary","kV",{"$f":"VLOOKUP($D$7,'Source Data'!$A$2:$EU$28,21,FALSE)","v":28}]
[null,3.5,null,"Power frequency withstand voltage – Secondary","kV",{"$f":"VLOOKUP($D$7,'Source Data'!$A$2:$EU$28,22,FALSE)","v":8}]
[null,4,"3.2.8","Inter-turn winding insulation"]
[null,4.1,null,"Type (Enamel or Paper)",null,{"$f":"VLOOKUP($D$7,'Source Data'!$A$2:$EU$28,24,FALSE)","v":"xxxxxxxxxxx"}]
[null,4.199999999999999,null,"Enamel grade (if applicable)",null,{"$f":"VLOOKUP($D$7,'Source Data'!$A$2:$EU$28,25,FALSE)","v":"Grade 3"}]
[null,4.3,null,"Paper thickness (if applicable)","mm",{"$f":"VLOOKUP($D$7,'Source Data'!$A$2:$EU$28,26,FALSE)","v":"> 0.125"}]
[null,4.3999999999999995,null,"Paper type (if applicable)",null,{"$f":"VLOOKUP($D$7,'Source Data'!$A$2:$EU$28,27,FALSE)","v":"xxxxxxxxxxx"}]
[null,4.5,null,"Paper make (if applicable)",null,{"$f":"VLOOKUP($D$7,'Source Data'!$A$2:$EU$28,28,FALSE)","v":"xxxxxxxxxxx"}]
[null,4.6,null,"Paper minimum impulse withstand","kV",{"$f":"VLOOKUP($D$7,'Source Data'!$A$2:$EU$28,29,FALSE)","v":21}]
[null,4.7,null,"Paper minimum power frequency withstand ","kV",{"$f":"VLOOKUP($D$7,'Source Data'!$A$2:$EU$28,30,FALSE)","v":8}]
[null,4.8,null,"Inter-turn winding insulation stress shall not exceed 5 kV/mm","kV/mm",{"$f":"VLOOKUP($D$7,'Source Data'!$A$2:$EU$28,31,FALSE)","v":"<5"}]
[null,5,"3.2.9","Interlayer insulation"]
[null,5.1,null,"Highest interlayer stress in non-tap part of winding (<5kV/mm is not acceptable as the calculated value must be presented)","kV/mm",{"$f":"VLOOKUP($D$7,'Source Data'!$A$2:$EU$28,33,FALSE)","v":"< 5"}]
[null,5.199999999999999,null,"Highest interlayer stress in tap part of winding (<5kV/mm is not acceptable as the calculated value must be presented)","kV/mm",{"$f":"VLOOKUP($D$7,'Source Data'!$A$2:$EU$28,34,FALSE)","v":"< 5 "}]
[null,5.3,null,"Paper type.",null,{"$f":"VLOOKUP($D$7,'Source Data'!$A$2:$EU$28,35,FALSE)","v":"xxxxxxxxxxx"}]
[null,5.3999999999999995,null,"Paper make.",null,{"$f":"VLOOKUP($D$7,'Source Data'!$A$2:$EU$28,36,FALSE)","v":"xxxxxxxxxxx"}]
[null,6,"3.2.10","Tapping connections"]
[null,6.1,null,"No tap connections shall be provided on SWER isolation transformers",null,{"$f":"VLOOKUP($D$7,'Source Data'!$A$2:$EU$28,38,FALSE)","v":"xxxxxxxxxxx"},"xxxxxxxxxxx"]
[null,7,"3.2.11","Primary MV Bushings for Coastal Transformers"]
[null,7.1,null,"Make ",null,{"$f":"VLOOKUP($D$7,'Source Data'!$A$2:$EU$28,49,FALSE)","v":"xxxxxxxxxxx"}]
[null,7.2,null,"Product code",null,{"$f":"VLOOKUP($D$7,'Source Data'!$A$2:$EU$28,50,FALSE)","v":"xxxxxxxxxxx"}]
[null,7.3,null,"Material (e.g. Porcelain)",null,{"$f":"VLOOKUP($D$7,'Source Data'!$A$2:$EU$28,51,FALSE)","v":"xxxxxxxxxxx"}]
[null,7.4,null,"Specific creepage distance","mm/kV",{"$f":"VLOOKUP($D$7,'Source Data'!$A$2:$EU$28,52,FALSE)","v":"≥ 31"}]
[null,7.5,null,"Clamping",null,{"$f":"VLOOKUP($D$7,'Source Data'!$A$2:$EU$28,53,FALSE)","v":"Base"}]
[null,7.6,null,"Type",null,{"$f":"VLOOKUP($D$7,'Source Data'!$A$2:$EU$28,54,FALSE)","v":"Draw lead"}]
[null,7.7,null,"Stem diameter",null,{"$f":"VLOOKUP($D$7,'Source Data'!$A$2:$EU$28,55,FALSE)","v":"M12"}]
[null,7.8,"3.2.11","Secondary MV Bushings for Coastal Transformers"]
[null,7.9,null,"Make ",null,{"$f":"VLOOKUP($D$7,'Source Data'!$A$2:$EU$28,57,FALSE)","v":"xxxxxxxxxxx"}]
[null,"7.10",null,"Product code",null,{"$f":"VLOOKUP($D$7,'Source Data'!$A$2:$EU$28,58,FALSE)","v":"xxxxxxxxxxx"}]
[null,"7.11",null,"Material (e.g. Porcelain)",null,{"$f":"VLOOKUP($D$7,'Source Data'!$A$2:$EU$28,59,FALSE)","v":"xxxxxxxxxxx"}]
[null,"7.12",null,"Specific creepage distance",null,{"$f":"VLOOKUP($D$7,'Source Data'!$A$2:$EU$28,60,FALSE)","v":"≥ 31"}]
[null,"7.13",null,"Clamping",null,{"$f":"VLOOKUP($D$7,'Source Data'!$A$2:$EU$28,61,FALSE)","v":"Base"}]
[null,"7.14",null,"Type",null,{"$f":"VLOOKUP($D$7,'Source Data'!$A$2:$EU$28,62,FALSE)","v":"Draw lead"}]
[null,"7.15",null,"Stem diameter",null,{"$f":"VLOOKUP($D$7,'Source Data'!$A$2:$EU$28,63,FALSE)","v":"M12"}]
[null,8,"3.2.11","Secondary LV Bushings for Coastal Transformers"]
[null,8.1,null,"Make ",null,{"$f":"VLOOKUP($D$7,'Source Data'!$A$2:$EU$28,65,FALSE)","v":"xxxxxxxxxxx"}]
[null,8.2,null,"Product code",null,{"$f":"VLOOKUP($D$7,'Source Data'!$A$2:$EU$28,66,FALSE)","v":"xxxxxxxxxxx"}]
[null,8.3,null,"Material (e.g. Porcelain)",null,{"$f":"VLOOKUP($D$7,'Source Data'!$A$2:$EU$28,67,FALSE)","v":"xxxxxxxxxxx"}]
[null,8.4,null,"Stem diameter",null,{"$f":"VLOOKUP($D$7,'Source Data'!$A$2:$EU$28,68,FALSE)","v":"M12"}]
[null,9,"3.2.14","Losses"]
[null,9.1,null,"Loss factor base (Cost of Dx or Gx) ",null,{"$f":"VLOOKUP($D$7,'Source Data'!$A$2:$EU$28,72,FALSE)","v":"Distribution"},"xxxxxxxxxxx"]
[null,9.2,null,"No-load Loss Factor, NLLF ","R/kW",{"$f":"VLOOKUP($D$7,'Source Data'!$A$2:$EU$28,73,FALSE)","v":80500},"xxxxxxxxxxx"]
[null,9.3,null,"Load Loss Factor, LLF","R/kW",{"$f":"VLOOKUP($D$7,'Source Data'!$A$2:$EU$28,74,FALSE)","v":17500},"xxxxxxxxxxx"]
[null,9.4,null,"Guaranteed no-load losses, PNL (Steel Core)","W",{"$f":"VLOOKUP($D$7,'Source Data'!$A$2:$EU$28,75,FALSE)","v":110}]
[null,9.5,null,"Guaranteed no-load losses, PNL (only if Amorphous Core is offered)","W",{"$f":"VLOOKUP($D$7,'Source Data'!$A$2:$EU$28,151,FALSE)","v":40}]
[null,9.6,null,"Guaranteed load losses, PLL","W",{"$f":"VLOOKUP($D$7,'Source Data'!$A$2:$EU$28,76,FALSE)","v":880}]
[null,10,"3.2.14","Impedance voltage & X/R ratio"]
[null,10.1,null,"Impedance at principle tapping (specific design impedances to be stated)","%",{"$f":"VLOOKUP($D$7,'Source Data'!$A$2:$EU$28,78,FALSE)","v":"3,0 to 4,5"}]
[null,10.2,null,"X/R ratio",null,{"$f":"VLOOKUP($D$7,'Source Data'!$A$2:$EU$28,79,FALSE)","v":"xxxxxxxxxx"}]
[null,11,null,"Audio-sound level (SANS 780)"]
[null,11.1,null,"Maximum limit of transformer audio-sound level","db(A)",{"$f":"VLOOKUP($D$7,'Source Data'!$A$2:$EU$28,81,FALSE)","v":"≤ 48 "}]
[null,12,null,"MV winding wire"]
[null,12.1,null,"Material (e.g. Cu or Al)",null,{"$f":"VLOOKUP($D$7,'Source Data'!$A$2:$EU$28,83,FALSE)","v":"xxxxxxxxxxx"}]
[null,12.2,null,"Type (e.g. Round, Strip or Foil)",null,{"$f":"VLOOKUP($D$7,'Source Data'!$A$2:$EU$28,84,FALSE)","v":"xxxxxxxxxxx"}]
[null,13,null,"Secondary winding wire"]
[null,13.1,null,"Material (e.g. Cu or Al)",null,{"$f":"VLOOKUP($D$7,'Source Data'!$A$2:$EU$28,86,FALSE)","v":"xxxxxxxxxxx"}]
[null,13.2,null,"Type (e.g. Round, Strip or Foil)",null,{"$f":"VLOOKUP($D$7,'Source Data'!$A$2:$EU$28,87,FALSE)","v":"xxxxxxxxxxx"}]
[null,14,null,"Core material"]
[null,14.1,null,"Core material ",null,{"$f":"VLOOKUP($D$7,'Source Data'!$A$2:$EU$28,89,FALSE)","v":"Steel or Amporphous"}]
[null,14.2,null,"Type/code ",null,{"$f":"VLOOKUP($D$7,'Source Data'!$A$2:$EU$28,90,FALSE)","v":"xxxxxxxxxxx"}]
[null,14.3,null,"Maximum Flux Density of Material",null,{"$f":"VLOOKUP($D$7,'Source Data'!$A$2:$EU$28,91,FALSE)","v":"xxxxxxxxxxx"}]
[null,14.4,null,"Supplier",null,{"$f":"VLOOKUP($D$7,'Source Data'!$A$2:$EU$28,92,FALSE)","v":"xxxxxxxxxxx"}]
[null,15,"3.3.2","Tank and tank cover"]
[null,15.1,null,"Tank type: Sealed",null,{"$f":"VLOOKUP($D$7,'Source Data'!$A$2:$EU$28,94,FALSE)","v":"Sealed"}]
[null,15.2,null,"Plain, rigid or corrugated",null,{"$f":"VLOOKUP($D$7,'Source Data'!$A$2:$EU$28,95,FALSE)","v":"xxxxxxxxxx"}]
[null,16,"3.3.3","Transformer dimensions"]
[null,16.1,"Figure 12","Wo (including surge arrester)","mm",{"$f":"VLOOKUP($D$7,'Source Data'!$A$2:$EU$28,97,FALSE)","v":"≤ 1 080 "}]
[null,16.2,"Figure 12","Lo","mm",{"$f":"VLOOKUP($D$7,'Source Data'!$A$2:$EU$28,98,FALSE)","v":"≤ 1 500 "}]
[null,16.3,"Figure 12","Ht","mm",{"$f":"VLOOKUP($D$7,'Source Data'!$A$2:$EU$28,99,FALSE)","v":"≤ 1 500 "}]
[null,16.4,"Figure 12","Mass","kg",{"$f":"VLOOKUP($D$7,'Source Data'!$A$2:$EU$28,100,FALSE)","v":"≤ 900 "}]
[null,16.5,null,"Oil capacity","l",{"$f":"VLOOKUP($D$7,'Source Data'!$A$2:$EU$28,101,FALSE)","v":"xxxxxxxxxxx"}]
[null,16.6,null,"Minimum clearance between live MV terminals and from MV live terminals to any part of the tank greater than twice the BIL ","mm",{"$f":"VLOOKUP($D$7,'Source Data'!$A$2:$EU$28,102,FALSE)","v":190}]
[null,16.7,"3.3.4","Minimum mechanical clearance of 100 mm between the brackets and LV bushings shall be maintained","mm",{"$f":"VLOOKUP($D$7,'Source Data'!$A$2:$EU$28,103,FALSE)","v":100}]
[null,17,"3.3.4","Pole mounting bracket"]
[null,17.1,null,"Single pole mounting bracket required? (Yes or No)",null,{"$f":"VLOOKUP($D$7,'Source Data'!$A$2:$EU$28,105,FALSE)","v":"No"},"xxxxxxxxxxx"]
[null,"17.2.1",null,"Supplied with: - 2 x clamps",null,{"$f":"VLOOKUP($D$7,'Source Data'!$A$2:$EU$28,106,FALSE)","v":"N/A"},"xxxxxxxxxxx"]
[null,"17.2.2",null,"                     - 1 x threaded rod (M20 x 350 mm)",null,{"$f":"VLOOKUP($D$7,'Source Data'!$A$2:$EU$28,107,FALSE)","v":"N/A"},"xxxxxxxxxxx"]
[null,"17.2.3",null,"                     - 4 x threaded rods (M20 x 250 mm)",null,{"$f":"VLOOKUP($D$7,'Source Data'!$A$2:$EU$28,108,FALSE)","v":"N/A"},"xxxxxxxxxxx"]
[null,"17.2.4",null,"                     - 12 x nuts, flat washers & spring washers (M20)",null,{"$f":"VLOOKUP($D$7,'Source Data'!$A$2:$EU$28,109,FALSE)","v":"N/A"}]
[null,17.2,null,"Dimension Mo","mm",{"$f":"VLOOKUP($D$7,'Source Data'!$A$2:$EU$28,110,FALSE)","v":"N/A"},"xxxxxxxxxxx"]
[null,17.3,null,"Dimension h1","mm",{"$f":"VLOOKUP($D$7,'Source Data'!$A$2:$EU$28,111,FALSE)","v":"N/A"},"xxxxxxxxxxx"]
[null,17.4,null,"Dimension W1","mm",{"$f":"VLOOKUP($D$7,'Source Data'!$A$2:$EU$28,112,FALSE)","v":"N/A"},"xxxxxxxxxxx"]
[null,17.5,null,"Mounting hole diameter","mm",{"$f":"VLOOKUP($D$7,'Source Data'!$A$2:$EU$28,113,FALSE)","v":"N/A"},"xxxxxxxxxxx"]
[null,17.6,null,"Mounting hole centres","mm",{"$f":"VLOOKUP($D$7,'Source Data'!$A$2:$EU$28,114,FALSE)","v":"N/A"},"xxxxxxxxxxx"]
[null,18,"3.3.5","Transformer under base"]
[null,18.1,null,"Under base required? (Yes or No)",null,{"$f":"VLOOKUP($D$7,'Source Data'!$A$2:$EU$28,116,FALSE)","v":"Yes"},"xxxxxxxxxxx"]
[null,18.2,"Figure 15","Lml","mm",{"$f":"VLOOKUP($D$7,'Source Data'!$A$2:$EU$28,117,FALSE)","v":400}]
[null,18.3,"Figure 15","Lmw (300, 400 or 450)","mm",{"$f":"VLOOKUP($D$7,'Source Data'!$A$2:$EU$28,118,FALSE)","v":"xxxxxxxxxxx"}]
[null,18.4,"Figure 15","Ls","mm",{"$f":"VLOOKUP($D$7,'Source Data'!$A$2:$EU$28,119,FALSE)","v":"≥ 320"}]
[null,18.5,"Figure 15","Lmh","mm",{"$f":"VLOOKUP($D$7,'Source Data'!$A$2:$EU$28,110,FALSE)","v":"N/A"}]
[null,18.6,"Figure 15","Mounting hole diameter","mm",{"$f":"VLOOKUP($D$7,'Source Data'!$A$2:$EU$28,111,FALSE)","v":"N/A"}]
[null,19,"3.3.6","Lifting lugs"]
[null,19.1,null,"Lifting lugs fitted",null,{"$f":"VLOOKUP($D$7,'Source Data'!$A$2:$EU$28,123,FALSE)","v":"Yes"}]
[null,19.2,null,"Hole diameter","mm",{"$f":"VLOOKUP($D$7,'Source Data'!$A$2:$EU$28,124,FALSE)","v":"≥ 30 "}]
[null,20,"3.3.7","Earthing terminals"]
[null,20.1,null,"Boss material ",null,{"$f":"VLOOKUP($D$7,'Source Data'!$A$2:$EU$28,126,FALSE)","v":"316 Stainless Steel or Mild Steel"}]
[null,20.2,null,"Boss depth","mm",{"$f":"VLOOKUP($D$7,'Source Data'!$A$2:$EU$28,127,FALSE)","v":"≥ 30"}]
[null,20.3,null,"Set screw material",null,{"$f":"VLOOKUP($D$7,'Source Data'!$A$2:$EU$28,128,FALSE)","v":"316 Stainless Steel or Mild Steel"}]
[null,20.4,null,"Set screw dimensions","mm",{"$f":"VLOOKUP($D$7,'Source Data'!$A$2:$EU$28,129,FALSE)","v":"M12 x 25 "}]
[null,20.5,null,"Supplied with washer and spring washer",null,{"$f":"VLOOKUP($D$7,'Source Data'!$A$2:$EU$28,130,FALSE)","v":"Yes"}]
[null,21,"3.3.8","Surge arrester brackets"]
[null,21.1,null,"Surge arrester brackets fitted",null,{"$f":"VLOOKUP($D$7,'Source Data'!$A$2:$EU$28,132,FALSE)","v":"Yes"}]
[null,21.2,"Figure 17","Mounting hole diameter","mm",{"$f":"VLOOKUP($D$7,'Source Data'!$A$2:$EU$28,133,FALSE)","v":14}]
[null,21.3,"Figure 17","Dimension D (worst case)","mm",{"$f":"VLOOKUP($D$7,'Source Data'!$A$2:$EU$28,134,FALSE)","v":"≥ 200"}]
[null,21.4,"Figure 17","Dimension E (worst case)","mm",{"$f":"VLOOKUP($D$7,'Source Data'!$A$2:$EU$28,135,FALSE)","v":"≥ 190"}]
[null,21.5,"Figure 17","Dimension F (worst case)","mm",{"$f":"VLOOKUP($D$7,'Source Data'!$A$2:$EU$28,136,FALSE)","v":"≥ 150"}]
[null,22,3.4,"Corrosion protection for Coastal transformers"]
[null,22.1,null,"Indicate the coating system (i.e. DS numbers according to DSP 240-75655504) that is offered. (e.g. DS-14 + DS-15 for zinc sprayed mild steel with duplex coating)"]
[null,22.2,null,"Tank ",null,{"$f":"VLOOKUP($D$7,'Source Data'!$A$2:$EU$28,145,FALSE)","v":"xxxxxxxxxxx"}]
[null,22.3,null,"Radiators",null,{"$f":"VLOOKUP($D$7,'Source Data'!$A$2:$EU$28,146,FALSE)","v":"xxxxxxxxxxx"}]
[null,22.4,null,"Threaded rods and accessories",null,{"$f":"VLOOKUP($D$7,'Source Data'!$A$2:$EU$28,147,FALSE)","v":"xxxxxxxxxxx"}]
[null,22.5,null,"Colour of final coat",null,{"$f":"VLOOKUP($D$7,'Source Data'!$A$2:$EU$28,148,FALSE)","v":"Azure Blue"}]
[null,23,4.2,"All Type Tests in Accordance with SANS 780:\n\n• Temperature rise test \n• Dielectric type test\n• Tank stiffness test \n• Corrugated tank fatigue test\n• Equivalent disturbing current test (This test is only applicable to SWER transformers)\n• Short Circuit Withstand Test\n• Natural ageing and pollution performance test",null,{"$f":"VLOOKUP($D$7,'Source Data'!$A$2:$EU$28,149,FALSE)","v":"Report Numbers"}]
[null,24,4.3,"All Routine Tests in Accordance with SANS 780:\n\n• Measurement of winding resistance\n• Measurement of voltage ratio and phase displacement\n• Measurement of short-circuit impedance and load loss\n• Measurement of no-load loss and current\n• Separate source voltage test\n• Induced overvoltage test\n• Measurement of paint thickness\n• Test for effectiveness of sealing\n• Measurement of secondary voltage across outer two terminals to be 484 V. (Only applicable to dual-phase transformers.) \n• Measurement of insulation resistance test\n• Reactance (%)\n• Dielectric routine tests\n• Vector group test ",null,{"$f":"VLOOKUP($D$7,'Source Data'!$A$2:$EU$28,150,FALSE)","v":"Report Numbers"}]

{"sheet":"0180282","index":5,"n_rows":143,"n_cols":7,"rows_kept":143,"merged":[[2,5,2,6],[3,5,3,6],[7,5,9,6],[9,1,9,3]]}
[]
[]
[{"$nulls":5},"Specification: DSP 240-45395762 Rev.4"]
[{"$nulls":5},{"$f":"'List of Items & Enquiry number'!B14","v":"Enquiry Number: 123456XYZ"}]
[]
[{"$nulls":3},"TECHNICAL SCHEDULES A & B FOR \nPOLE-MOUNTED  DISTRIBUTION TRANSFORMERS"]
[{"$nulls":3},"SWER Isolation, 50kVA 22kV/ 19kV* (Coastal, Ester Oil Only)"]
[{"$nulls":3},"* rated no-load voltage of the secondary shall be 19 kV (phase to ground)",null,"Deviations from the specific requirements stated in Schedule A must be recorded and explained in the Deviation Schedule"]
[null,"Schedule A:  Purchaser's specific requirements"]
[null,"Schedule B:  Guarantees and technical particulars of equipment offered"]
[null,"Item","Sub-clause of 240- 45395762","Description",null,"Schedule A","Schedule B"]
[null,1,null,"Identification"]
[null,1.1,null,"Name of manufacturer",null,{"$f":"VLOOKUP($D$7,'Source Data'!$A$2:$EU$28,3,FALSE)","v":"xxxxxxxxxxx"}]
[null,1.2000000000000002,null,"Name of supplier",null,{"$f":"VLOOKUP($D$7,'Source Data'!$A$2:$EU$28,4,FALSE)","v":"xxxxxxxxxxx"}]
[null,1.3,null,"Product code for Coastal transformers",null,{"$f":"VLOOKUP($D$7,'Source Data'!$A$2:$EU$28,6,FALSE)","v":"xxxxxxxxxxx"}]
[null,1.4,null,"Are the transformers covered by the SANS 780 certification mark?",null,{"$f":"VLOOKUP($D$7,'Source Data'!$A$2:$EU$28,7,FALSE)","v":"xxxxxxxxxxx"}]
[null,1.5,null,"State SANS 780 permit number",null,{"$f":"VLOOKUP($D$7,'Source Data'!$A$2:$EU$28,8,FALSE)","v":"xxxxxxxxxxx"}]
[null,1.6,null,"Oil Type",null,{"$f":"VLOOKUP($D$7,'Source Data'!$A$2:$EU$28,9,FALSE)","v":"Ester Oil"}]
[null,2,"3.2.2","Ratings"]
[null,2.1,null,"Power rating","kVA",{"$f":"VLOOKUP($D$7,'Source Data'!$A$2:$EU$28,11,FALSE)","v":50}]
[null,2.2,null,"Rated primary voltage","kV",{"$f":"VLOOKUP($D$7,'Source Data'!$A$2:$EU$28,12,FALSE)","v":22}]
[null,2.3000000000000003,null,"Rated no-load secondary voltage (phase to ground)","kV",{"$f":"VLOOKUP($D$7,'Source Data'!$A$2:$EU$28,13,FALSE)","v":19}]
[null,2.4000000000000004,null,"Frequency","Hz",{"$f":"VLOOKUP($D$7,'Source Data'!$A$2:$EU$28,14,FALSE)","v":50}]
[null,2.5,null,"Number of phases",null,{"$f":"VLOOKUP($D$7,'Source Data'!$A$2:$EU$28,15,FALSE)","v":"1ph"}]
[null,2.6,null,"Vector Group",null,{"$f":"VLOOKUP($D$7,'Source Data'!$A$2:$EU$28,16,FALSE)","v":"N/A"},"xxxxxxxxxxx"]
[null,3,"3.2.5","Insulation levels"]
[null,3.1,null,"BIL - Primary","kV",{"$f":"VLOOKUP($D$7,'Source Data'!$A$2:$EU$28,18,FALSE)","v":150}]
[null,3.2,null,"BIL - Secondary Line Terminal","kV",{"$f":"VLOOKUP($D$7,'Source Data'!$A$2:$EU$28,19,FALSE)","v":200}]
[null,3.3,null,"BIL - Secondary Neutral Terminal","kV",{"$f":"VLOOKUP($D$7,'Source Data'!$A$2:$EU$28,20,FALSE)","v":30}]
[null,3.4,null,"Power frequency withstand voltage - Primary","kV",{"$f":"VLOOKUP($D$7,'Source Data'!$A$2:$EU$28,21,FALSE)","v":50}]
[null,3.5,null,"Power frequency withstand voltage – Secondary","kV",{"$f":"VLOOKUP($D$7,'Source Data'!$A$2:$EU$28,22,FALSE)","v":8}]
[null,4,"3.2.8","Inter-turn winding insulation"]
[null,4.1,null,"Type (Enamel or Paper)",null,{"$f":"VLOOKUP($D$7,'Source Data'!$A$2:$EU$28,24,FALSE)","v":"xxxxxxxxxxx"}]
[null,4.199999999999999,null,"Enamel grade (if applicable)",null,{"$f":"VLOOKUP($D$7,'Source Data'!$A$2:$EU$28,25,FALSE)","v":"Grade 3"}]
[null,4.3,null,"Paper thickness (if applicable)","mm",{"$f":"VLOOKUP($D$7,'Source Data'!$A$2:$EU$28,26,FALSE)","v":"> 0.125"}]
[null,4.3999999999999995,null,"Paper type (if applicable)",null,{"$f":"VLOOKUP($D$7,'Source Data'!$A$2:$EU$28,27,FALSE)","v":"xxxxxxxxxxx"}]
[null,4.5,null,"Paper make (if applicable)",null,{"$f":"VLOOKUP($D$7,'Source Data'!$A$2:$EU$28,28,FALSE)","v":"xxxxxxxxxxx"}]
[null,4.6,null,"Paper minimum impulse withstand","kV",{"$f":"VLOOKUP($D$7,'Source Data'!$A$2:$EU$28,29,FALSE)","v":21}]
[null,4.7,null,"Paper minimum power frequency withstand ","kV",{"$f":"VLOOKUP($D$7,'Source Data'!$A$2:$EU$28,30,FALSE)","v":8}]
[null,4.8,null,"Inter-turn winding insulation stress shall not exceed 5 kV/mm","kV/mm",{"$f":"VLOOKUP($D$7,'Source Data'!$A$2:$EU$28,31,FALSE)","v":"<5"}]
[null,5,"3.2.9","Interlayer insulation"]
[null,5.1,null,"Highest interlayer stress in non-tap part of winding (<5kV/mm is not acceptable as the calculated value must be presented)","kV/mm",{"$f":"VLOOKUP($D$7,'Source Data'!$A$2:$EU$28,33,FALSE)","v":"< 5"}]
[null,5.199999999999999,null,"Highest interlayer stress in tap part of winding (<5kV/mm is not acceptable as the calculated value must be presented)","kV/mm",{"$f":"VLOOKUP($D$7,'Source Data'!$A$2:$EU$28,34,FALSE)","v":"< 5 "}]
[null,5.3,null,"Paper type.",null,{"$f":"VLOOKUP($D$7,'Source Data'!$A$2:$EU$28,35,FALSE)","v":"xxxxxxxxxxx"}]
[null,5.3999999999999995,null,"Paper make.",null,{"$f":"VLOOKUP($D$7,'Source Data'!$A$2:$EU$28,36,FALSE)","v":"xxxxxxxxxxx"}]
[null,6,"3.2.10","Tapping connections"]
[null,6.1,null,"No tap connections shall be provided on SWER isolation transformers",null,{"$f":"VLOOKUP($D$7,'Source Data'!$A$2:$EU$28,38,FALSE)","v":"xxxxxxxxxxx"},"xxxxxxxxxxx"]
[null,7,"3.2.11","Primary MV Bushings for Coastal Transformers"]
[null,7.1,null,"Make ",null,{"$f":"VLOOKUP($D$7,'Source Data'!$A$2:$EU$28,49,FALSE)","v":"xxxxxxxxxxx"}]
[null,7.2,null,"Product code",null,{"$f":"VLOOKUP($D$7,'Source Data'!$A$2:$EU$28,50,FALSE)","v":"xxxxxxxxxxx"}]
[null,7.3,null,"Material (e.g. Porcelain)",null,{"$f":"VLOOKUP($D$7,'Source Data'!$A$2:$EU$28,51,FALSE)","v":"xxxxxxxxxxx"}]
[null,7.4,null,"Specific creepage distance","mm/kV",{"$f":"VLOOKUP($D$7,'Source Data'!$A$2:$EU$28,52,FALSE)","v":"≥ 31"}]
[null,7.5,null,"Clamping",null,{"$f":"VLOOKUP($D$7,'Source Data'!$A$2:$EU$28,53,FALSE)","v":"Base"}]
[null,7.6,null,"Type",null,{"$f":"VLOOKUP($D$7,'Source Data'!$A$2:$EU$28,54,FALSE)","v":"Draw lead"}]
[null,7.7,null,"Stem diameter",null,{"$f":"VLOOKUP($D$7,'Source Data'!$A$2:$EU$28,55,FALSE)","v":"M12"}]
[null,7.8,"3.2.11","Secondary MV Bushings for Coastal Transformers"]
[null,7.9,null,"Make ",null,{"$f":"VLOOKUP($D$7,'Source Data'!$A$2:$EU$28,57,FALSE)","v":"xxxxxxxxxxx"}]
[null,"7.10",null,"Product code",null,{"$f":"VLOOKUP($D$7,'Source Data'!$A$2:$EU$28,58,FALSE)","v":"xxxxxxxxxxx"}]
[null,"7.11",null,"Material (e.g. Porcelain)",null,{"$f":"VLOOKUP($D$7,'Source Data'!$A$2:$EU$28,59,FALSE)","v":"xxxxxxxxxxx"}]
[null,"7.12",null,"Specific creepage distance",null,{"$f":"VLOOKUP($D$7,'Source Data'!$A$2:$EU$28,60,FALSE)","v":"≥ 31"}]
[null,"7.13",null,"Clamping",null,{"$f":"VLOOKUP($D$7,'Source Data'!$A$2:$EU$28,61,FALSE)","v":"Base"}]
[null,"7.14",null,"Type",null,{"$f":"VLOOKUP($D$7,'Source Data'!$A$2:$EU$28,62,FALSE)","v":"Draw lead"}]
[null,"7.15",null,"Stem diameter",null,{"$f":"VLOOKUP($D$7,'Source Data'!$A$2:$EU$28,63,FALSE)","v":"M12"}]
[null,8,"3.2.11","Secondary LV Bushings for Coastal Transformers"]
[null,8.1,null,"Make ",null,{"$f":"VLOOKUP($D$7,'Source Data'!$A$2:$EU$28,65,FALSE)","v":"xxxxxxxxxxx"}]
[null,8.2,null,"Product code",null,{"$f":"VLOOKUP($D$7,'Source Data'!$A$2:$EU$28,66,FALSE)","v":"xxxxxxxxxxx"}]
[null,8.3,null,"Material (e.g. Porcelain)",null,{"$f":"VLOOKUP($D$7,'Source Data'!$A$2:$EU$28,67,FALSE)","v":"xxxxxxxxxxx"}]
[null,8.4,null,"Stem diameter",null,{"$f":"VLOOKUP($D$7,'Source Data'!$A$2:$EU$28,68,FALSE)","v":"M12"}]
[null,9,"3.2.14","Losses"]
[null,9.1,null,"Loss factor base (Cost of Dx or Gx) ",null,{"$f":"VLOOKUP($D$7,'Source Data'!$A$2:$EU$28,72,FALSE)","v":"Distribution"},"xxxxxxxxxxx"]
[null,9.2,null,"No-load Loss Factor, NLLF ","R/kW",{"$f":"VLOOKUP($D$7,'Source Data'!$A$2:$EU$28,73,FALSE)","v":80500},"xxxxxxxxxxx"]
[null,9.3,null,"Load Loss Factor, LLF","R/kW",{"$f":"VLOOKUP($D$7,'Source Data'!$A$2:$EU$28,74,FALSE)","v":17500},"xxxxxxxxxxx"]
[null,9.4,null,"Guaranteed no-load losses, PNL (Steel Core)","W",{"$f":"VLOOKUP($D$7,'Source Data'!$A$2:$EU$28,75,FALSE)","v":110}]
[null,9.5,null,"Guaranteed no-load losses, PNL (only if Amorphous Core is offered)","W",{"$f":"VLOOKUP($D$7,'Source Data'!$A$2:$EU$28,151,FALSE)","v":40}]
[null,9.6,null,"Guaranteed load losses, PLL","W",{"$f":"VLOOKUP($D$7,'Source Data'!$A$2:$EU$28,76,FALSE)","v":880}]
[null,10,"3.2.14","Impedance voltage & X/R ratio"]
[null,10.1,null,"Impedance at principle tapping (specific design impedances to be stated)","%",{"$f":"VLOOKUP($D$7,'Source Data'!$A$2:$EU$28,78,FALSE)","v":"3,0 to 4,5"}]
[null,10.2,null,"X/R ratio",null,{"$f":"VLOOKUP($D$7,'Source Data'!$A$2:$EU$28,79,FALSE)","v":"xxxxxxxxxx"}]
[null,11,null,"Audio-sound level (SANS 780)"]
[null,11.1,null,"Maximum limit of transformer audio-sound level","db(A)",{"$f":"VLOOKUP($D$7,'Source Data'!$A$2:$EU$28,81,FALSE)","v":"≤ 48 "}]
[null,12,null,"MV winding wire"]
[null,12.1,null,"Material (e.g. Cu or Al)",null,{"$f":"VLOOKUP($D$7,'Source Data'!$A$2:$EU$28,83,FALSE)","v":"xxxxxxxxxxx"}]
[null,12.2,null,"Type (e.g. Round, Strip or Foil)",null,{"$f":"VLOOKUP($D$7,'Source Data'!$A$2:$EU$28,84,FALSE)","v":"xxxxxxxxxxx"}]
[null,13,null,"Secondary winding wire"]
[null,13.1,null,"Material (e.g. Cu or Al)",null,{"$f":"VLOOKUP($D$7,'Source Data'!$A$2:$EU$28,86,FALSE)","v":"xxxxxxxxxxx"}]
[null,13.2,null,"Type (e.g. Round, Strip or Foil)",null,{"$f":"VLOOKUP($D$7,'Source Data'!$A$2:$EU$28,87,FALSE)","v":"xxxxxxxxxxx"}]
[null,14,null,"Core material"]
[null,14.1,null,"Core material ",null,{"$f":"VLOOKUP($D$7,'Source Data'!$A$2:$EU$28,89,FALSE)","v":"Steel or Amporphous"}]
[null,14.2,null,"Type/code ",null,{"$f":"VLOOKUP($D$7,'Source Data'!$A$2:$EU$28,90,FALSE)","v":"xxxxxxxxxxx"}]
[null,14.3,null,"Maximum Flux Density of Material",null,{"$f":"VLOOKUP($D$7,'Source Data'!$A$2:$EU$28,91,FALSE)","v":"xxxxxxxxxxx"}]
[null,14.4,null,"Supplier",null,{"$f":"VLOOKUP($D$7,'Source Data'!$A$2:$EU$28,92,FALSE)","v":"xxxxxxxxxxx"}]
[null,15,"3.3.2","Tank and tank cover"]
[null,15.1,null,"Tank type: Sealed",null,{"$f":"VLOOKUP($D$7,'Source Data'!$A$2:$EU$28,94,FALSE)","v":"Sealed"}]
[null,15.2,null,"Plain, rigid or corrugated",null,{"$f":"VLOOKUP($D$7,'Source Data'!$A$2:$EU$28,95,FALSE)","v":"xxxxxxxxxx"}]
[null,16,"3.3.3","Transformer dimensions"]
[null,16.1,"Figure 12","Wo (including surge arrester)","mm",{"$f":"VLOOKUP($D$7,'Source Data'!$A$2:$EU$28,97,FALSE)","v":"≤ 1 080 "}]
[null,16.2,"Figure 12","Lo","mm",{"$f":"VLOOKUP($D$7,'Source Data'!$A$2:$EU$28,98,FALSE)","v":"≤ 1 500 "}]
[null,16.3,"Figure 12","Ht","mm",{"$f":"VLOOKUP($D$7,'Source Data'!$A$2:$EU$28,99,FALSE)","v":"≤ 1 500 "}]
[null,16.4,"Figure 12","Mass","kg",{"$f":"VLOOKUP($D$7,'Source Data'!$A$2:$EU$28,100,FALSE)","v":"≤ 900 "}]
[null,16.5,null,"Oil capacity","l",{"$f":"VLOOKUP($D$7,'Source Data'!$A$2:$EU$28,101,FALSE)","v":"xxxxxxxxxxx"}]
[null,16.6,null,"Minimum clearance between live MV terminals and from MV live terminals to any part of the tank greater than twice the BIL ","mm",{"$f":"VLOOKUP($D$7,'Source Data'!$A$2:$EU$28,102,FALSE)","v":300}]
[null,16.7,"3.3.4","Minimum mechanical clearance of 100 mm between the brackets and LV bushings shall be maintained","mm",{"$f":"VLOOKUP($D$7,'Source Data'!$A$2:$EU$28,103,FALSE)","v":100}]
[null,17,"3.3.4","Pole mounting bracket"]
[null,17.1,null,"Single pole mounting bracket required? (Yes or No)",null,{"$f":"VLOOKUP($D$7,'Source Data'!$A$2:$EU$28,105,FALSE)","v":"No"},"xxxxxxxxxxx"]
[null,"17.2.1",null,"Supplied with: - 2 x clamps",null,{"$f":"VLOOKUP($D$7,'Source Data'!$A$2:$EU$28,106,FALSE)","v":"N/A"},"xxxxxxxxxxx"]
[null,"17.2.2",null,"                     - 1 x threaded rod (M20 x 350 mm)",null,{"$f":"VLOOKUP($D$7,'Source Data'!$A$2:$EU$28,107,FALSE)","v":"N/A"},"xxxxxxxxxxx"]
[null,"17.2.3",null,"                     - 4 x threaded rods (M20 x 250 mm)",null,{"$f":"VLOOKUP($D$7,'Source Data'!$A$2:$EU$28,108,FALSE)","v":"N/A"},"xxxxxxxxxxx"]
[null,"17.2.4",null,"                     - 12 x nuts, flat washers & spring washers (M20)",null,{"$f":"VLOOKUP($D$7,'Source Data'!$A$2:$EU$28,109,FALSE)","v":"N/A"}]
[null,17.2,null,"Dimension Mo","mm",{"$f":"VLOOKUP($D$7,'Source Data'!$A$2:$EU$28,110,FALSE)","v":"N/A"},"xxxxxxxxxxx"]
[null,17.3,null,"Dimension h1","mm",{"$f":"VLOOKUP($D$7,'Source Data'!$A$2:$EU$28,111,FALSE)","v":"N/A"},"xxxxxxxxxxx"]
[null,17.4,null,"Dimension W1","mm",{"$f":"VLOOKUP($D$7,'Source Data'!$A$2:$EU$28,112,FALSE)","v":"N/A"},"xxxxxxxxxxx"]
[null,17.5,null,"Mounting hole diameter","mm",{"$f":"VLOOKUP($D$7,'Source Data'!$A$2:$EU$28,113,FALSE)","v":"N/A"},"xxxxxxxxxxx"]
[null,17.6,null,"Mounting hole centres","mm",{"$f":"VLOOKUP($D$7,'Source Data'!$A$2:$EU$28,114,FALSE)","v":"N/A"},"xxxxxxxxxxx"]
[null,18,"3.3.5","Transformer under base"]
[null,18.1,null,"Under base required? (Yes or No)",null,{"$f":"VLOOKUP($D$7,'Source Data'!$A$2:$EU$28,116,FALSE)","v":"Yes"},"xxxxxxxxxxx"]
[null,18.2,"Figure 15","Lml","mm",{"$f":"VLOOKUP($D$7,'Source Data'!$A$2:$EU$28,117,FALSE)","v":400}]
[null,18.3,"Figure 15","Lmw (300, 400 or 450)","mm",{"$f":"VLOOKUP($D$7,'Source Data'!$A$2:$EU$28,118,FALSE)","v":"xxxxxxxxxxx"}]
[null,18.4,"Figure 15","Ls","mm",{"$f":"VLOOKUP($D$7,'Source Data'!$A$2:$EU$28,119,FALSE)","v":"≥ 320"}]
[null,18.5,"Figure 15","Lmh","mm",{"$f":"VLOOKUP($D$7,'Source Data'!$A$2:$EU$28,110,FALSE)","v":"N/A"}]
[null,18.6,"Figure 15","Mounting hole diameter","mm",{"$f":"VLOOKUP($D$7,'Source Data'!$A$2:$EU$28,111,FALSE)","v":"N/A"}]
[null,19,"3.3.6","Lifting lugs"]
[null,19.1,null,"Lifting lugs fitted",null,{"$f":"VLOOKUP($D$7,'Source Data'!$A$2:$EU$28,123,FALSE)","v":"Yes"}]
[null,19.2,null,"Hole diameter","mm",{"$f":"VLOOKUP($D$7,'Source Data'!$A$2:$EU$28,124,FALSE)","v":"≥ 30 "}]
[null,20,"3.3.7","Earthing terminals"]
[null,20.1,null,"Boss material ",null,{"$f":"VLOOKUP($D$7,'Source Data'!$A$2:$EU$28,126,FALSE)","v":"316 Stainless Steel or Mild Steel"}]
[null,20.2,null,"Boss depth","mm",{"$f":"VLOOKUP($D$7,'Source Data'!$A$2:$EU$28,127,FALSE)","v":"≥ 30"}]
[null,20.3,null,"Set screw material",null,{"$f":"VLOOKUP($D$7,'Source Data'!$A$2:$EU$28,128,FALSE)","v":"316 Stainless Steel or Mild Steel"}]
[null,20.4,null,"Set screw dimensions","mm",{"$f":"VLOOKUP($D$7,'Source Data'!$A$2:$EU$28,129,FALSE)","v":"M12 x 25 "}]
[null,20.5,null,"Supplied with washer and spring washer",null,{"$f":"VLOOKUP($D$7,'Source Data'!$A$2:$EU$28,130,FALSE)","v":"Yes"}]
[null,21,"3.3.8","Surge arrester brackets"]
[null,21.1,null,"Surge arrester brackets fitted",null,{"$f":"VLOOKUP($D$7,'Source Data'!$A$2:$EU$28,132,FALSE)","v":"Yes"}]
[null,21.2,"Figure 17","Mounting hole diameter","mm",{"$f":"VLOOKUP($D$7,'Source Data'!$A$2:$EU$28,133,FALSE)","v":14}]
[null,21.3,"Figure 17","Dimension D (worst case)","mm",{"$f":"VLOOKUP($D$7,'Source Data'!$A$2:$EU$28,134,FALSE)","v":"≥ 200"}]
[null,21.4,"Figure 17","Dimension E (worst case)","mm",{"$f":"VLOOKUP($D$7,'Source Data'!$A$2:$EU$28,135,FALSE)","v":"≥ 300"}]
[null,21.5,"Figure 17","Dimension F (worst case)","mm",{"$f":"VLOOKUP($D$7,'Source Data'!$A$2:$EU$28,136,FALSE)","v":"≥ 150"}]
[null,22,3.4,"Corrosion protection for Coastal transformers"]
[null,22.1,null,"Indicate the coating system (i.e. DS numbers according to DSP 240-75655504) that is offered. (e.g. DS-14 + DS-15 for zinc sprayed mild steel with duplex coating)"]
[null,22.2,null,"Tank ",null,{"$f":"VLOOKUP($D$7,'Source Data'!$A$2:$EU$28,145,FALSE)","v":"xxxxxxxxxxx"}]
[null,22.3,null,"Radiators",null,{"$f":"VLOOKUP($D$7,'Source Data'!$A$2:$EU$28,146,FALSE)","v":"xxxxxxxxxxx"}]
[null,22.4,null,"Threaded rods and accessories",null,{"$f":"VLOOKUP($D$7,'Source Data'!$A$2:$EU$28,147,FALSE)","v":"xxxxxxxxxxx"}]
[null,22.5,null,"Colour of final coat",null,{"$f":"VLOOKUP($D$7,'Source Data'!$A$2:$EU$28,148,FALSE)","v":"Azure Blue"}]
[null,23,4.2,"All Type Tests in Accordance with SANS 780:\n\n• Temperature rise test \n• Dielectric type test\n• Tank stiffness test \n• Corrugated tank fatigue test\n• Equivalent disturbing current test (This test is only applicable to SWER transformers)\n• Short Circuit Withstand Test\n• Natural ageing and pollution performance test",null,{"$f":"VLOOKUP($D$7,'Source Data'!$A$2:$EU$28,149,FALSE)","v":"Report Numbers"}]
[null,24,4.3,"All Routine Tests in Accordance with SANS 780:\n\n• Measurement of winding resistance\n• Measurement of voltage ratio and phase displacement\n• Measurement of short-circuit impedance and load loss\n• Measurement of no-load loss and current\n• Separate source voltage test\n• Induced overvoltage test\n• Measurement of paint thickness\n• Test for effectiveness of sealing\n• Measurement of secondary voltage across outer two terminals to be 484 V. (Only applicable to dual-phase transformers.) \n• Measurement of insulation resistance test\n• Reactance (%)\n• Dielectric routine tests\n• Vector group test ",null,{"$f":"VLOOKUP($D$7,'Source Data'!$A$2:$EU$28,150,FALSE)","v":"Report Numbers"}]

{"sheet":"0205441","index":6,"n_rows":143,"n_cols":7,"rows_kept":143,"merged":[[2,5,2,6],[3,5,3,6],[7,5,9,6],[9,1,9,3]]}
[]
[]
[{"$nulls":5},"Specification: DSP 240-45395762 Rev.4"]
[{"$nulls":5},{"$f":"'List of Items & Enquiry number'!B14","v":"Enquiry Number: 123456XYZ"}]
[]
[{"$nulls":3},"TECHNICAL SCHEDULES A & B FOR \nPOLE-MOUNTED  DISTRIBUTION TRANSFORMERS"]
[{"$nulls":3},"SWER Isolation, 50kVA 33kV/ 19kV* (Coastal, Ester Oil Only)"]
[{"$nulls":3},"* rated no-load voltage of the secondary shall be 19 kV (phase to ground)",null,"Deviations from the specific requirements stated in Schedule A must be recorded and explained in the Deviation Schedule"]
[null,"Schedule A:  Purchaser's specific requirements"]
[null,"Schedule B:  Guarantees and technical particulars of equipment offered"]
[null,"Item","Sub-clause of 240- 45395762","Description",null,"Schedule A","Schedule B"]
[null,1,null,"Identification"]
[null,1.1,null,"Name of manufacturer",null,{"$f":"VLOOKUP($D$7,'Source Data'!$A$2:$EU$28,3,FALSE)","v":"xxxxxxxxxxx"}]
[null,1.2000000000000002,null,"Name of supplier",null,{"$f":"VLOOKUP($D$7,'Source Data'!$A$2:$EU$28,4,FALSE)","v":"xxxxxxxxxxx"}]
[null,1.3,null,"Product code for Coastal transformers",null,{"$f":"VLOOKUP($D$7,'Source Data'!$A$2:$EU$28,6,FALSE)","v":"xxxxxxxxxxx"}]
[null,1.4,null,"Are the transformers covered by the SANS 780 certification mark?",null,{"$f":"VLOOKUP($D$7,'Source Data'!$A$2:$EU$28,7,FALSE)","v":"xxxxxxxxxxx"}]
[null,1.5,null,"State SANS 780 permit number",null,{"$f":"VLOOKUP($D$7,'Source Data'!$A$2:$EU$28,8,FALSE)","v":"xxxxxxxxxxx"}]
[null,1.6,null,"Oil Type",null,{"$f":"VLOOKUP($D$7,'Source Data'!$A$2:$EU$28,9,FALSE)","v":"Ester Oil"}]
[null,2,"3.2.2","Ratings"]
[null,2.1,null,"Power rating","kVA",{"$f":"VLOOKUP($D$7,'Source Data'!$A$2:$EU$28,11,FALSE)","v":50}]
[null,2.2,null,"Rated primary voltage","kV",{"$f":"VLOOKUP($D$7,'Source Data'!$A$2:$EU$28,12,FALSE)","v":33}]
[null,2.3000000000000003,null,"Rated no-load secondary voltage (phase to ground)","kV",{"$f":"VLOOKUP($D$7,'Source Data'!$A$2:$EU$28,13,FALSE)","v":19}]
[null,2.4000000000000004,null,"Frequency","Hz",{"$f":"VLOOKUP($D$7,'Source Data'!$A$2:$EU$28,14,FALSE)","v":50}]
[null,2.5,null,"Number of phases",null,{"$f":"VLOOKUP($D$7,'Source Data'!$A$2:$EU$28,15,FALSE)","v":"1ph"}]
[null,2.6,null,"Vector Group",null,{"$f":"VLOOKUP($D$7,'Source Data'!$A$2:$EU$28,16,FALSE)","v":"N/A"},"xxxxxxxxxxx"]
[null,3,"3.2.5","Insulation levels"]
[null,3.1,null,"BIL - Primary","kV",{"$f":"VLOOKUP($D$7,'Source Data'!$A$2:$EU$28,18,FALSE)","v":200}]
[null,3.2,null,"BIL - Secondary Line Terminal","kV",{"$f":"VLOOKUP($D$7,'Source Data'!$A$2:$EU$28,19,FALSE)","v":200}]
[null,3.3,null,"BIL - Secondary Neutral Terminal","kV",{"$f":"VLOOKUP($D$7,'Source Data'!$A$2:$EU$28,20,FALSE)","v":30}]
[null,3.4,null,"Power frequency withstand voltage - Primary","kV",{"$f":"VLOOKUP($D$7,'Source Data'!$A$2:$EU$28,21,FALSE)","v":70}]
[null,3.5,null,"Power frequency withstand voltage – Secondary","kV",{"$f":"VLOOKUP($D$7,'Source Data'!$A$2:$EU$28,22,FALSE)","v":8}]
[null,4,"3.2.8","Inter-turn winding insulation"]
[null,4.1,null,"Type (Enamel or Paper)",null,{"$f":"VLOOKUP($D$7,'Source Data'!$A$2:$EU$28,24,FALSE)","v":"xxxxxxxxxxx"}]
[null,4.199999999999999,null,"Enamel grade (if applicable)",null,{"$f":"VLOOKUP($D$7,'Source Data'!$A$2:$EU$28,25,FALSE)","v":"Grade 3"}]
[null,4.3,null,"Paper thickness (if applicable)","mm",{"$f":"VLOOKUP($D$7,'Source Data'!$A$2:$EU$28,26,FALSE)","v":"> 0.125"}]
[null,4.3999999999999995,null,"Paper type (if applicable)",null,{"$f":"VLOOKUP($D$7,'Source Data'!$A$2:$EU$28,27,FALSE)","v":"xxxxxxxxxxx"}]
[null,4.5,null,"Paper make (if applicable)",null,{"$f":"VLOOKUP($D$7,'Source Data'!$A$2:$EU$28,28,FALSE)","v":"xxxxxxxxxxx"}]
[null,4.6,null,"Paper minimum impulse withstand","kV",{"$f":"VLOOKUP($D$7,'Source Data'!$A$2:$EU$28,29,FALSE)","v":21}]
[null,4.7,null,"Paper minimum power frequency withstand ","kV",{"$f":"VLOOKUP($D$7,'Source Data'!$A$2:$EU$28,30,FALSE)","v":8}]
[null,4.8,null,"Inter-turn winding insulation stress shall not exceed 5 kV/mm","kV/mm",{"$f":"VLOOKUP($D$7,'Source Data'!$A$2:$EU$28,31,FALSE)","v":"<5"}]
[null,5,"3.2.9","Interlayer insulation"]
[null,5.1,null,"Highest interlayer stress in non-tap part of winding (<5kV/mm is not acceptable as the calculated value must be presented)","kV/mm",{"$f":"VLOOKUP($D$7,'Source Data'!$A$2:$EU$28,33,FALSE)","v":"< 5"}]
[null,5.199999999999999,null,"Highest interlayer stress in tap part of winding (<5kV/mm is not acceptable as the calculated value must be presented)","kV/mm",{"$f":"VLOOKUP($D$7,'Source Data'!$A$2:$EU$28,34,FALSE)","v":"< 5 "}]
[null,5.3,null,"Paper type.",null,{"$f":"VLOOKUP($D$7,'Source Data'!$A$2:$EU$28,35,FALSE)","v":"xxxxxxxxxxx"}]
[null,5.3999999999999995,null,"Paper make.",null,{"$f":"VLOOKUP($D$7,'Source Data'!$A$2:$EU$28,36,FALSE)","v":"xxxxxxxxxxx"}]
[null,6,"3.2.10","Tapping connections"]
[null,6.1,null,"No tap connections shall be provided on SWER isolation transformers",null,{"$f":"VLOOKUP($D$7,'Source Data'!$A$2:$EU$28,38,FALSE)","v":"xxxxxxxxxxx"},"xxxxxxxxxxx"]
[null,7,"3.2.11","Primary MV Bushings for Coastal Transformers"]
[null,7.1,null,"Make ",null,{"$f":"VLOOKUP($D$7,'Source Data'!$A$2:$EU$28,49,FALSE)","v":"xxxxxxxxxxx"}]
[null,7.2,null,"Product code",null,{"$f":"VLOOKUP($D$7,'Source Data'!$A$2:$EU$28,50,FALSE)","v":"xxxxxxxxxxx"}]
[null,7.3,null,"Material (e.g. Porcelain)",null,{"$f":"VLOOKUP($D$7,'Source Data'!$A$2:$EU$28,51,FALSE)","v":"xxxxxxxxxxx"}]
[null,7.4,null,"Specific creepage distance","mm/kV",{"$f":"VLOOKUP($D$7,'Source Data'!$A$2:$EU$28,52,FALSE)","v":"≥ 31"}]
[null,7.5,null,"Clamping",null,{"$f":"VLOOKUP($D$7,'Source Data'!$A$2:$EU$28,53,FALSE)","v":"Base"}]
[null,7.6,null,"Type",null,{"$f":"VLOOKUP($D$7,'Source Data'!$A$2:$EU$28,54,FALSE)","v":"Draw lead"}]
[null,7.7,null,"Stem diameter",null,{"$f":"VLOOKUP($D$7,'Source Data'!$A$2:$EU$28,55,FALSE)","v":"M12"}]
[null,7.8,"3.2.11","Secondary MV Bushings for Coastal Transformers"]
[null,7.9,null,"Make ",null,{"$f":"VLOOKUP($D$7,'Source Data'!$A$2:$EU$28,57,FALSE)","v":"xxxxxxxxxxx"}]
[null,"7.10",null,"Product code",null,{"$f":"VLOOKUP($D$7,'Source Data'!$A$2:$EU$28,58,FALSE)","v":"xxxxxxxxxxx"}]
[null,"7.11",null,"Material (e.g. Porcelain)",null,{"$f":"VLOOKUP($D$7,'Source Data'!$A$2:$EU$28,59,FALSE)","v":"xxxxxxxxxxx"}]
[null,"7.12",null,"Specific creepage distance",null,{"$f":"VLOOKUP($D$7,'Source Data'!$A$2:$EU$28,60,FALSE)","v":"≥ 31"}]
[null,"7.13",null,"Clamping",null,{"$f":"VLOOKUP($D$7,'Source Data'!$A$2:$EU$28,61,FALSE)","v":"Base"}]
[null,"7.14",null,"Type",null,{"$f":"VLOOKUP($D$7,'Source Data'!$A$2:$EU$28,62,FALSE)","v":"Draw lead"}]
[null,"7.15",null,"Stem diameter",null,{"$f":"VLOOKUP($D$7,'Source Data'!$A$2:$EU$28,63,FALSE)","v":"M12"}]
[null,8,"3.2.11","Secondary LV Bushings for Coastal Transformers"]
[null,8.1,null,"Make ",null,{"$f":"VLOOKUP($D$7,'Source Data'!$A$2:$EU$28,65,FALSE)","v":"xxxxxxxxxxx"}]
[null,8.2,null,"Product code",null,{"$f":"VLOOKUP($D$7,'Source Data'!$A$2:$EU$28,66,FALSE)","v":"xxxxxxxxxxx"}]
[null,8.3,null,"Material (e.g. Porcelain)",null,{"$f":"VLOOKUP($D$7,'Source Data'!$A$2:$EU$28,67,FALSE)","v":"xxxxxxxxxxx"}]
[null,8.4,null,"Stem diameter",null,{"$f":"VLOOKUP($D$7,'Source Data'!$A$2:$EU$28,68,FALSE)","v":"M12"}]
[null,9,"3.2.14","Losses"]
[null,9.1,null,"Loss factor base (Cost of Dx or Gx) ",null,{"$f":"VLOOKUP($D$7,'Source Data'!$A$2:$EU$28,72,FALSE)","v":"Distribution"},"xxxxxxxxxxx"]
[null,9.2,null,"No-load Loss Factor, NLLF ","R/kW",{"$f":"VLOOKUP($D$7,'Source Data'!$A$2:$EU$28,73,FALSE)","v":80500},"xxxxxxxxxxx"]
[null,9.3,null,"Load Loss Factor, LLF","R/kW",{"$f":"VLOOKUP($D$7,'Source Data'!$A$2:$EU$28,74,FALSE)","v":17500},"xxxxxxxxxxx"]
[null,9.4,null,"Guaranteed no-load losses, PNL (Steel Core)","W",{"$f":"VLOOKUP($D$7,'Source Data'!$A$2:$EU$28,75,FALSE)","v":110}]
[null,9.5,null,"Guaranteed no-load losses, PNL (only if Amorphous Core is offered)","W",{"$f":"VLOOKUP($D$7,'Source Data'!$A$2:$EU$28,151,FALSE)","v":40}]
[null,9.6,null,"Guaranteed load losses, PLL","W",{"$f":"VLOOKUP($D$7,'Source Data'!$A$2:$EU$28,76,FALSE)","v":880}]
[null,10,"3.2.14","Impedance voltage & X/R ratio"]
[null,10.1,null,"Impedance at principle tapping (specific design impedances to be stated)","%",{"$f":"VLOOKUP($D$7,'Source Data'!$A$2:$EU$28,78,FALSE)","v":"3,0 to 4,5"}]
[null,10.2,null,"X/R ratio",null,{"$f":"VLOOKUP($D$7,'Source Data'!$A$2:$EU$28,79,FALSE)","v":"xxxxxxxxxx"}]
[null,11,null,"Audio-sound level (SANS 780)"]
[null,11.1,null,"Maximum limit of transformer audio-sound level","db(A)",{"$f":"VLOOKUP($D$7,'Source Data'!$A$2:$EU$28,81,FALSE)","v":"≤ 48 "}]
[null,12,null,"MV winding wire"]
[null,12.1,null,"Material (e.g. Cu or Al)",null,{"$f":"VLOOKUP($D$7,'Source Data'!$A$2:$EU$28,83,FALSE)","v":"xxxxxxxxxxx"}]
[null,12.2,null,"Type (e.g. Round, Strip or Foil)",null,{"$f":"VLOOKUP($D$7,'Source Data'!$A$2:$EU$28,84,FALSE)","v":"xxxxxxxxxxx"}]
[null,13,null,"Secondary winding wire"]
[null,13.1,null,"Material (e.g. Cu or Al)",null,{"$f":"VLOOKUP($D$7,'Source Data'!$A$2:$EU$28,86,FALSE)","v":"xxxxxxxxxxx"}]
[null,13.2,null,"Type (e.g. Round, Strip or Foil)",null,{"$f":"VLOOKUP($D$7,'Source Data'!$A$2:$EU$28,87,FALSE)","v":"xxxxxxxxxxx"}]
[null,14,null,"Core material"]
[null,14.1,null,"Core material ",null,{"$f":"VLOOKUP($D$7,'Source Data'!$A$2:$EU$28,89,FALSE)","v":"Steel or Amporphous"}]
[null,14.2,null,"Type/code ",null,{"$f":"VLOOKUP($D$7,'Source Data'!$A$2:$EU$28,90,FALSE)","v":"xxxxxxxxxxx"}]
[null,14.3,null,"Maximum Flux Density of Material",null,{"$f":"VLOOKUP($D$7,'Source Data'!$A$2:$EU$28,91,FALSE)","v":"xxxxxxxxxxx"}]
[null,14.4,null,"Supplier",null,{"$f":"VLOOKUP($D$7,'Source Data'!$A$2:$EU$28,92,FALSE)","v":"xxxxxxxxxxx"}]
[null,15,"3.3.2","Tank and tank cover"]
[null,15.1,null,"Tank type: Sealed",null,{"$f":"VLOOKUP($D$7,'Source Data'!$A$2:$EU$28,94,FALSE)","v":"Sealed"}]
[null,15.2,null,"Plain, rigid or corrugated",null,{"$f":"VLOOKUP($D$7,'Source Data'!$A$2:$EU$28,95,FALSE)","v":"xxxxxxxxxx"}]
[null,16,"3.3.3","Transformer dimensions"]
[null,16.1,"Figure 12","Wo (including surge arrester)","mm",{"$f":"VLOOKUP($D$7,'Source Data'!$A$2:$EU$28,97,FALSE)","v":"≤ 1 080 "}]
[null,16.2,"Figure 12","Lo","mm",{"$f":"VLOOKUP($D$7,'Source Data'!$A$2:$EU$28,98,FALSE)","v":"≤ 1 500 "}]
[null,16.3,"Figure 12","Ht","mm",{"$f":"VLOOKUP($D$7,'Source Data'!$A$2:$EU$28,99,FALSE)","v":"≤ 1 500 "}]
[null,16.4,"Figure 12","Mass","kg",{"$f":"VLOOKUP($D$7,'Source Data'!$A$2:$EU$28,100,FALSE)","v":"≤ 900 "}]
[null,16.5,null,"Oil capacity","l",{"$f":"VLOOKUP($D$7,'Source Data'!$A$2:$EU$28,101,FALSE)","v":"xxxxxxxxxxx"}]
[null,16.6,null,"Minimum clearance between live MV terminals and from MV live terminals to any part of the tank greater than twice the BIL ","mm",{"$f":"VLOOKUP($D$7,'Source Data'!$A$2:$EU$28,102,FALSE)","v":400}]
[null,16.7,"3.3.4","Minimum mechanical clearance of 100 mm between the brackets and LV bushings shall be maintained","mm",{"$f":"VLOOKUP($D$7,'Source Data'!$A$2:$EU$28,103,FALSE)","v":100}]
[null,17,"3.3.4","Pole mounting bracket"]
[null,17.1,null,"Single pole mounting bracket required? (Yes or No)",null,{"$f":"VLOOKUP($D$7,'Source Data'!$A$2:$EU$28,105,FALSE)","v":"No"},"xxxxxxxxxxx"]
[null,"17.2.1",null,"Supplied with: - 2 x clamps",null,{"$f":"VLOOKUP($D$7,'Source Data'!$A$2:$EU$28,106,FALSE)","v":"N/A"},"xxxxxxxxxxx"]
[null,"17.2.2",null,"                     - 1 x threaded rod (M20 x 350 mm)",null,{"$f":"VLOOKUP($D$7,'Source Data'!$A$2:$EU$28,107,FALSE)","v":"N/A"},"xxxxxxxxxxx"]
[null,"17.2.3",null,"                     - 4 x threaded rods (M20 x 250 mm)",null,{"$f":"VLOOKUP($D$7,'Source Data'!$A$2:$EU$28,108,FALSE)","v":"N/A"},"xxxxxxxxxxx"]
[null,"17.2.4",null,"                     - 12 x nuts, flat washers & spring washers (M20)",null,{"$f":"VLOOKUP($D$7,'Source Data'!$A$2:$EU$28,109,FALSE)","v":"N/A"}]
[null,17.2,null,"Dimension Mo","mm",{"$f":"VLOOKUP($D$7,'Source Data'!$A$2:$EU$28,110,FALSE)","v":"N/A"},"xxxxxxxxxxx"]
[null,17.3,null,"Dimension h1","mm",{"$f":"VLOOKUP($D$7,'Source Data'!$A$2:$EU$28,111,FALSE)","v":"N/A"},"xxxxxxxxxxx"]
[null,17.4,null,"Dimension W1","mm",{"$f":"VLOOKUP($D$7,'Source Data'!$A$2:$EU$28,112,FALSE)","v":"N/A"},"xxxxxxxxxxx"]
[null,17.5,null,"Mounting hole diameter","mm",{"$f":"VLOOKUP($D$7,'Source Data'!$A$2:$EU$28,113,FALSE)","v":"N/A"},"xxxxxxxxxxx"]
[null,17.6,null,"Mounting hole centres","mm",{"$f":"VLOOKUP($D$7,'Source Data'!$A$2:$EU$28,114,FALSE)","v":"N/A"},"xxxxxxxxxxx"]
[null,18,"3.3.5","Transformer under base"]
[null,18.1,null,"Under base required? (Yes or No)",null,{"$f":"VLOOKUP($D$7,'Source Data'!$A$2:$EU$28,116,FALSE)","v":"Yes"},"xxxxxxxxxxx"]
[null,18.2,"Figure 15","Lml","mm",{"$f":"VLOOKUP($D$7,'Source Data'!$A$2:$EU$28,117,FALSE)","v":400}]
[null,18.3,"Figure 15","Lmw (300, 400 or 450)","mm",{"$f":"VLOOKUP($D$7,'Source Data'!$A$2:$EU$28,118,FALSE)","v":"xxxxxxxxxxx"}]
[null,18.4,"Figure 15","Ls","mm",{"$f":"VLOOKUP($D$7,'Source Data'!$A$2:$EU$28,119,FALSE)","v":"≥ 320"}]
[null,18.5,"Figure 15","Lmh","mm",{"$f":"VLOOKUP($D$7,'Source Data'!$A$2:$EU$28,110,FALSE)","v":"N/A"}]
[null,18.6,"Figure 15","Mounting hole diameter","mm",{"$f":"VLOOKUP($D$7,'Source Data'!$A$2:$EU$28,111,FALSE)","v":"N/A"}]
[null,19,"3.3.6","Lifting lugs"]
[null,19.1,null,"Lifting lugs fitted",null,{"$f":"VLOOKUP($D$7,'Source Data'!$A$2:$EU$28,123,FALSE)","v":"Yes"}]
[null,19.2,null,"Hole diameter","mm",{"$f":"VLOOKUP($D$7,'Source Data'!$A$2:$EU$28,124,FALSE)","v":"≥ 30 "}]
[null,20,"3.3.7","Earthing terminals"]
[null,20.1,null,"Boss material ",null,{"$f":"VLOOKUP($D$7,'Source Data'!$A$2:$EU$28,126,FALSE)","v":"316 Stainless Steel or Mild Steel"}]
[null,20.2,null,"Boss depth","mm",{"$f":"VLOOKUP($D$7,'Source Data'!$A$2:$EU$28,127,FALSE)","v":"≥ 30"}]
[null,20.3,null,"Set screw material",null,{"$f":"VLOOKUP($D$7,'Source Data'!$A$2:$EU$28,128,FALSE)","v":"316 Stainless Steel or Mild Steel"}]
[null,20.4,null,"Set screw dimensions","mm",{"$f":"VLOOKUP($D$7,'Source Data'!$A$2:$EU$28,129,FALSE)","v":"M12 x 25 "}]
[null,20.5,null,"Supplied with washer and spring washer",null,{"$f":"VLOOKUP($D$7,'Source Data'!$A$2:$EU$28,130,FALSE)","v":"Yes"}]
[null,21,"3.3.8","Surge arrester brackets"]
[null,21.1,null,"Surge arrester brackets fitted",null,{"$f":"VLOOKUP($D$7,'Source Data'!$A$2:$EU$28,132,FALSE)","v":"Yes"}]
[null,21.2,"Figure 17","Mounting hole diameter","mm",{"$f":"VLOOKUP($D$7,'Source Data'!$A$2:$EU$28,133,FALSE)","v":14}]
[null,21.3,"Figure 17","Dimension D (worst case)","mm",{"$f":"VLOOKUP($D$7,'Source Data'!$A$2:$EU$28,134,FALSE)","v":"≥ 200"}]
[null,21.4,"Figure 17","Dimension E (worst case)","mm",{"$f":"VLOOKUP($D$7,'Source Data'!$A$2:$EU$28,135,FALSE)","v":"≥ 400 "}]
[null,21.5,"Figure 17","Dimension F (worst case)","mm",{"$f":"VLOOKUP($D$7,'Source Data'!$A$2:$EU$28,136,FALSE)","v":"≥ 150"}]
[null,22,3.4,"Corrosion protection for Coastal transformers"]
[null,22.1,null,"Indicate the coating system (i.e. DS numbers according to DSP 240-75655504) that is offered. (e.g. DS-14 + DS-15 for zinc sprayed mild steel with duplex coating)"]
[null,22.2,null,"Tank ",null,{"$f":"VLOOKUP($D$7,'Source Data'!$A$2:$EU$28,145,FALSE)","v":"xxxxxxxxxxx"}]
[null,22.3,null,"Radiators",null,{"$f":"VLOOKUP($D$7,'Source Data'!$A$2:$EU$28,146,FALSE)","v":"xxxxxxxxxxx"}]
[null,22.4,null,"Threaded rods and accessories",null,{"$f":"VLOOKUP($D$7,'Source Data'!$A$2:$EU$28,147,FALSE)","v":"xxxxxxxxxxx"}]
[null,22.5,null,"Colour of final coat",null,{"$f":"VLOOKUP($D$7,'Source Data'!$A$2:$EU$28,148,FALSE)","v":"Azure Blue"}]
[null,23,4.2,"All Type Tests in Accordance with SANS 780:\n\n• Temperature rise test \n• Dielectric type test\n• Tank stiffness test \n• Corrugated tank fatigue test\n• Equivalent disturbing current test (This test is only applicable to SWER transformers)\n• Short Circuit Withstand Test\n• Natural ageing and pollution performance test",null,{"$f":"VLOOKUP($D$7,'Source Data'!$A$2:$EU$28,149,FALSE)","v":"Report Numbers"}]
[null,24,4.3,"All Routine Tests in Accordance with SANS 780:\n\n• Measurement of winding resistance\n• Measurement of voltage ratio and phase displacement\n• Measurement of short-circuit impedance and load loss\n• Measurement of no-load loss and current\n• Separate source voltage test\n• Induced overvoltage test\n• Measurement of paint thickness\n• Test for effectiveness of sealing\n• Measurement of secondary voltage across outer two terminals to be 484 V. (Only applicable to dual-phase transformers.) \n• Measurement of insulation resistance test\n• Reactance (%)\n• Dielectric routine tests\n• Vector group test ",null,{"$f":"VLOOKUP($D$7,'Source Data'!$A$2:$EU$28,150,FALSE)","v":"Report Numbers"}]

{"sheet":"0180283","index":7,"n_rows":143,"n_cols":7,"rows_kept":143,"merged":[[2,5,2,6],[3,5,3,6],[7,5,9,6],[9,1,9,3]]}
[]
[]
[{"$nulls":5},"Specification: DSP 240-45395762 Rev.4"]
[{"$nulls":5},{"$f":"'List of Items & Enquiry number'!B14","v":"Enquiry Number: 123456XYZ"}]
[]
[{"$nulls":3},"TECHNICAL SCHEDULES A & B FOR \nPOLE-MOUNTED  DISTRIBUTION TRANSFORMERS"]
[{"$nulls":3},"SWER Isolation, 100kVA 11kV/ 19kV* (Coastal, Ester Oil Only)"]
[{"$nulls":3},"* rated no-load voltage of the secondary shall be 19 kV (phase to ground)",null,"Deviations from the specific requirements stated in Schedule A must be recorded and explained in the Deviation Schedule"]
[null,"Schedule A:  Purchaser's specific requirements"]
[null,"Schedule B:  Guarantees and technical particulars of equipment offered"]
[null,"Item","Sub-clause of 240- 45395762","Description",null,"Schedule A","Schedule B"]
[null,1,null,"Identification"]
[null,1.1,null,"Name of manufacturer",null,{"$f":"VLOOKUP($D$7,'Source Data'!$A$2:$EU$28,3,FALSE)","v":"xxxxxxxxxxx"}]
[null,1.2000000000000002,null,"Name of supplier",null,{"$f":"VLOOKUP($D$7,'Source Data'!$A$2:$EU$28,4,FALSE)","v":"xxxxxxxxxxx"}]
[null,1.3,null,"Product code for Coastal transformers",null,{"$f":"VLOOKUP($D$7,'Source Data'!$A$2:$EU$28,6,FALSE)","v":"xxxxxxxxxxx"}]
[null,1.4,null,"Are the transformers covered by the SANS 780 certification mark?",null,{"$f":"VLOOKUP($D$7,'Source Data'!$A$2:$EU$28,7,FALSE)","v":"xxxxxxxxxxx"}]
[null,1.5,null,"State SANS 780 permit number",null,{"$f":"VLOOKUP($D$7,'Source Data'!$A$2:$EU$28,8,FALSE)","v":"xxxxxxxxxxx"}]
[null,1.6,null,"Oil Type",null,{"$f":"VLOOKUP($D$7,'Source Data'!$A$2:$EU$28,9,FALSE)","v":"Ester Oil"}]
[null,2,"3.2.2","Ratings"]
[null,2.1,null,"Power rating","kVA",{"$f":"VLOOKUP($D$7,'Source Data'!$A$2:$EU$28,11,FALSE)","v":100}]
[null,2.2,null,"Rated primary voltage","kV",{"$f":"VLOOKUP($D$7,'Source Data'!$A$2:$EU$28,12,FALSE)","v":11}]
[null,2.3000000000000003,null,"Rated no-load secondary voltage (phase to ground)","kV",{"$f":"VLOOKUP($D$7,'Source Data'!$A$2:$EU$28,13,FALSE)","v":19}]
[null,2.4000000000000004,null,"Frequency","Hz",{"$f":"VLOOKUP($D$7,'Source Data'!$A$2:$EU$28,14,FALSE)","v":50}]
[null,2.5,null,"Number of phases",null,{"$f":"VLOOKUP($D$7,'Source Data'!$A$2:$EU$28,15,FALSE)","v":"1ph"}]
[null,2.6,null,"Vector Group",null,{"$f":"VLOOKUP($D$7,'Source Data'!$A$2:$EU$28,16,FALSE)","v":"N/A"},"xxxxxxxxxxx"]
[null,3,"3.2.5","Insulation levels"]
[null,3.1,null,"BIL - Primary","kV",{"$f":"VLOOKUP($D$7,'Source Data'!$A$2:$EU$28,18,FALSE)","v":95}]
[null,3.2,null,"BIL - Secondary Line Terminal","kV",{"$f":"VLOOKUP($D$7,'Source Data'!$A$2:$EU$28,19,FALSE)","v":200}]
[null,3.3,null,"BIL - Secondary Neutral Terminal","kV",{"$f":"VLOOKUP($D$7,'Source Data'!$A$2:$EU$28,20,FALSE)","v":30}]
[null,3.4,null,"Power frequency withstand voltage - Primary","kV",{"$f":"VLOOKUP($D$7,'Source Data'!$A$2:$EU$28,21,FALSE)","v":28}]
[null,3.5,null,"Power frequency withstand voltage – Secondary","kV",{"$f":"VLOOKUP($D$7,'Source Data'!$A$2:$EU$28,22,FALSE)","v":8}]
[null,4,"3.2.8","Inter-turn winding insulation"]
[null,4.1,null,"Type (Enamel or Paper)",null,{"$f":"VLOOKUP($D$7,'Source Data'!$A$2:$EU$28,24,FALSE)","v":"xxxxxxxxxxx"}]
[null,4.199999999999999,null,"Enamel grade (if applicable)",null,{"$f":"VLOOKUP($D$7,'Source Data'!$A$2:$EU$28,25,FALSE)","v":"Grade 3"}]
[null,4.3,null,"Paper thickness (if applicable)","mm",{"$f":"VLOOKUP($D$7,'Source Data'!$A$2:$EU$28,26,FALSE)","v":"> 0.125"}]
[null,4.3999999999999995,null,"Paper type (if applicable)",null,{"$f":"VLOOKUP($D$7,'Source Data'!$A$2:$EU$28,27,FALSE)","v":"xxxxxxxxxxx"}]
[null,4.5,null,"Paper make (if applicable)",null,{"$f":"VLOOKUP($D$7,'Source Data'!$A$2:$EU$28,28,FALSE)","v":"xxxxxxxxxxx"}]
[null,4.6,null,"Paper minimum impulse withstand","kV",{"$f":"VLOOKUP($D$7,'Source Data'!$A$2:$EU$28,29,FALSE)","v":21}]
[null,4.7,null,"Paper minimum power frequency withstand ","kV",{"$f":"VLOOKUP($D$7,'Source Data'!$A$2:$EU$28,30,FALSE)","v":8}]
[null,4.8,null,"Inter-turn winding insulation stress shall not exceed 5 kV/mm","kV/mm",{"$f":"VLOOKUP($D$7,'Source Data'!$A$2:$EU$28,31,FALSE)","v":"<5"}]
[null,5,"3.2.9","Interlayer insulation"]
[null,5.1,null,"Highest interlayer stress in non-tap part of winding (<5kV/mm is not acceptable as the calculated value must be presented)","kV/mm",{"$f":"VLOOKUP($D$7,'Source Data'!$A$2:$EU$28,33,FALSE)","v":"< 5"}]
[null,5.199999999999999,null,"Highest interlayer stress in tap part of winding (<5kV/mm is not acceptable as the calculated value must be presented)","kV/mm",{"$f":"VLOOKUP($D$7,'Source Data'!$A$2:$EU$28,34,FALSE)","v":"< 5 "}]
[null,5.3,null,"Paper type.",null,{"$f":"VLOOKUP($D$7,'Source Data'!$A$2:$EU$28,35,FALSE)","v":"xxxxxxxxxxx"}]
[null,5.3999999999999995,null,"Paper make.",null,{"$f":"VLOOKUP($D$7,'Source Data'!$A$2:$EU$28,36,FALSE)","v":"xxxxxxxxxxx"}]
[null,6,"3.2.10","Tapping connections"]
[null,6.1,null,"No tap connections shall be provided on SWER isolation transformers",null,{"$f":"VLOOKUP($D$7,'Source Data'!$A$2:$EU$28,38,FALSE)","v":"xxxxxxxxxxx"},"xxxxxxxxxxx"]
[null,7,"3.2.11","Primary MV Bushings for Coastal Transformers"]
[null,7.1,null,"Make ",null,{"$f":"VLOOKUP($D$7,'Source Data'!$A$2:$EU$28,49,FALSE)","v":"xxxxxxxxxxx"}]
[null,7.2,null,"Product code",null,{"$f":"VLOOKUP($D$7,'Source Data'!$A$2:$EU$28,50,FALSE)","v":"xxxxxxxxxxx"}]
[null,7.3,null,"Material (e.g. Porcelain)",null,{"$f":"VLOOKUP($D$7,'Source Data'!$A$2:$EU$28,51,FALSE)","v":"xxxxxxxxxxx"}]
[null,7.4,null,"Specific creepage distance","mm/kV",{"$f":"VLOOKUP($D$7,'Source Data'!$A$2:$EU$28,52,FALSE)","v":"≥ 31"}]
[null,7.5,null,"Clamping",null,{"$f":"VLOOKUP($D$7,'Source Data'!$A$2:$EU$28,53,FALSE)","v":"Base"}]
[null,7.6,null,"Type",null,{"$f":"VLOOKUP($D$7,'Source Data'!$A$2:$EU$28,54,FALSE)","v":"Draw lead"}]
[null,7.7,null,"Stem diameter",null,{"$f":"VLOOKUP($D$7,'Source Data'!$A$2:$EU$28,55,FALSE)","v":"M12"}]
[null,7.8,"3.2.11","Secondary MV Bushings for Coastal Transformers"]
[null,7.9,null,"Make ",null,{"$f":"VLOOKUP($D$7,'Source Data'!$A$2:$EU$28,57,FALSE)","v":"xxxxxxxxxxx"}]
[null,"7.10",null,"Product code",null,{"$f":"VLOOKUP($D$7,'Source Data'!$A$2:$EU$28,58,FALSE)","v":"xxxxxxxxxxx"}]
[null,"7.11",null,"Material (e.g. Porcelain)",null,{"$f":"VLOOKUP($D$7,'Source Data'!$A$2:$EU$28,59,FALSE)","v":"xxxxxxxxxxx"}]
[null,"7.12",null,"Specific creepage distance",null,{"$f":"VLOOKUP($D$7,'Source Data'!$A$2:$EU$28,60,FALSE)","v":"≥ 31"}]
[null,"7.13",null,"Clamping",null,{"$f":"VLOOKUP($D$7,'Source Data'!$A$2:$EU$28,61,FALSE)","v":"Base"}]
[null,"7.14",null,"Type",null,{"$f":"VLOOKUP($D$7,'Source Data'!$A$2:$EU$28,62,FALSE)","v":"Draw lead"}]
[null,"7.15",null,"Stem diameter",null,{"$f":"VLOOKUP($D$7,'Source Data'!$A$2:$EU$28,63,FALSE)","v":"M12"}]
[null,8,"3.2.11","Secondary LV Bushings for Coastal Transformers"]
[null,8.1,null,"Make ",null,{"$f":"VLOOKUP($D$7,'Source Data'!$A$2:$EU$28,65,FALSE)","v":"xxxxxxxxxxx"}]
[null,8.2,null,"Product code",null,{"$f":"VLOOKUP($D$7,'Source Data'!$A$2:$EU$28,66,FALSE)","v":"xxxxxxxxxxx"}]
[null,8.3,null,"Material (e.g. Porcelain)",null,{"$f":"VLOOKUP($D$7,'Source Data'!$A$2:$EU$28,67,FALSE)","v":"xxxxxxxxxxx"}]
[null,8.4,null,"Stem diameter",null,{"$f":"VLOOKUP($D$7,'Source Data'!$A$2:$EU$28,68,FALSE)","v":"M12"}]
[null,9,"3.2.14","Losses"]
[null,9.1,null,"Loss factor base (Cost of Dx or Gx) ",null,{"$f":"VLOOKUP($D$7,'Source Data'!$A$2:$EU$28,72,FALSE)","v":"Distribution"},"xxxxxxxxxxx"]
[null,9.2,null,"No-load Loss Factor, NLLF ","R/kW",{"$f":"VLOOKUP($D$7,'Source Data'!$A$2:$EU$28,73,FALSE)","v":80500},"xxxxxxxxxxx"]
[null,9.3,null,"Load Loss Factor, LLF","R/kW",{"$f":"VLOOKUP($D$7,'Source Data'!$A$2:$EU$28,74,FALSE)","v":17500},"xxxxxxxxxxx"]
[null,9.4,null,"Guaranteed no-load losses, PNL (Steel Core)","W",{"$f":"VLOOKUP($D$7,'Source Data'!$A$2:$EU$28,75,FALSE)","v":190}]
[null,9.5,null,"Guaranteed no-load losses, PNL (only if Amorphous Core is offered)","W",{"$f":"VLOOKUP($D$7,'Source Data'!$A$2:$EU$28,151,FALSE)","v":70}]
[null,9.6,null,"Guaranteed load losses, PLL","W",{"$f":"VLOOKUP($D$7,'Source Data'!$A$2:$EU$28,76,FALSE)","v":1500}]
[null,10,"3.2.14","Impedance voltage & X/R ratio"]
[null,10.1,null,"Impedance at principle tapping (specific design impedances to be stated)","%",{"$f":"VLOOKUP($D$7,'Source Data'!$A$2:$EU$28,78,FALSE)","v":"3,0 to 4,5"}]
[null,10.2,null,"X/R ratio",null,{"$f":"VLOOKUP($D$7,'Source Data'!$A$2:$EU$28,79,FALSE)","v":"xxxxxxxxxx"}]
[null,11,null,"Audio-sound level (SANS 780)"]
[null,11.1,null,"Maximum limit of transformer audio-sound level","db(A)",{"$f":"VLOOKUP($D$7,'Source Data'!$A$2:$EU$28,81,FALSE)","v":"≤ 48 "}]
[null,12,null,"MV winding wire"]
[null,12.1,null,"Material (e.g. Cu or Al)",null,{"$f":"VLOOKUP($D$7,'Source Data'!$A$2:$EU$28,83,FALSE)","v":"xxxxxxxxxxx"}]
[null,12.2,null,"Type (e.g. Round, Strip or Foil)",null,{"$f":"VLOOKUP($D$7,'Source Data'!$A$2:$EU$28,84,FALSE)","v":"xxxxxxxxxxx"}]
[null,13,null,"Secondary winding wire"]
[null,13.1,null,"Material (e.g. Cu or Al)",null,{"$f":"VLOOKUP($D$7,'Source Data'!$A$2:$EU$28,86,FALSE)","v":"xxxxxxxxxxx"}]
[null,13.2,null,"Type (e.g. Round, Strip or Foil)",null,{"$f":"VLOOKUP($D$7,'Source Data'!$A$2:$EU$28,87,FALSE)","v":"xxxxxxxxxxx"}]
[null,14,null,"Core material"]
[null,14.1,null,"Core material ",null,{"$f":"VLOOKUP($D$7,'Source Data'!$A$2:$EU$28,89,FALSE)","v":"Steel or Amporphous"}]
[null,14.2,null,"Type/code ",null,{"$f":"VLOOKUP($D$7,'Source Data'!$A$2:$EU$28,90,FALSE)","v":"xxxxxxxxxxx"}]
[null,14.3,null,"Maximum Flux Density of Material",null,{"$f":"VLOOKUP($D$7,'Source Data'!$A$2:$EU$28,91,FALSE)","v":"xxxxxxxxxxx"}]
[null,14.4,null,"Supplier",null,{"$f":"VLOOKUP($D$7,'Source Data'!$A$2:$EU$28,92,FALSE)","v":"xxxxxxxxxxx"}]
[null,15,"3.3.2","Tank and tank cover"]
[null,15.1,null,"Tank type: Sealed",null,{"$f":"VLOOKUP($D$7,'Source Data'!$A$2:$EU$28,94,FALSE)","v":"Sealed"}]
[null,15.2,null,"Plain, rigid or corrugated",null,{"$f":"VLOOKUP($D$7,'Source Data'!$A$2:$EU$28,95,FALSE)","v":"xxxxxxxxxx"}]
[null,16,"3.3.3","Transformer dimensions"]
[null,16.1,"Figure 12","Wo (including surge arrester)","mm",{"$f":"VLOOKUP($D$7,'Source Data'!$A$2:$EU$28,97,FALSE)","v":"≤ 1 080 "}]
[null,16.2,"Figure 12","Lo","mm",{"$f":"VLOOKUP($D$7,'Source Data'!$A$2:$EU$28,98,FALSE)","v":"≤ 1 500 "}]
[null,16.3,"Figure 12","Ht","mm",{"$f":"VLOOKUP($D$7,'Source Data'!$A$2:$EU$28,99,FALSE)","v":"≤ 1 500 "}]
[null,16.4,"Figure 12","Mass","kg",{"$f":"VLOOKUP($D$7,'Source Data'!$A$2:$EU$28,100,FALSE)","v":"≤ 900 "}]
[null,16.5,null,"Oil capacity","l",{"$f":"VLOOKUP($D$7,'Source Data'!$A$2:$EU$28,101,FALSE)","v":"xxxxxxxxxxx"}]
[null,16.6,null,"Minimum clearance between live MV terminals and from MV live terminals to any part of the tank greater than twice the BIL ","mm",{"$f":"VLOOKUP($D$7,'Source Data'!$A$2:$EU$28,102,FALSE)","v":190}]
[null,16.7,"3.3.4","Minimum mechanical clearance of 100 mm between the brackets and LV bushings shall be maintained","mm",{"$f":"VLOOKUP($D$7,'Source Data'!$A$2:$EU$28,103,FALSE)","v":100}]
[null,17,"3.3.4","Pole mounting bracket"]
[null,17.1,null,"Single pole mounting bracket required? (Yes or No)",null,{"$f":"VLOOKUP($D$7,'Source Data'!$A$2:$EU$28,105,FALSE)","v":"No"},"xxxxxxxxxxx"]
[null,"17.2.1",null,"Supplied with: - 2 x clamps",null,{"$f":"VLOOKUP($D$7,'Source Data'!$A$2:$EU$28,106,FALSE)","v":"N/A"},"xxxxxxxxxxx"]
[null,"17.2.2",null,"                     - 1 x threaded rod (M20 x 350 mm)",null,{"$f":"VLOOKUP($D$7,'Source Data'!$A$2:$EU$28,107,FALSE)","v":"N/A"},"xxxxxxxxxxx"]
[null,"17.2.3",null,"                     - 4 x threaded rods (M20 x 250 mm)",null,{"$f":"VLOOKUP($D$7,'Source Data'!$A$2:$EU$28,108,FALSE)","v":"N/A"},"xxxxxxxxxxx"]
[null,"17.2.4",null,"                     - 12 x nuts, flat washers & spring washers (M20)",null,{"$f":"VLOOKUP($D$7,'Source Data'!$A$2:$EU$28,109,FALSE)","v":"N/A"}]
[null,17.2,null,"Dimension Mo","mm",{"$f":"VLOOKUP($D$7,'Source Data'!$A$2:$EU$28,110,FALSE)","v":"N/A"},"xxxxxxxxxxx"]
[null,17.3,null,"Dimension h1","mm",{"$f":"VLOOKUP($D$7,'Source Data'!$A$2:$EU$28,111,FALSE)","v":"N/A"},"xxxxxxxxxxx"]
[null,17.4,null,"Dimension W1","mm",{"$f":"VLOOKUP($D$7,'Source Data'!$A$2:$EU$28,112,FALSE)","v":"N/A"},"xxxxxxxxxxx"]
[null,17.5,null,"Mounting hole diameter","mm",{"$f":"VLOOKUP($D$7,'Source Data'!$A$2:$EU$28,113,FALSE)","v":"N/A"},"xxxxxxxxxxx"]
[null,17.6,null,"Mounting hole centres","mm",{"$f":"VLOOKUP($D$7,'Source Data'!$A$2:$EU$28,114,FALSE)","v":"N/A"},"xxxxxxxxxxx"]
[null,18,"3.3.5","Transformer under base"]
[null,18.1,null,"Under base required? (Yes or No)",null,{"$f":"VLOOKUP($D$7,'Source Data'!$A$2:$EU$28,116,FALSE)","v":"Yes"},"xxxxxxxxxxx"]
[null,18.2,"Figure 15","Lml","mm",{"$f":"VLOOKUP($D$7,'Source Data'!$A$2:$EU$28,117,FALSE)","v":400}]
[null,18.3,"Figure 15","Lmw (300, 400 or 450)","mm",{"$f":"VLOOKUP($D$7,'Source Data'!$A$2:$EU$28,118,FALSE)","v":"xxxxxxxxxxx"}]
[null,18.4,"Figure 15","Ls","mm",{"$f":"VLOOKUP($D$7,'Source Data'!$A$2:$EU$28,119,FALSE)","v":"≥ 320"}]
[null,18.5,"Figure 15","Lmh","mm",{"$f":"VLOOKUP($D$7,'Source Data'!$A$2:$EU$28,110,FALSE)","v":"N/A"}]
[null,18.6,"Figure 15","Mounting hole diameter","mm",{"$f":"VLOOKUP($D$7,'Source Data'!$A$2:$EU$28,111,FALSE)","v":"N/A"}]
[null,19,"3.3.6","Lifting lugs"]
[null,19.1,null,"Lifting lugs fitted",null,{"$f":"VLOOKUP($D$7,'Source Data'!$A$2:$EU$28,123,FALSE)","v":"Yes"}]
[null,19.2,null,"Hole diameter","mm",{"$f":"VLOOKUP($D$7,'Source Data'!$A$2:$EU$28,124,FALSE)","v":"≥ 30 "}]
[null,20,"3.3.7","Earthing terminals"]
[null,20.1,null,"Boss material ",null,{"$f":"VLOOKUP($D$7,'Source Data'!$A$2:$EU$28,126,FALSE)","v":"316 Stainless Steel or Mild Steel"}]
[null,20.2,null,"Boss depth","mm",{"$f":"VLOOKUP($D$7,'Source Data'!$A$2:$EU$28,127,FALSE)","v":"≥ 30"}]
[null,20.3,null,"Set screw material",null,{"$f":"VLOOKUP($D$7,'Source Data'!$A$2:$EU$28,128,FALSE)","v":"316 Stainless Steel or Mild Steel"}]
[null,20.4,null,"Set screw dimensions","mm",{"$f":"VLOOKUP($D$7,'Source Data'!$A$2:$EU$28,129,FALSE)","v":"M12 x 25 "}]
[null,20.5,null,"Supplied with washer and spring washer",null,{"$f":"VLOOKUP($D$7,'Source Data'!$A$2:$EU$28,130,FALSE)","v":"Yes"}]
[null,21,"3.3.8","Surge arrester brackets"]
[null,21.1,null,"Surge arrester brackets fitted",null,{"$f":"VLOOKUP($D$7,'Source Data'!$A$2:$EU$28,132,FALSE)","v":"Yes"}]
[null,21.2,"Figure 17","Mounting hole diameter","mm",{"$f":"VLOOKUP($D$7,'Source Data'!$A$2:$EU$28,133,FALSE)","v":14}]
[null,21.3,"Figure 17","Dimension D (worst case)","mm",{"$f":"VLOOKUP($D$7,'Source Data'!$A$2:$EU$28,134,FALSE)","v":"≥ 200"}]
[null,21.4,"Figure 17","Dimension E (worst case)","mm",{"$f":"VLOOKUP($D$7,'Source Data'!$A$2:$EU$28,135,FALSE)","v":"≥ 190"}]
[null,21.5,"Figure 17","Dimension F (worst case)","mm",{"$f":"VLOOKUP($D$7,'Source Data'!$A$2:$EU$28,136,FALSE)","v":"≥ 150"}]
[null,22,3.4,"Corrosion protection for Coastal transformers"]
[null,22.1,null,"Indicate the coating system (i.e. DS numbers according to DSP 240-75655504) that is offered. (e.g. DS-14 + DS-15 for zinc sprayed mild steel with duplex coating)"]
[null,22.2,null,"Tank ",null,{"$f":"VLOOKUP($D$7,'Source Data'!$A$2:$EU$28,145,FALSE)","v":"xxxxxxxxxxx"}]
[null,22.3,null,"Radiators",null,{"$f":"VLOOKUP($D$7,'Source Data'!$A$2:$EU$28,146,FALSE)","v":"xxxxxxxxxxx"}]
[null,22.4,null,"Threaded rods and accessories",null,{"$f":"VLOOKUP($D$7,'Source Data'!$A$2:$EU$28,147,FALSE)","v":"xxxxxxxxxxx"}]
[null,22.5,null,"Colour of final coat",null,{"$f":"VLOOKUP($D$7,'Source Data'!$A$2:$EU$28,148,FALSE)","v":"Azure Blue"}]
[null,23,4.2,"All Type Tests in Accordance with SANS 780:\n\n• Temperature rise test \n• Dielectric type test\n• Tank stiffness test \n• Corrugated tank fatigue test\n• Equivalent disturbing current test (This test is only applicable to SWER transformers)\n• Short Circuit Withstand Test\n• Natural ageing and pollution performance test",null,{"$f":"VLOOKUP($D$7,'Source Data'!$A$2:$EU$28,149,FALSE)","v":"Report Numbers"}]
[null,24,4.3,"All Routine Tests in Accordance with SANS 780:\n\n• Measurement of winding resistance\n• Measurement of voltage ratio and phase displacement\n• Measurement of short-circuit impedance and load loss\n• Measurement of no-load loss and current\n• Separate source voltage test\n• Induced overvoltage test\n• Measurement of paint thickness\n• Test for effectiveness of sealing\n• Measurement of secondary voltage across outer two terminals to be 484 V. (Only applicable to dual-phase transformers.) \n• Measurement of insulation resistance test\n• Reactance (%)\n• Dielectric routine tests\n• Vector group test ",null,{"$f":"VLOOKUP($D$7,'Source Data'!$A$2:$EU$28,150,FALSE)","v":"Report Numbers"}]

{"sheet":"0180284","index":8,"n_rows":143,"n_cols":7,"rows_kept":143,"merged":[[2,5,2,6],[3,5,3,6],[7,5,9,6],[9,1,9,3]]}
[]
[]
[{"$nulls":5},"Specification: DSP 240-45395762 Rev.4"]
[{"$nulls":5},{"$f":"'List of Items & Enquiry number'!B14","v":"Enquiry Number: 123456XYZ"}]
[]
[{"$nulls":3},"TECHNICAL SCHEDULES A & B FOR \nPOLE-MOUNTED  DISTRIBUTION TRANSFORMERS"]
[{"$nulls":3},"SWER Isolation, 100kVA 22kV/ 19kV* (Coastal, Ester Oil Only)"]
[{"$nulls":3},"* rated no-load voltage of the secondary shall be 19 kV (phase to ground)",null,"Deviations from the specific requirements stated in Schedule A must be recorded and explained in the Deviation Schedule"]
[null,"Schedule A:  Purchaser's specific requirements"]
[null,"Schedule B:  Guarantees and technical particulars of equipment offered"]
[null,"Item","Sub-clause of 240- 45395762","Description",null,"Schedule A","Schedule B"]
[null,1,null,"Identification"]
[null,1.1,null,"Name of manufacturer",null,{"$f":"VLOOKUP($D$7,'Source Data'!$A$2:$EU$28,3,FALSE)","v":"xxxxxxxxxxx"}]
[null,1.2000000000000002,null,"Name of supplier",null,{"$f":"VLOOKUP($D$7,'Source Data'!$A$2:$EU$28,4,FALSE)","v":"xxxxxxxxxxx"}]
[null,1.3,null,"Product code for Coastal transformers",null,{"$f":"VLOOKUP($D$7,'Source Data'!$A$2:$EU$28,6,FALSE)","v":"xxxxxxxxxxx"}]
[null,1.4,null,"Are the transformers covered by the SANS 780 certification mark?",null,{"$f":"VLOOKUP($D$7,'Source Data'!$A$2:$EU$28,7,FALSE)","v":"xxxxxxxxxxx"}]
[null,1.5,null,"State SANS 780 permit number",null,{"$f":"VLOOKUP($D$7,'Source Data'!$A$2:$EU$28,8,FALSE)","v":"xxxxxxxxxxx"}]
[null,1.6,null,"Oil Type",null,{"$f":"VLOOKUP($D$7,'Source Data'!$A$2:$EU$28,9,FALSE)","v":"Ester Oil"}]
[null,2,"3.2.2","Ratings"]
[null,2.1,null,"Power rating","kVA",{"$f":"VLOOKUP($D$7,'Source Data'!$A$2:$EU$28,11,FALSE)","v":100}]
[null,2.2,null,"Rated primary voltage","kV",{"$f":"VLOOKUP($D$7,'Source Data'!$A$2:$EU$28,12,FALSE)","v":22}]
[null,2.3000000000000003,null,"Rated no-load secondary voltage (phase to ground)","kV",{"$f":"VLOOKUP($D$7,'Source Data'!$A$2:$EU$28,13,FALSE)","v":19}]
[null,2.4000000000000004,null,"Frequency","Hz",{"$f":"VLOOKUP($D$7,'Source Data'!$A$2:$EU$28,14,FALSE)","v":50}]
[null,2.5,null,"Number of phases",null,{"$f":"VLOOKUP($D$7,'Source Data'!$A$2:$EU$28,15,FALSE)","v":"1ph"}]
[null,2.6,null,"Vector Group",null,{"$f":"VLOOKUP($D$7,'Source Data'!$A$2:$EU$28,16,FALSE)","v":"N/A"},"xxxxxxxxxxx"]
[null,3,"3.2.5","Insulation levels"]
[null,3.1,null,"BIL - Primary","kV",{"$f":"VLOOKUP($D$7,'Source Data'!$A$2:$EU$28,18,FALSE)","v":150}]
[null,3.2,null,"BIL - Secondary Line Terminal","kV",{"$f":"VLOOKUP($D$7,'Source Data'!$A$2:$EU$28,19,FALSE)","v":200}]
[null,3.3,null,"BIL - Secondary Neutral Terminal","kV",{"$f":"VLOOKUP($D$7,'Source Data'!$A$2:$EU$28,20,FALSE)","v":30}]
[null,3.4,null,"Power frequency withstand voltage - Primary","kV",{"$f":"VLOOKUP($D$7,'Source Data'!$A$2:$EU$28,21,FALSE)","v":50}]
[null,3.5,null,"Power frequency withstand voltage – Secondary","kV",{"$f":"VLOOKUP($D$7,'Source Data'!$A$2:$EU$28,22,FALSE)","v":8}]
[null,4,"3.2.8","Inter-turn winding insulation"]
[null,4.1,null,"Type (Enamel or Paper)",null,{"$f":"VLOOKUP($D$7,'Source Data'!$A$2:$EU$28,24,FALSE)","v":"xxxxxxxxxxx"}]
[null,4.199999999999999,null,"Enamel grade (if applicable)",null,{"$f":"VLOOKUP($D$7,'Source Data'!$A$2:$EU$28,25,FALSE)","v":"Grade 3"}]
[null,4.3,null,"Paper thickness (if applicable)","mm",{"$f":"VLOOKUP($D$7,'Source Data'!$A$2:$EU$28,26,FALSE)","v":"> 0.125"}]
[null,4.3999999999999995,null,"Paper type (if applicable)",null,{"$f":"VLOOKUP($D$7,'Source Data'!$A$2:$EU$28,27,FALSE)","v":"xxxxxxxxxxx"}]
[null,4.5,null,"Paper make (if applicable)",null,{"$f":"VLOOKUP($D$7,'Source Data'!$A$2:$EU$28,28,FALSE)","v":"xxxxxxxxxxx"}]
[null,4.6,null,"Paper minimum impulse withstand","kV",{"$f":"VLOOKUP($D$7,'Source Data'!$A$2:$EU$28,29,FALSE)","v":21}]
[null,4.7,null,"Paper minimum power frequency withstand ","kV",{"$f":"VLOOKUP($D$7,'Source Data'!$A$2:$EU$28,30,FALSE)","v":8}]
[null,4.8,null,"Inter-turn winding insulation stress shall not exceed 5 kV/mm","kV/mm",{"$f":"VLOOKUP($D$7,'Source Data'!$A$2:$EU$28,31,FALSE)","v":"<5"}]
[null,5,"3.2.9","Interlayer insulation"]
[null,5.1,null,"Highest interlayer stress in non-tap part of winding (<5kV/mm is not acceptable as the calculated value must be presented)","kV/mm",{"$f":"VLOOKUP($D$7,'Source Data'!$A$2:$EU$28,33,FALSE)","v":"< 5"}]
[null,5.199999999999999,null,"Highest interlayer stress in tap part of winding (<5kV/mm is not acceptable as the calculated value must be presented)","kV/mm",{"$f":"VLOOKUP($D$7,'Source Data'!$A$2:$EU$28,34,FALSE)","v":"< 5 "}]
[null,5.3,null,"Paper type.",null,{"$f":"VLOOKUP($D$7,'Source Data'!$A$2:$EU$28,35,FALSE)","v":"xxxxxxxxxxx"}]
[null,5.3999999999999995,null,"Paper make.",null,{"$f":"VLOOKUP($D$7,'Source Data'!$A$2:$EU$28,36,FALSE)","v":"xxxxxxxxxxx"}]
[null,6,"3.2.10","Tapping connections"]
[null,6.1,null,"No tap connections shall be provided on SWER isolation transformers",null,{"$f":"VLOOKUP($D$7,'Source Data'!$A$2:$EU$28,38,FALSE)","v":"xxxxxxxxxxx"},"xxxxxxxxxxx"]
[null,7,"3.2.11","Primary MV Bushings for Coastal Transformers"]
[null,7.1,null,"Make ",null,{"$f":"VLOOKUP($D$7,'Source Data'!$A$2:$EU$28,49,FALSE)","v":"xxxxxxxxxxx"}]
[null,7.2,null,"Product code",null,{"$f":"VLOOKUP($D$7,'Source Data'!$A$2:$EU$28,50,FALSE)","v":"xxxxxxxxxxx"}]
[null,7.3,null,"Material (e.g. Porcelain)",null,{"$f":"VLOOKUP($D$7,'Source Data'!$A$2:$EU$28,51,FALSE)","v":"xxxxxxxxxxx"}]
[null,7.4,null,"Specific creepage distance","mm/kV",{"$f":"VLOOKUP($D$7,'Source Data'!$A$2:$EU$28,52,FALSE)","v":"≥ 31"}]
[null,7.5,null,"Clamping",null,{"$f":"VLOOKUP($D$7,'Source Data'!$A$2:$EU$28,53,FALSE)","v":"Base"}]
[null,7.6,null,"Type",null,{"$f":"VLOOKUP($D$7,'Source Data'!$A$2:$EU$28,54,FALSE)","v":"Draw lead"}]
[null,7.7,null,"Stem diameter",null,{"$f":"VLOOKUP($D$7,'Source Data'!$A$2:$EU$28,55,FALSE)","v":"M12"}]
[null,7.8,"3.2.11","Secondary MV Bushings for Coastal Transformers"]
[null,7.9,null,"Make ",null,{"$f":"VLOOKUP($D$7,'Source Data'!$A$2:$EU$28,57,FALSE)","v":"xxxxxxxxxxx"}]
[null,"7.10",null,"Product code",null,{"$f":"VLOOKUP($D$7,'Source Data'!$A$2:$EU$28,58,FALSE)","v":"xxxxxxxxxxx"}]
[null,"7.11",null,"Material (e.g. Porcelain)",null,{"$f":"VLOOKUP($D$7,'Source Data'!$A$2:$EU$28,59,FALSE)","v":"xxxxxxxxxxx"}]
[null,"7.12",null,"Specific creepage distance",null,{"$f":"VLOOKUP($D$7,'Source Data'!$A$2:$EU$28,60,FALSE)","v":"≥ 31"}]
[null,"7.13",null,"Clamping",null,{"$f":"VLOOKUP($D$7,'Source Data'!$A$2:$EU$28,61,FALSE)","v":"Base"}]
[null,"7.14",null,"Type",null,{"$f":"VLOOKUP($D$7,'Source Data'!$A$2:$EU$28,62,FALSE)","v":"Draw lead"}]
[null,"7.15",null,"Stem diameter",null,{"$f":"VLOOKUP($D$7,'Source Data'!$A$2:$EU$28,63,FALSE)","v":"M12"}]
[null,8,"3.2.11","Secondary LV Bushings for Coastal Transformers"]
[null,8.1,null,"Make ",null,{"$f":"VLOOKUP($D$7,'Source Data'!$A$2:$EU$28,65,FALSE)","v":"xxxxxxxxxxx"}]
[null,8.2,null,"Product code",null,{"$f":"VLOOKUP($D$7,'Source Data'!$A$2:$EU$28,66,FALSE)","v":"xxxxxxxxxxx"}]
[null,8.3,null,"Material (e.g. Porcelain)",null,{"$f":"VLOOKUP($D$7,'Source Data'!$A$2:$EU$28,67,FALSE)","v":"xxxxxxxxxxx"}]
[null,8.4,null,"Stem diameter",null,{"$f":"VLOOKUP($D$7,'Source Data'!$A$2:$EU$28,68,FALSE)","v":"M12"}]
[null,9,"3.2.14","Losses"]
[null,9.1,null,"Loss factor base (Cost of Dx or Gx) ",null,{"$f":"VLOOKUP($D$7,'Source Data'!$A$2:$EU$28,72,FALSE)","v":"Distribution"},"xxxxxxxxxxx"]
[null,9.2,null,"No-load Loss Factor, NLLF ","R/kW",{"$f":"VLOOKUP($D$7,'Source Data'!$A$2:$EU$28,73,FALSE)","v":80500},"xxxxxxxxxxx"]
[null,9.3,null,"Load Loss Factor, LLF","R/kW",{"$f":"VLOOKUP($D$7,'Source Data'!$A$2:$EU$28,74,FALSE)","v":17500},"xxxxxxxxxxx"]
[null,9.4,null,"Guaranteed no-load losses, PNL (Steel Core)","W",{"$f":"VLOOKUP($D$7,'Source Data'!$A$2:$EU$28,75,FALSE)","v":190}]
[null,9.5,null,"Guaranteed no-load losses, PNL (only if Amorphous Core is offered)","W",{"$f":"VLOOKUP($D$7,'Source Data'!$A$2:$EU$28,151,FALSE)","v":70}]
[null,9.6,null,"Guaranteed load losses, PLL","W",{"$f":"VLOOKUP($D$7,'Source Data'!$A$2:$EU$28,76,FALSE)","v":1500}]
[null,10,"3.2.14","Impedance voltage & X/R ratio"]
[null,10.1,null,"Impedance at principle tapping (specific design impedances to be stated)","%",{"$f":"VLOOKUP($D$7,'Source Data'!$A$2:$EU$28,78,FALSE)","v":"3,0 to 4,5"}]
[null,10.2,null,"X/R ratio",null,{"$f":"VLOOKUP($D$7,'Source Data'!$A$2:$EU$28,79,FALSE)","v":"xxxxxxxxxx"}]
[null,11,null,"Audio-sound level (SANS 780)"]
[null,11.1,null,"Maximum limit of transformer audio-sound level","db(A)",{"$f":"VLOOKUP($D$7,'Source Data'!$A$2:$EU$28,81,FALSE)","v":"≤ 48 "}]
[null,12,null,"MV winding wire"]
[null,12.1,null,"Material (e.g. Cu or Al)",null,{"$f":"VLOOKUP($D$7,'Source Data'!$A$2:$EU$28,83,FALSE)","v":"xxxxxxxxxxx"}]
[null,12.2,null,"Type (e.g. Round, Strip or Foil)",null,{"$f":"VLOOKUP($D$7,'Source Data'!$A$2:$EU$28,84,FALSE)","v":"xxxxxxxxxxx"}]
[null,13,null,"Secondary winding wire"]
[null,13.1,null,"Material (e.g. Cu or Al)",null,{"$f":"VLOOKUP($D$7,'Source Data'!$A$2:$EU$28,86,FALSE)","v":"xxxxxxxxxxx"}]
[null,13.2,null,"Type (e.g. Round, Strip or Foil)",null,{"$f":"VLOOKUP($D$7,'Source Data'!$A$2:$EU$28,87,FALSE)","v":"xxxxxxxxxxx"}]
[null,14,null,"Core material"]
[null,14.1,null,"Core material ",null,{"$f":"VLOOKUP($D$7,'Source Data'!$A$2:$EU$28,89,FALSE)","v":"Steel or Amporphous"}]
[null,14.2,null,"Type/code ",null,{"$f":"VLOOKUP($D$7,'Source Data'!$A$2:$EU$28,90,FALSE)","v":"xxxxxxxxxxx"}]
[null,14.3,null,"Maximum Flux Density of Material",null,{"$f":"VLOOKUP($D$7,'Source Data'!$A$2:$EU$28,91,FALSE)","v":"xxxxxxxxxxx"}]
[null,14.4,null,"Supplier",null,{"$f":"VLOOKUP($D$7,'Source Data'!$A$2:$EU$28,92,FALSE)","v":"xxxxxxxxxxx"}]
[null,15,"3.3.2","Tank and tank cover"]
[null,15.1,null,"Tank type: Sealed",null,{"$f":"VLOOKUP($D$7,'Source Data'!$A$2:$EU$28,94,FALSE)","v":"Sealed"}]
[null,15.2,null,"Plain, rigid or corrugated",null,{"$f":"VLOOKUP($D$7,'Source Data'!$A$2:$EU$28,95,FALSE)","v":"xxxxxxxxxx"}]
[null,16,"3.3.3","Transformer dimensions"]
[null,16.1,"Figure 12","Wo (including surge arrester)","mm",{"$f":"VLOOKUP($D$7,'Source Data'!$A$2:$EU$28,97,FALSE)","v":"≤ 1 080 "}]
[null,16.2,"Figure 12","Lo","mm",{"$f":"VLOOKUP($D$7,'Source Data'!$A$2:$EU$28,98,FALSE)","v":"≤ 1 500 "}]
[null,16.3,"Figure 12","Ht","mm",{"$f":"VLOOKUP($D$7,'Source Data'!$A$2:$EU$28,99,FALSE)","v":"≤ 1 500 "}]
[null,16.4,"Figure 12","Mass","kg",{"$f":"VLOOKUP($D$7,'Source Data'!$A$2:$EU$28,100,FALSE)","v":"≤ 900 "}]
[null,16.5,null,"Oil capacity","l",{"$f":"VLOOKUP($D$7,'Source Data'!$A$2:$EU$28,101,FALSE)","v":"xxxxxxxxxxx"}]
[null,16.6,null,"Minimum clearance between live MV terminals and from MV live terminals to any part of the tank greater than twice the BIL ","mm",{"$f":"VLOOKUP($D$7,'Source Data'!$A$2:$EU$28,102,FALSE)","v":300}]
[null,16.7,"3.3.4","Minimum mechanical clearance of 100 mm between the brackets and LV bushings shall be maintained","mm",{"$f":"VLOOKUP($D$7,'Source Data'!$A$2:$EU$28,103,FALSE)","v":100}]
[null,17,"3.3.4","Pole mounting bracket"]
[null,17.1,null,"Single pole mounting bracket required? (Yes or No)",null,{"$f":"VLOOKUP($D$7,'Source Data'!$A$2:$EU$28,105,FALSE)","v":"No"},"xxxxxxxxxxx"]
[null,"17.2.1",null,"Supplied with: - 2 x clamps",null,{"$f":"VLOOKUP($D$7,'Source Data'!$A$2:$EU$28,106,FALSE)","v":"N/A"},"xxxxxxxxxxx"]
[null,"17.2.2",null,"                     - 1 x threaded rod (M20 x 350 mm)",null,{"$f":"VLOOKUP($D$7,'Source Data'!$A$2:$EU$28,107,FALSE)","v":"N/A"},"xxxxxxxxxxx"]
[null,"17.2.3",null,"                     - 4 x threaded rods (M20 x 250 mm)",null,{"$f":"VLOOKUP($D$7,'Source Data'!$A$2:$EU$28,108,FALSE)","v":"N/A"},"xxxxxxxxxxx"]
[null,"17.2.4",null,"                     - 12 x nuts, flat washers & spring washers (M20)",null,{"$f":"VLOOKUP($D$7,'Source Data'!$A$2:$EU$28,109,FALSE)","v":"N/A"}]
[null,17.2,null,"Dimension Mo","mm",{"$f":"VLOOKUP($D$7,'Source Data'!$A$2:$EU$28,110,FALSE)","v":"N/A"},"xxxxxxxxxxx"]
[null,17.3,null,"Dimension h1","mm",{"$f":"VLOOKUP($D$7,'Source Data'!$A$2:$EU$28,111,FALSE)","v":"N/A"},"xxxxxxxxxxx"]
[null,17.4,null,"Dimension W1","mm",{"$f":"VLOOKUP($D$7,'Source Data'!$A$2:$EU$28,112,FALSE)","v":"N/A"},"xxxxxxxxxxx"]
[null,17.5,null,"Mounting hole diameter","mm",{"$f":"VLOOKUP($D$7,'Source Data'!$A$2:$EU$28,113,FALSE)","v":"N/A"},"xxxxxxxxxxx"]
[null,17.6,null,"Mounting hole centres","mm",{"$f":"VLOOKUP($D$7,'Source Data'!$A$2:$EU$28,114,FALSE)","v":"N/A"},"xxxxxxxxxxx"]
[null,18,"3.3.5","Transformer under base"]
[null,18.1,null,"Under base required? (Yes or No)",null,{"$f":"VLOOKUP($D$7,'Source Data'!$A$2:$EU$28,116,FALSE)","v":"Yes"},"xxxxxxxxxxx"]
[null,18.2,"Figure 15","Lml","mm",{"$f":"VLOOKUP($D$7,'Source Data'!$A$2:$EU$28,117,FALSE)","v":400}]
[null,18.3,"Figure 15","Lmw (300, 400 or 450)","mm",{"$f":"VLOOKUP($D$7,'Source Data'!$A$2:$EU$28,118,FALSE)","v":"xxxxxxxxxxx"}]
[null,18.4,"Figure 15","Ls","mm",{"$f":"VLOOKUP($D$7,'Source Data'!$A$2:$EU$28,119,FALSE)","v":"≥ 320"}]
[null,18.5,"Figure 15","Lmh","mm",{"$f":"VLOOKUP($D$7,'Source Data'!$A$2:$EU$28,110,FALSE)","v":"N/A"}]
[null,18.6,"Figure 15","Mounting hole diameter","mm",{"$f":"VLOOKUP($D$7,'Source Data'!$A$2:$EU$28,111,FALSE)","v":"N/A"}]
[null,19,"3.3.6","Lifting lugs"]
[null,19.1,null,"Lifting lugs fitted",null,{"$f":"VLOOKUP($D$7,'Source Data'!$A$2:$EU$28,123,FALSE)","v":"Yes"}]
[null,19.2,null,"Hole diameter","mm",{"$f":"VLOOKUP($D$7,'Source Data'!$A$2:$EU$28,124,FALSE)","v":"≥ 30 "}]
[null,20,"3.3.7","Earthing terminals"]
[null,20.1,null,"Boss material ",null,{"$f":"VLOOKUP($D$7,'Source Data'!$A$2:$EU$28,126,FALSE)","v":"316 Stainless Steel or Mild Steel"}]
[null,20.2,null,"Boss depth","mm",{"$f":"VLOOKUP($D$7,'Source Data'!$A$2:$EU$28,127,FALSE)","v":"≥ 30"}]
[null,20.3,null,"Set screw material",null,{"$f":"VLOOKUP($D$7,'Source Data'!$A$2:$EU$28,128,FALSE)","v":"316 Stainless Steel or Mild Steel"}]
[null,20.4,null,"Set screw dimensions","mm",{"$f":"VLOOKUP($D$7,'Source Data'!$A$2:$EU$28,129,FALSE)","v":"M12 x 25 "}]
[null,20.5,null,"Supplied with washer and spring washer",null,{"$f":"VLOOKUP($D$7,'Source Data'!$A$2:$EU$28,130,FALSE)","v":"Yes"}]
[null,21,"3.3.8","Surge arrester brackets"]
[null,21.1,null,"Surge arrester brackets fitted",null,{"$f":"VLOOKUP($D$7,'Source Data'!$A$2:$EU$28,132,FALSE)","v":"Yes"}]
[null,21.2,"Figure 17","Mounting hole diameter","mm",{"$f":"VLOOKUP($D$7,'Source Data'!$A$2:$EU$28,133,FALSE)","v":14}]
[null,21.3,"Figure 17","Dimension D (worst case)","mm",{"$f":"VLOOKUP($D$7,'Source Data'!$A$2:$EU$28,134,FALSE)","v":"≥ 200"}]
[null,21.4,"Figure 17","Dimension E (worst case)","mm",{"$f":"VLOOKUP($D$7,'Source Data'!$A$2:$EU$28,135,FALSE)","v":"≥ 300"}]
[null,21.5,"Figure 17","Dimension F (worst case)","mm",{"$f":"VLOOKUP($D$7,'Source Data'!$A$2:$EU$28,136,FALSE)","v":"≥ 150"}]
[null,22,3.4,"Corrosion protection for Coastal transformers"]
[null,22.1,null,"Indicate the coating system (i.e. DS numbers according to DSP 240-75655504) that is offered. (e.g. DS-14 + DS-15 for zinc sprayed mild steel with duplex coating)"]
[null,22.2,null,"Tank ",null,{"$f":"VLOOKUP($D$7,'Source Data'!$A$2:$EU$28,145,FALSE)","v":"xxxxxxxxxxx"}]
[null,22.3,null,"Radiators",null,{"$f":"VLOOKUP($D$7,'Source Data'!$A$2:$EU$28,146,FALSE)","v":"xxxxxxxxxxx"}]
[null,22.4,null,"Threaded rods and accessories",null,{"$f":"VLOOKUP($D$7,'Source Data'!$A$2:$EU$28,147,FALSE)","v":"xxxxxxxxxxx"}]
[null,22.5,null,"Colour of final coat",null,{"$f":"VLOOKUP($D$7,'Source Data'!$A$2:$EU$28,148,FALSE)","v":"Azure Blue"}]
[null,23,4.2,"All Type Tests in Accordance with SANS 780:\n\n• Temperature rise test \n• Dielectric type test\n• Tank stiffness test \n• Corrugated tank fatigue test\n• Equivalent disturbing current test (This test is only applicable to SWER transformers)\n• Short Circuit Withstand Test\n• Natural ageing and pollution performance test",null,{"$f":"VLOOKUP($D$7,'Source Data'!$A$2:$EU$28,149,FALSE)","v":"Report Numbers"}]
[null,24,4.3,"All Routine Tests in Accordance with SANS 780:\n\n• Measurement of winding resistance\n• Measurement of voltage ratio and phase displacement\n• Measurement of short-circuit impedance and load loss\n• Measurement of no-load loss and current\n• Separate source voltage test\n• Induced overvoltage test\n• Measurement of paint thickness\n• Test for effectiveness of sealing\n• Measurement of secondary voltage across outer two terminals to be 484 V. (Only applicable to dual-phase transformers.) \n• Measurement of insulation resistance test\n• Reactance (%)\n• Dielectric routine tests\n• Vector group test ",null,{"$f":"VLOOKUP($D$7,'Source Data'!$A$2:$EU$28,150,FALSE)","v":"Report Numbers"}]

{"sheet":"0205443","index":9,"n_rows":143,"n_cols":7,"rows_kept":143,"merged":[[2,5,2,6],[3,5,3,6],[7,5,9,6],[9,1,9,3]]}
[]
[]
[{"$nulls":5},"Specification: DSP 240-45395762 Rev.4"]
[{"$nulls":5},{"$f":"'List of Items & Enquiry number'!B14","v":"Enquiry Number: 123456XYZ"}]
[]
[{"$nulls":3},"TECHNICAL SCHEDULES A & B FOR \nPOLE-MOUNTED  DISTRIBUTION TRANSFORMERS"]
[{"$nulls":3},"SWER Isolation, 100kVA 33kV/ 19kV* (Coastal, Ester Oil Only)"]
[{"$nulls":3},"* rated no-load voltage of the secondary shall be 19 kV (phase to ground)",null,"Deviations from the specific requirements stated in Schedule A must be recorded and explained in the Deviation Schedule"]
[null,"Schedule A:  Purchaser's specific requirements"]
[null,"Schedule B:  Guarantees and technical particulars of equipment offered"]
[null,"Item","Sub-clause of 240- 45395762","Description",null,"Schedule A","Schedule B"]
[null,1,null,"Identification"]
[null,1.1,null,"Name of manufacturer",null,{"$f":"VLOOKUP($D$7,'Source Data'!$A$2:$EU$28,3,FALSE)","v":"xxxxxxxxxxx"}]
[null,1.2000000000000002,null,"Name of supplier",null,{"$f":"VLOOKUP($D$7,'Source Data'!$A$2:$EU$28,4,FALSE)","v":"xxxxxxxxxxx"}]
[null,1.3,null,"Product code for Coastal transformers",null,{"$f":"VLOOKUP($D$7,'Source Data'!$A$2:$EU$28,6,FALSE)","v":"xxxxxxxxxxx"}]
[null,1.4,null,"Are the transformers covered by the SANS 780 certification mark?",null,{"$f":"VLOOKUP($D$7,'Source Data'!$A$2:$EU$28,7,FALSE)","v":"xxxxxxxxxxx"}]
[null,1.5,null,"State SANS 780 permit number",null,{"$f":"VLOOKUP($D$7,'Source Data'!$A$2:$EU$28,8,FALSE)","v":"xxxxxxxxxxx"}]
[null,1.6,null,"Oil Type",null,{"$f":"VLOOKUP($D$7,'Source Data'!$A$2:$EU$28,9,FALSE)","v":"Ester Oil"}]
[null,2,"3.2.2","Ratings"]
[null,2.1,null,"Power rating","kVA",{"$f":"VLOOKUP($D$7,'Source Data'!$A$2:$EU$28,11,FALSE)","v":100}]
[null,2.2,null,"Rated primary voltage","kV",{"$f":"VLOOKUP($D$7,'Source Data'!$A$2:$EU$28,12,FALSE)","v":33}]
[null,2.3000000000000003,null,"Rated no-load secondary voltage (phase to ground)","kV",{"$f":"VLOOKUP($D$7,'Source Data'!$A$2:$EU$28,13,FALSE)","v":19}]
[null,2.4000000000000004,null,"Frequency","Hz",{"$f":"VLOOKUP($D$7,'Source Data'!$A$2:$EU$28,14,FALSE)","v":50}]
[null,2.5,null,"Number of phases",null,{"$f":"VLOOKUP($D$7,'Source Data'!$A$2:$EU$28,15,FALSE)","v":"1ph"}]
[null,2.6,null,"Vector Group",null,{"$f":"VLOOKUP($D$7,'Source Data'!$A$2:$EU$28,16,FALSE)","v":"N/A"},"xxxxxxxxxxx"]
[null,3,"3.2.5","Insulation levels"]
[null,3.1,null,"BIL - Primary","kV",{"$f":"VLOOKUP($D$7,'Source Data'!$A$2:$EU$28,18,FALSE)","v":200}]
[null,3.2,null,"BIL - Secondary Line Terminal","kV",{"$f":"VLOOKUP($D$7,'Source Data'!$A$2:$EU$28,19,FALSE)","v":200}]
[null,3.3,null,"BIL - Secondary Neutral Terminal","kV",{"$f":"VLOOKUP($D$7,'Source Data'!$A$2:$EU$28,20,FALSE)","v":30}]
[null,3.4,null,"Power frequency withstand voltage - Primary","kV",{"$f":"VLOOKUP($D$7,'Source Data'!$A$2:$EU$28,21,FALSE)","v":70}]
[null,3.5,null,"Power frequency withstand voltage – Secondary","kV",{"$f":"VLOOKUP($D$7,'Source Data'!$A$2:$EU$28,22,FALSE)","v":8}]
[null,4,"3.2.8","Inter-turn winding insulation"]
[null,4.1,null,"Type (Enamel or Paper)",null,{"$f":"VLOOKUP($D$7,'Source Data'!$A$2:$EU$28,24,FALSE)","v":"xxxxxxxxxxx"}]
[null,4.199999999999999,null,"Enamel grade (if applicable)",null,{"$f":"VLOOKUP($D$7,'Source Data'!$A$2:$EU$28,25,FALSE)","v":"Grade 3"}]
[null,4.3,null,"Paper thickness (if applicable)","mm",{"$f":"VLOOKUP($D$7,'Source Data'!$A$2:$EU$28,26,FALSE)","v":"> 0.125"}]
[null,4.3999999999999995,null,"Paper type (if applicable)",null,{"$f":"VLOOKUP($D$7,'Source Data'!$A$2:$EU$28,27,FALSE)","v":"xxxxxxxxxxx"}]
[null,4.5,null,"Paper make (if applicable)",null,{"$f":"VLOOKUP($D$7,'Source Data'!$A$2:$EU$28,28,FALSE)","v":"xxxxxxxxxxx"}]
[null,4.6,null,"Paper minimum impulse withstand","kV",{"$f":"VLOOKUP($D$7,'Source Data'!$A$2:$EU$28,29,FALSE)","v":21}]
[null,4.7,null,"Paper minimum power frequency withstand ","kV",{"$f":"VLOOKUP($D$7,'Source Data'!$A$2:$EU$28,30,FALSE)","v":8}]
[null,4.8,null,"Inter-turn winding insulation stress shall not exceed 5 kV/mm","kV/mm",{"$f":"VLOOKUP($D$7,'Source Data'!$A$2:$EU$28,31,FALSE)","v":"<5"}]
[null,5,"3.2.9","Interlayer insulation"]
[null,5.1,null,"Highest interlayer stress in non-tap part of winding (<5kV/mm is not acceptable as the calculated value must be presented)","kV/mm",{"$f":"VLOOKUP($D$7,'Source Data'!$A$2:$EU$28,33,FALSE)","v":"< 5"}]
[null,5.199999999999999,null,"Highest interlayer stress in tap part of winding (<5kV/mm is not acceptable as the calculated value must be presented)","kV/mm",{"$f":"VLOOKUP($D$7,'Source Data'!$A$2:$EU$28,34,FALSE)","v":"< 5 "}]
[null,5.3,null,"Paper type.",null,{"$f":"VLOOKUP($D$7,'Source Data'!$A$2:$EU$28,35,FALSE)","v":"xxxxxxxxxxx"}]
[null,5.3999999999999995,null,"Paper make.",null,{"$f":"VLOOKUP($D$7,'Source Data'!$A$2:$EU$28,36,FALSE)","v":"xxxxxxxxxxx"}]
[null,6,"3.2.10","Tapping connections"]
[null,6.1,null,"No tap connections shall be provided on SWER isolation transformers",null,{"$f":"VLOOKUP($D$7,'Source Data'!$A$2:$EU$28,38,FALSE)","v":"xxxxxxxxxxx"},"xxxxxxxxxxx"]
[null,7,"3.2.11","Primary MV Bushings for Coastal Transformers"]
[null,7.1,null,"Make ",null,{"$f":"VLOOKUP($D$7,'Source Data'!$A$2:$EU$28,49,FALSE)","v":"xxxxxxxxxxx"}]
[null,7.2,null,"Product code",null,{"$f":"VLOOKUP($D$7,'Source Data'!$A$2:$EU$28,50,FALSE)","v":"xxxxxxxxxxx"}]
[null,7.3,null,"Material (e.g. Porcelain)",null,{"$f":"VLOOKUP($D$7,'Source Data'!$A$2:$EU$28,51,FALSE)","v":"xxxxxxxxxxx"}]
[null,7.4,null,"Specific creepage distance","mm/kV",{"$f":"VLOOKUP($D$7,'Source Data'!$A$2:$EU$28,52,FALSE)","v":"≥ 31"}]
[null,7.5,null,"Clamping",null,{"$f":"VLOOKUP($D$7,'Source Data'!$A$2:$EU$28,53,FALSE)","v":"Base"}]
[null,7.6,null,"Type",null,{"$f":"VLOOKUP($D$7,'Source Data'!$A$2:$EU$28,54,FALSE)","v":"Draw lead"}]
[null,7.7,null,"Stem diameter",null,{"$f":"VLOOKUP($D$7,'Source Data'!$A$2:$EU$28,55,FALSE)","v":"M12"}]
[null,7.8,"3.2.11","Secondary MV Bushings for Coastal Transformers"]
[null,7.9,null,"Make ",null,{"$f":"VLOOKUP($D$7,'Source Data'!$A$2:$EU$28,57,FALSE)","v":"xxxxxxxxxxx"}]
[null,"7.10",null,"Product code",null,{"$f":"VLOOKUP($D$7,'Source Data'!$A$2:$EU$28,58,FALSE)","v":"xxxxxxxxxxx"}]
[null,"7.11",null,"Material (e.g. Porcelain)",null,{"$f":"VLOOKUP($D$7,'Source Data'!$A$2:$EU$28,59,FALSE)","v":"xxxxxxxxxxx"}]
[null,"7.12",null,"Specific creepage distance",null,{"$f":"VLOOKUP($D$7,'Source Data'!$A$2:$EU$28,60,FALSE)","v":"≥ 31"}]
[null,"7.13",null,"Clamping",null,{"$f":"VLOOKUP($D$7,'Source Data'!$A$2:$EU$28,61,FALSE)","v":"Base"}]
[null,"7.14",null,"Type",null,{"$f":"VLOOKUP($D$7,'Source Data'!$A$2:$EU$28,62,FALSE)","v":"Draw lead"}]
[null,"7.15",null,"Stem diameter",null,{"$f":"VLOOKUP($D$7,'Source Data'!$A$2:$EU$28,63,FALSE)","v":"M12"}]
[null,8,"3.2.11","Secondary LV Bushings for Coastal Transformers"]
[null,8.1,null,"Make ",null,{"$f":"VLOOKUP($D$7,'Source Data'!$A$2:$EU$28,65,FALSE)","v":"xxxxxxxxxxx"}]
[null,8.2,null,"Product code",null,{"$f":"VLOOKUP($D$7,'Source Data'!$A$2:$EU$28,66,FALSE)","v":"xxxxxxxxxxx"}]
[null,8.3,null,"Material (e.g. Porcelain)",null,{"$f":"VLOOKUP($D$7,'Source Data'!$A$2:$EU$28,67,FALSE)","v":"xxxxxxxxxxx"}]
[null,8.4,null,"Stem diameter",null,{"$f":"VLOOKUP($D$7,'Source Data'!$A$2:$EU$28,68,FALSE)","v":"M12"}]
[null,9,"3.2.14","Losses"]
[null,9.1,null,"Loss factor base (Cost of Dx or Gx) ",null,{"$f":"VLOOKUP($D$7,'Source Data'!$A$2:$EU$28,72,FALSE)","v":"Distribution"},"xxxxxxxxxxx"]
[null,9.2,null,"No-load Loss Factor, NLLF ","R/kW",{"$f":"VLOOKUP($D$7,'Source Data'!$A$2:$EU$28,73,FALSE)","v":80500},"xxxxxxxxxxx"]
[null,9.3,null,"Load Loss Factor, LLF","R/kW",{"$f":"VLOOKUP($D$7,'Source Data'!$A$2:$EU$28,74,FALSE)","v":17500},"xxxxxxxxxxx"]
[null,9.4,null,"Guaranteed no-load losses, PNL (Steel Core)","W",{"$f":"VLOOKUP($D$7,'Source Data'!$A$2:$EU$28,75,FALSE)","v":190}]
[null,9.5,null,"Guaranteed no-load losses, PNL (only if Amorphous Core is offered)","W",{"$f":"VLOOKUP($D$7,'Source Data'!$A$2:$EU$28,151,FALSE)","v":70}]
[null,9.6,null,"Guaranteed load losses, PLL","W",{"$f":"VLOOKUP($D$7,'Source Data'!$A$2:$EU$28,76,FALSE)","v":1500}]
[null,10,"3.2.14","Impedance voltage & X/R ratio"]
[null,10.1,null,"Impedance at principle tapping (specific design impedances to be stated)","%",{"$f":"VLOOKUP($D$7,'Source Data'!$A$2:$EU$28,78,FALSE)","v":"3,0 to 4,5"}]
[null,10.2,null,"X/R ratio",null,{"$f":"VLOOKUP($D$7,'Source Data'!$A$2:$EU$28,79,FALSE)","v":"xxxxxxxxxx"}]
[null,11,null,"Audio-sound level (SANS 780)"]
[null,11.1,null,"Maximum limit of transformer audio-sound level","db(A)",{"$f":"VLOOKUP($D$7,'Source Data'!$A$2:$EU$28,81,FALSE)","v":"≤ 48 "}]
[null,12,null,"MV winding wire"]
[null,12.1,null,"Material (e.g. Cu or Al)",null,{"$f":"VLOOKUP($D$7,'Source Data'!$A$2:$EU$28,83,FALSE)","v":"xxxxxxxxxxx"}]
[null,12.2,null,"Type (e.g. Round, Strip or Foil)",null,{"$f":"VLOOKUP($D$7,'Source Data'!$A$2:$EU$28,84,FALSE)","v":"xxxxxxxxxxx"}]
[null,13,null,"Secondary winding wire"]
[null,13.1,null,"Material (e.g. Cu or Al)",null,{"$f":"VLOOKUP($D$7,'Source Data'!$A$2:$EU$28,86,FALSE)","v":"xxxxxxxxxxx"}]
[null,13.2,null,"Type (e.g. Round, Strip or Foil)",null,{"$f":"VLOOKUP($D$7,'Source Data'!$A$2:$EU$28,87,FALSE)","v":"xxxxxxxxxxx"}]
[null,14,null,"Core material"]
[null,14.1,null,"Core material ",null,{"$f":"VLOOKUP($D$7,'Source Data'!$A$2:$EU$28,89,FALSE)","v":"Steel or Amporphous"}]
[null,14.2,null,"Type/code ",null,{"$f":"VLOOKUP($D$7,'Source Data'!$A$2:$EU$28,90,FALSE)","v":"xxxxxxxxxxx"}]
[null,14.3,null,"Maximum Flux Density of Material",null,{"$f":"VLOOKUP($D$7,'Source Data'!$A$2:$EU$28,91,FALSE)","v":"xxxxxxxxxxx"}]
[null,14.4,null,"Supplier",null,{"$f":"VLOOKUP($D$7,'Source Data'!$A$2:$EU$28,92,FALSE)","v":"xxxxxxxxxxx"}]
[null,15,"3.3.2","Tank and tank cover"]
[null,15.1,null,"Tank type: Sealed",null,{"$f":"VLOOKUP($D$7,'Source Data'!$A$2:$EU$28,94,FALSE)","v":"Sealed"}]
[null,15.2,null,"Plain, rigid or corrugated",null,{"$f":"VLOOKUP($D$7,'Source Data'!$A$2:$EU$28,95,FALSE)","v":"xxxxxxxxxx"}]
[null,16,"3.3.3","Transformer dimensions"]
[null,16.1,"Figure 12","Wo (including surge arrester)","mm",{"$f":"VLOOKUP($D$7,'Source Data'!$A$2:$EU$28,97,FALSE)","v":"≤ 1 080 "}]
[null,16.2,"Figure 12","Lo","mm",{"$f":"VLOOKUP($D$7,'Source Data'!$A$2:$EU$28,98,FALSE)","v":"≤ 1 500 "}]
[null,16.3,"Figure 12","Ht","mm",{"$f":"VLOOKUP($D$7,'Source Data'!$A$2:$EU$28,99,FALSE)","v":"≤ 1 500 "}]
[null,16.4,"Figure 12","Mass","kg",{"$f":"VLOOKUP($D$7,'Source Data'!$A$2:$EU$28,100,FALSE)","v":"≤ 900 "}]
[null,16.5,null,"Oil capacity","l",{"$f":"VLOOKUP($D$7,'Source Data'!$A$2:$EU$28,101,FALSE)","v":"xxxxxxxxxxx"}]
[null,16.6,null,"Minimum clearance between live MV terminals and from MV live terminals to any part of the tank greater than twice the BIL ","mm",{"$f":"VLOOKUP($D$7,'Source Data'!$A$2:$EU$28,102,FALSE)","v":400}]
[null,16.7,"3.3.4","Minimum mechanical clearance of 100 mm between the brackets and LV bushings shall be maintained","mm",{"$f":"VLOOKUP($D$7,'Source Data'!$A$2:$EU$28,103,FALSE)","v":100}]
[null,17,"3.3.4","Pole mounting bracket"]
[null,17.1,null,"Single pole mounting bracket required? (Yes or No)",null,{"$f":"VLOOKUP($D$7,'Source Data'!$A$2:$EU$28,105,FALSE)","v":"No"},"xxxxxxxxxxx"]
[null,"17.2.1",null,"Supplied with: - 2 x clamps",null,{"$f":"VLOOKUP($D$7,'Source Data'!$A$2:$EU$28,106,FALSE)","v":"N/A"},"xxxxxxxxxxx"]
[null,"17.2.2",null,"                     - 1 x threaded rod (M20 x 350 mm)",null,{"$f":"VLOOKUP($D$7,'Source Data'!$A$2:$EU$28,107,FALSE)","v":"N/A"},"xxxxxxxxxxx"]
[null,"17.2.3",null,"                     - 4 x threaded rods (M20 x 250 mm)",null,{"$f":"VLOOKUP($D$7,'Source Data'!$A$2:$EU$28,108,FALSE)","v":"N/A"},"xxxxxxxxxxx"]
[null,"17.2.4",null,"                     - 12 x nuts, flat washers & spring washers (M20)",null,{"$f":"VLOOKUP($D$7,'Source Data'!$A$2:$EU$28,109,FALSE)","v":"N/A"}]
[null,17.2,null,"Dimension Mo","mm",{"$f":"VLOOKUP($D$7,'Source Data'!$A$2:$EU$28,110,FALSE)","v":"N/A"},"xxxxxxxxxxx"]
[null,17.3,null,"Dimension h1","mm",{"$f":"VLOOKUP($D$7,'Source Data'!$A$2:$EU$28,111,FALSE)","v":"N/A"},"xxxxxxxxxxx"]
[null,17.4,null,"Dimension W1","mm",{"$f":"VLOOKUP($D$7,'Source Data'!$A$2:$EU$28,112,FALSE)","v":"N/A"},"xxxxxxxxxxx"]
[null,17.5,null,"Mounting hole diameter","mm",{"$f":"VLOOKUP($D$7,'Source Data'!$A$2:$EU$28,113,FALSE)","v":"N/A"},"xxxxxxxxxxx"]
[null,17.6,null,"Mounting hole centres","mm",{"$f":"VLOOKUP($D$7,'Source Data'!$A$2:$EU$28,114,FALSE)","v":"N/A"},"xxxxxxxxxxx"]
[null,18,"3.3.5","Transformer under base"]
[null,18.1,null,"Under base required? (Yes or No)",null,{"$f":"VLOOKUP($D$7,'Source Data'!$A$2:$EU$28,116,FALSE)","v":"Yes"},"xxxxxxxxxxx"]
[null,18.2,"Figure 15","Lml","mm",{"$f":"VLOOKUP($D$7,'Source Data'!$A$2:$EU$28,117,FALSE)","v":400}]
[null,18.3,"Figure 15","Lmw (300, 400 or 450)","mm",{"$f":"VLOOKUP($D$7,'Source Data'!$A$2:$EU$28,118,FALSE)","v":"xxxxxxxxxxx"}]
[null,18.4,"Figure 15","Ls","mm",{"$f":"VLOOKUP($D$7,'Source Data'!$A$2:$EU$28,119,FALSE)","v":"≥ 320"}]
[null,18.5,"Figure 15","Lmh","mm",{"$f":"VLOOKUP($D$7,'Source Data'!$A$2:$EU$28,110,FALSE)","v":"N/A"}]
[null,18.6,"Figure 15","Mounting hole diameter","mm",{"$f":"VLOOKUP($D$7,'Source Data'!$A$2:$EU$28,111,FALSE)","v":"N/A"}]
[null,19,"3.3.6","Lifting lugs"]
[null,19.1,null,"Lifting lugs fitted",null,{"$f":"VLOOKUP($D$7,'Source Data'!$A$2:$EU$28,123,FALSE)","v":"Yes"}]
[null,19.2,null,"Hole diameter","mm",{"$f":"VLOOKUP($D$7,'Source Data'!$A$2:$EU$28,124,FALSE)","v":"≥ 30 "}]
[null,20,"3.3.7","Earthing terminals"]
[null,20.1,null,"Boss material ",null,{"$f":"VLOOKUP($D$7,'Source Data'!$A$2:$EU$28,126,FALSE)","v":"316 Stainless Steel or Mild Steel"}]
[null,20.2,null,"Boss depth","mm",{"$f":"VLOOKUP($D$7,'Source Data'!$A$2:$EU$28,127,FALSE)","v":"≥ 30"}]
[null,20.3,null,"Set screw material",null,{"$f":"VLOOKUP($D$7,'Source Data'!$A$2:$EU$28,128,FALSE)","v":"316 Stainless Steel or Mild Steel"}]
[null,20.4,null,"Set screw dimensions","mm",{"$f":"VLOOKUP($D$7,'Source Data'!$A$2:$EU$28,129,FALSE)","v":"M12 x 25 "}]
[null,20.5,null,"Supplied with washer and spring washer",null,{"$f":"VLOOKUP($D$7,'Source Data'!$A$2:$EU$28,130,FALSE)","v":"Yes"}]
[null,21,"3.3.8","Surge arrester brackets"]
[null,21.1,null,"Surge arrester brackets fitted",null,{"$f":"VLOOKUP($D$7,'Source Data'!$A$2:$EU$28,132,FALSE)","v":"Yes"}]
[null,21.2,"Figure 17","Mounting hole diameter","mm",{"$f":"VLOOKUP($D$7,'Source Data'!$A$2:$EU$28,133,FALSE)","v":14}]
[null,21.3,"Figure 17","Dimension D (worst case)","mm",{"$f":"VLOOKUP($D$7,'Source Data'!$A$2:$EU$28,134,FALSE)","v":"≥ 200"}]
[null,21.4,"Figure 17","Dimension E (worst case)","mm",{"$f":"VLOOKUP($D$7,'Source Data'!$A$2:$EU$28,135,FALSE)","v":"≥ 400 "}]
[null,21.5,"Figure 17","Dimension F (worst case)","mm",{"$f":"VLOOKUP($D$7,'Source Data'!$A$2:$EU$28,136,FALSE)","v":"≥ 150"}]
[null,22,3.4,"Corrosion protection for Coastal transformers"]
[null,22.1,null,"Indicate the coating system (i.e. DS numbers according to DSP 240-75655504) that is offered. (e.g. DS-14 + DS-15 for zinc sprayed mild steel with duplex coating)"]
[null,22.2,null,"Tank ",null,{"$f":"VLOOKUP($D$7,'Source Data'!$A$2:$EU$28,145,FALSE)","v":"xxxxxxxxxxx"}]
[null,22.3,null,"Radiators",null,{"$f":"VLOOKUP($D$7,'Source Data'!$A$2:$EU$28,146,FALSE)","v":"xxxxxxxxxxx"}]
[null,22.4,null,"Threaded rods and accessories",null,{"$f":"VLOOKUP($D$7,'Source Data'!$A$2:$EU$28,147,FALSE)","v":"xxxxxxxxxxx"}]
[null,22.5,null,"Colour of final coat",null,{"$f":"VLOOKUP($D$7,'Source Data'!$A$2:$EU$28,148,FALSE)","v":"Azure Blue"}]
[null,23,4.2,"All Type Tests in Accordance with SANS 780:\n\n• Temperature rise test \n• Dielectric type test\n• Tank stiffness test \n• Corrugated tank fatigue test\n• Equivalent disturbing current test (This test is only applicable to SWER transformers)\n• Short Circuit Withstand Test\n• Natural ageing and pollution performance test",null,{"$f":"VLOOKUP($D$7,'Source Data'!$A$2:$EU$28,149,FALSE)","v":"Report Numbers"}]
[null,24,4.3,"All Routine Tests in Accordance with SANS 780:\n\n• Measurement of winding resistance\n• Measurement of voltage ratio and phase displacement\n• Measurement of short-circuit impedance and load loss\n• Measurement of no-load loss and current\n• Separate source voltage test\n• Induced overvoltage test\n• Measurement of paint thickness\n• Test for effectiveness of sealing\n• Measurement of secondary voltage across outer two terminals to be 484 V. (Only applicable to dual-phase transformers.) \n• Measurement of insulation resistance test\n• Reactance (%)\n• Dielectric routine tests\n• Vector group test ",null,{"$f":"VLOOKUP($D$7,'Source Data'!$A$2:$EU$28,150,FALSE)","v":"Report Numbers"}]

{"sheet":"0180285","index":10,"n_rows":143,"n_cols":7,"rows_kept":143,"merged":[[2,5,2,6],[3,5,3,6],[7,5,9,6],[9,1,9,3]]}
[]
[]
[{"$nulls":5},"Specification: DSP 240-45395762 Rev.4"]
[{"$nulls":5},{"$f":"'List of Items & Enquiry number'!B14","v":"Enquiry Number: 123456XYZ"}]
[]
[{"$nulls":3},"TECHNICAL SCHEDULES A & B FOR \nPOLE-MOUNTED  DISTRIBUTION TRANSFORMERS"]
[{"$nulls":3},"SWER Isolation, 200kVA 11kV/ 19kV* (Coastal, Ester Oil Only)"]
[{"$nulls":3},"* rated no-load voltage of the secondary shall be 19 kV (phase to ground)",null,"Deviations from the specific requirements stated in Schedule A must be recorded and explained in the Deviation Schedule"]
[null,"Schedule A:  Purchaser's specific requirements"]
[null,"Schedule B:  Guarantees and technical particulars of equipment offered"]
[null,"Item","Sub-clause of 240- 45395762","Description",null,"Schedule A","Schedule B"]
[null,1,null,"Identification"]
[null,1.1,null,"Name of manufacturer",null,{"$f":"VLOOKUP($D$7,'Source Data'!$A$2:$EU$28,3,FALSE)","v":"xxxxxxxxxxx"}]
[null,1.2000000000000002,null,"Name of supplier",null,{"$f":"VLOOKUP($D$7,'Source Data'!$A$2:$EU$28,4,FALSE)","v":"xxxxxxxxxxx"}]
[null,1.3,null,"Product code for Coastal transformers",null,{"$f":"VLOOKUP($D$7,'Source Data'!$A$2:$EU$28,6,FALSE)","v":"xxxxxxxxxxx"}]
[null,1.4,null,"Are the transformers covered by the SANS 780 certification mark?",null,{"$f":"VLOOKUP($D$7,'Source Data'!$A$2:$EU$28,7,FALSE)","v":"xxxxxxxxxxx"}]
[null,1.5,null,"State SANS 780 permit number",null,{"$f":"VLOOKUP($D$7,'Source Data'!$A$2:$EU$28,8,FALSE)","v":"xxxxxxxxxxx"}]
[null,1.6,null,"Oil Type",null,{"$f":"VLOOKUP($D$7,'Source Data'!$A$2:$EU$28,9,FALSE)","v":"Ester Oil"}]
[null,2,"3.2.2","Ratings"]
[null,2.1,null,"Power rating","kVA",{"$f":"VLOOKUP($D$7,'Source Data'!$A$2:$EU$28,11,FALSE)","v":200}]
[null,2.2,null,"Rated primary voltage","kV",{"$f":"VLOOKUP($D$7,'Source Data'!$A$2:$EU$28,12,FALSE)","v":11}]
[null,2.3000000000000003,null,"Rated no-load secondary voltage (phase to ground)","kV",{"$f":"VLOOKUP($D$7,'Source Data'!$A$2:$EU$28,13,FALSE)","v":19}]
[null,2.4000000000000004,null,"Frequency","Hz",{"$f":"VLOOKUP($D$7,'Source Data'!$A$2:$EU$28,14,FALSE)","v":50}]
[null,2.5,null,"Number of phases",null,{"$f":"VLOOKUP($D$7,'Source Data'!$A$2:$EU$28,15,FALSE)","v":"1ph"}]
[null,2.6,null,"Vector Group",null,{"$f":"VLOOKUP($D$7,'Source Data'!$A$2:$EU$28,16,FALSE)","v":"N/A"},"xxxxxxxxxxx"]
[null,3,"3.2.5","Insulation levels"]
[null,3.1,null,"BIL - Primary","kV",{"$f":"VLOOKUP($D$7,'Source Data'!$A$2:$EU$28,18,FALSE)","v":95}]
[null,3.2,null,"BIL - Secondary Line Terminal","kV",{"$f":"VLOOKUP($D$7,'Source Data'!$A$2:$EU$28,19,FALSE)","v":200}]
[null,3.3,null,"BIL - Secondary Neutral Terminal","kV",{"$f":"VLOOKUP($D$7,'Source Data'!$A$2:$EU$28,20,FALSE)","v":30}]
[null,3.4,null,"Power frequency withstand voltage - Primary","kV",{"$f":"VLOOKUP($D$7,'Source Data'!$A$2:$EU$28,21,FALSE)","v":28}]
[null,3.5,null,"Power frequency withstand voltage – Secondary","kV",{"$f":"VLOOKUP($D$7,'Source Data'!$A$2:$EU$28,22,FALSE)","v":8}]
[null,4,"3.2.8","Inter-turn winding insulation"]
[null,4.1,null,"Type (Enamel or Paper)",null,{"$f":"VLOOKUP($D$7,'Source Data'!$A$2:$EU$28,24,FALSE)","v":"xxxxxxxxxxx"}]
[null,4.199999999999999,null,"Enamel grade (if applicable)",null,{"$f":"VLOOKUP($D$7,'Source Data'!$A$2:$EU$28,25,FALSE)","v":"Grade 3"}]
[null,4.3,null,"Paper thickness (if applicable)","mm",{"$f":"VLOOKUP($D$7,'Source Data'!$A$2:$EU$28,26,FALSE)","v":"> 0.125"}]
[null,4.3999999999999995,null,"Paper type (if applicable)",null,{"$f":"VLOOKUP($D$7,'Source Data'!$A$2:$EU$28,27,FALSE)","v":"xxxxxxxxxxx"}]
[null,4.5,null,"Paper make (if applicable)",null,{"$f":"VLOOKUP($D$7,'Source Data'!$A$2:$EU$28,28,FALSE)","v":"xxxxxxxxxxx"}]
[null,4.6,null,"Paper minimum impulse withstand","kV",{"$f":"VLOOKUP($D$7,'Source Data'!$A$2:$EU$28,29,FALSE)","v":21}]
[null,4.7,null,"Paper minimum power frequency withstand ","kV",{"$f":"VLOOKUP($D$7,'Source Data'!$A$2:$EU$28,30,FALSE)","v":8}]
[null,4.8,null,"Inter-turn winding insulation stress shall not exceed 5 kV/mm","kV/mm",{"$f":"VLOOKUP($D$7,'Source Data'!$A$2:$EU$28,31,FALSE)","v":"<5"}]
[null,5,"3.2.9","Interlayer insulation"]
[null,5.1,null,"Highest interlayer stress in non-tap part of winding (<5kV/mm is not acceptable as the calculated value must be presented)","kV/mm",{"$f":"VLOOKUP($D$7,'Source Data'!$A$2:$EU$28,33,FALSE)","v":"< 5"}]
[null,5.199999999999999,null,"Highest interlayer stress in tap part of winding (<5kV/mm is not acceptable as the calculated value must be presented)","kV/mm",{"$f":"VLOOKUP($D$7,'Source Data'!$A$2:$EU$28,34,FALSE)","v":"< 5 "}]
[null,5.3,null,"Paper type.",null,{"$f":"VLOOKUP($D$7,'Source Data'!$A$2:$EU$28,35,FALSE)","v":"xxxxxxxxxxx"}]
[null,5.3999999999999995,null,"Paper make.",null,{"$f":"VLOOKUP($D$7,'Source Data'!$A$2:$EU$28,36,FALSE)","v":"xxxxxxxxxxx"}]
[null,6,"3.2.10","Tapping connections"]
[null,6.1,null,"No tap connections shall be provided on SWER isolation transformers",null,{"$f":"VLOOKUP($D$7,'Source Data'!$A$2:$EU$28,38,FALSE)","v":"xxxxxxxxxxx"},"xxxxxxxxxxx"]
[null,7,"3.2.11","Primary MV Bushings for Coastal Transformers"]
[null,7.1,null,"Make ",null,{"$f":"VLOOKUP($D$7,'Source Data'!$A$2:$EU$28,49,FALSE)","v":"xxxxxxxxxxx"}]
[null,7.2,null,"Product code",null,{"$f":"VLOOKUP($D$7,'Source Data'!$A$2:$EU$28,50,FALSE)","v":"xxxxxxxxxxx"}]
[null,7.3,null,"Material (e.g. Porcelain)",null,{"$f":"VLOOKUP($D$7,'Source Data'!$A$2:$EU$28,51,FALSE)","v":"xxxxxxxxxxx"}]
[null,7.4,null,"Specific creepage distance","mm/kV",{"$f":"VLOOKUP($D$7,'Source Data'!$A$2:$EU$28,52,FALSE)","v":"≥ 31"}]
[null,7.5,null,"Clamping",null,{"$f":"VLOOKUP($D$7,'Source Data'!$A$2:$EU$28,53,FALSE)","v":"Base"}]
[null,7.6,null,"Type",null,{"$f":"VLOOKUP($D$7,'Source Data'!$A$2:$EU$28,54,FALSE)","v":"Draw lead"}]
[null,7.7,null,"Stem diameter",null,{"$f":"VLOOKUP($D$7,'Source Data'!$A$2:$EU$28,55,FALSE)","v":"M12"}]
[null,7.8,"3.2.11","Secondary MV Bushings for Coastal Transformers"]
[null,7.9,null,"Make ",null,{"$f":"VLOOKUP($D$7,'Source Data'!$A$2:$EU$28,57,FALSE)","v":"xxxxxxxxxxx"}]
[null,"7.10",null,"Product code",null,{"$f":"VLOOKUP($D$7,'Source Data'!$A$2:$EU$28,58,FALSE)","v":"xxxxxxxxxxx"}]
[null,"7.11",null,"Material (e.g. Porcelain)",null,{"$f":"VLOOKUP($D$7,'Source Data'!$A$2:$EU$28,59,FALSE)","v":"xxxxxxxxxxx"}]
[null,"7.12",null,"Specific creepage distance",null,{"$f":"VLOOKUP($D$7,'Source Data'!$A$2:$EU$28,60,FALSE)","v":"≥ 31"}]
[null,"7.13",null,"Clamping",null,{"$f":"VLOOKUP($D$7,'Source Data'!$A$2:$EU$28,61,FALSE)","v":"Base"}]
[null,"7.14",null,"Type",null,{"$f":"VLOOKUP($D$7,'Source Data'!$A$2:$EU$28,62,FALSE)","v":"Draw lead"}]
[null,"7.15",null,"Stem diameter",null,{"$f":"VLOOKUP($D$7,'Source Data'!$A$2:$EU$28,63,FALSE)","v":"M12"}]
[null,8,"3.2.11","Secondary LV Bushings for Coastal Transformers"]
[null,8.1,null,"Make ",null,{"$f":"VLOOKUP($D$7,'Source Data'!$A$2:$EU$28,65,FALSE)","v":"xxxxxxxxxxx"}]
[null,8.2,null,"Product code",null,{"$f":"VLOOKUP($D$7,'Source Data'!$A$2:$EU$28,66,FALSE)","v":"xxxxxxxxxxx"}]
[null,8.3,null,"Material (e.g. Porcelain)",null,{"$f":"VLOOKUP($D$7,'Source Data'!$A$2:$EU$28,67,FALSE)","v":"xxxxxxxxxxx"}]
[null,8.4,null,"Stem diameter",null,{"$f":"VLOOKUP($D$7,'Source Data'!$A$2:$EU$28,68,FALSE)","v":"M12"}]
[null,9,"3.2.14","Losses"]
[null,9.1,null,"Loss factor base (Cost of Dx or Gx) ",null,{"$f":"VLOOKUP($D$7,'Source Data'!$A$2:$EU$28,72,FALSE)","v":"Distribution"},"xxxxxxxxxxx"]
[null,9.2,null,"No-load Loss Factor, NLLF ","R/kW",{"$f":"VLOOKUP($D$7,'Source Data'!$A$2:$EU$28,73,FALSE)","v":80500},"xxxxxxxxxxx"]
[null,9.3,null,"Load Loss Factor, LLF","R/kW",{"$f":"VLOOKUP($D$7,'Source Data'!$A$2:$EU$28,74,FALSE)","v":17500},"xxxxxxxxxxx"]
[null,9.4,null,"Guaranteed no-load losses, PNL (Steel Core)","W",{"$f":"VLOOKUP($D$7,'Source Data'!$A$2:$EU$28,75,FALSE)","v":320}]
[null,9.5,null,"Guaranteed no-load losses, PNL (only if Amorphous Core is offered)","W",{"$f":"VLOOKUP($D$7,'Source Data'!$A$2:$EU$28,151,FALSE)","v":120}]
[null,9.6,null,"Guaranteed load losses, PLL","W",{"$f":"VLOOKUP($D$7,'Source Data'!$A$2:$EU$28,76,FALSE)","v":2600}]
[null,10,"3.2.14","Impedance voltage & X/R ratio"]
[null,10.1,null,"Impedance at principle tapping (specific design impedances to be stated)","%",{"$f":"VLOOKUP($D$7,'Source Data'!$A$2:$EU$28,78,FALSE)","v":"4,0 to 5,0"}]
[null,10.2,null,"X/R ratio",null,{"$f":"VLOOKUP($D$7,'Source Data'!$A$2:$EU$28,79,FALSE)","v":"xxxxxxxxxx"}]
[null,11,null,"Audio-sound level (SANS 780)"]
[null,11.1,null,"Maximum limit of transformer audio-sound level","db(A)",{"$f":"VLOOKUP($D$7,'Source Data'!$A$2:$EU$28,81,FALSE)","v":"≤ 48 "}]
[null,12,null,"MV winding wire"]
[null,12.1,null,"Material (e.g. Cu or Al)",null,{"$f":"VLOOKUP($D$7,'Source Data'!$A$2:$EU$28,83,FALSE)","v":"xxxxxxxxxxx"}]
[null,12.2,null,"Type (e.g. Round, Strip or Foil)",null,{"$f":"VLOOKUP($D$7,'Source Data'!$A$2:$EU$28,84,FALSE)","v":"xxxxxxxxxxx"}]
[null,13,null,"Secondary winding wire"]
[null,13.1,null,"Material (e.g. Cu or Al)",null,{"$f":"VLOOKUP($D$7,'Source Data'!$A$2:$EU$28,86,FALSE)","v":"xxxxxxxxxxx"}]
[null,13.2,null,"Type (e.g. Round, Strip or Foil)",null,{"$f":"VLOOKUP($D$7,'Source Data'!$A$2:$EU$28,87,FALSE)","v":"xxxxxxxxxxx"}]
[null,14,null,"Core material"]
[null,14.1,null,"Core material ",null,{"$f":"VLOOKUP($D$7,'Source Data'!$A$2:$EU$28,89,FALSE)","v":"Steel or Amporphous"}]
[null,14.2,null,"Type/code ",null,{"$f":"VLOOKUP($D$7,'Source Data'!$A$2:$EU$28,90,FALSE)","v":"xxxxxxxxxxx"}]
[null,14.3,null,"Maximum Flux Density of Material",null,{"$f":"VLOOKUP($D$7,'Source Data'!$A$2:$EU$28,91,FALSE)","v":"xxxxxxxxxxx"}]
[null,14.4,null,"Supplier",null,{"$f":"VLOOKUP($D$7,'Source Data'!$A$2:$EU$28,92,FALSE)","v":"xxxxxxxxxxx"}]
[null,15,"3.3.2","Tank and tank cover"]
[null,15.1,null,"Tank type: Sealed",null,{"$f":"VLOOKUP($D$7,'Source Data'!$A$2:$EU$28,94,FALSE)","v":"Sealed"}]
[null,15.2,null,"Plain, rigid or corrugated",null,{"$f":"VLOOKUP($D$7,'Source Data'!$A$2:$EU$28,95,FALSE)","v":"xxxxxxxxxx"}]
[null,16,"3.3.3","Transformer dimensions"]
[null,16.1,"Figure 12","Wo (including surge arrester)","mm",{"$f":"VLOOKUP($D$7,'Source Data'!$A$2:$EU$28,97,FALSE)","v":"xxxxxxxxxxx"}]
[null,16.2,"Figure 12","Lo","mm",{"$f":"VLOOKUP($D$7,'Source Data'!$A$2:$EU$28,98,FALSE)","v":"≤ 1 500"}]
[null,16.3,"Figure 12","Ht","mm",{"$f":"VLOOKUP($D$7,'Source Data'!$A$2:$EU$28,99,FALSE)","v":"≤ 2 000"}]
[null,16.4,"Figure 12","Mass","kg",{"$f":"VLOOKUP($D$7,'Source Data'!$A$2:$EU$28,100,FALSE)","v":"≤ 1 700"}]
[null,16.5,null,"Oil capacity","l",{"$f":"VLOOKUP($D$7,'Source Data'!$A$2:$EU$28,101,FALSE)","v":"xxxxxxxxxxx"}]
[null,16.6,null,"Minimum clearance between live MV terminals and from MV live terminals to any part of the tank greater than twice the BIL ","mm",{"$f":"VLOOKUP($D$7,'Source Data'!$A$2:$EU$28,102,FALSE)","v":190}]
[null,16.7,"3.3.4","Minimum mechanical clearance of 100 mm between the brackets and LV bushings shall be maintained","mm",{"$f":"VLOOKUP($D$7,'Source Data'!$A$2:$EU$28,103,FALSE)","v":100}]
[null,17,"3.3.4","Pole mounting bracket"]
[null,17.1,null,"Single pole mounting bracket required? (Yes or No)",null,{"$f":"VLOOKUP($D$7,'Source Data'!$A$2:$EU$28,105,FALSE)","v":"No"},"xxxxxxxxxxx"]
[null,"17.2.1",null,"Supplied with: - 2 x clamps",null,{"$f":"VLOOKUP($D$7,'Source Data'!$A$2:$EU$28,106,FALSE)","v":"N/A"},"xxxxxxxxxxx"]
[null,"17.2.2",null,"                     - 1 x threaded rod (M20 x 350 mm)",null,{"$f":"VLOOKUP($D$7,'Source Data'!$A$2:$EU$28,107,FALSE)","v":"N/A"},"xxxxxxxxxxx"]
[null,"17.2.3",null,"                     - 4 x threaded rods (M20 x 250 mm)",null,{"$f":"VLOOKUP($D$7,'Source Data'!$A$2:$EU$28,108,FALSE)","v":"N/A"},"xxxxxxxxxxx"]
[null,"17.2.4",null,"                     - 12 x nuts, flat washers & spring washers (M20)",null,{"$f":"VLOOKUP($D$7,'Source Data'!$A$2:$EU$28,109,FALSE)","v":"N/A"}]
[null,17.2,null,"Dimension Mo","mm",{"$f":"VLOOKUP($D$7,'Source Data'!$A$2:$EU$28,110,FALSE)","v":"N/A"},"xxxxxxxxxxx"]
[null,17.3,null,"Dimension h1","mm",{"$f":"VLOOKUP($D$7,'Source Data'!$A$2:$EU$28,111,FALSE)","v":"N/A"},"xxxxxxxxxxx"]
[null,17.4,null,"Dimension W1","mm",{"$f":"VLOOKUP($D$7,'Source Data'!$A$2:$EU$28,112,FALSE)","v":"N/A"},"xxxxxxxxxxx"]
[null,17.5,null,"Mounting hole diameter","mm",{"$f":"VLOOKUP($D$7,'Source Data'!$A$2:$EU$28,113,FALSE)","v":"N/A"},"xxxxxxxxxxx"]
[null,17.6,null,"Mounting hole centres","mm",{"$f":"VLOOKUP($D$7,'Source Data'!$A$2:$EU$28,114,FALSE)","v":"N/A"},"xxxxxxxxxxx"]
[null,18,"3.3.5","Transformer under base"]
[null,18.1,null,"Under base required? (Yes or No)",null,{"$f":"VLOOKUP($D$7,'Source Data'!$A$2:$EU$28,116,FALSE)","v":"Yes"},"xxxxxxxxxxx"]
[null,18.2,"Figure 15","Lml","mm",{"$f":"VLOOKUP($D$7,'Source Data'!$A$2:$EU$28,117,FALSE)","v":400}]
[null,18.3,"Figure 15","Lmw (300, 400 or 450)","mm",{"$f":"VLOOKUP($D$7,'Source Data'!$A$2:$EU$28,118,FALSE)","v":"xxxxxxxxxxx"}]
[null,18.4,"Figure 15","Ls","mm",{"$f":"VLOOKUP($D$7,'Source Data'!$A$2:$EU$28,119,FALSE)","v":"≥ 320"}]
[null,18.5,"Figure 15","Lmh","mm",{"$f":"VLOOKUP($D$7,'Source Data'!$A$2:$EU$28,110,FALSE)","v":"N/A"}]
[null,18.6,"Figure 15","Mounting hole diameter","mm",{"$f":"VLOOKUP($D$7,'Source Data'!$A$2:$EU$28,111,FALSE)","v":"N/A"}]
[null,19,"3.3.6","Lifting lugs"]
[null,19.1,null,"Lifting lugs fitted",null,{"$f":"VLOOKUP($D$7,'Source Data'!$A$2:$EU$28,123,FALSE)","v":"Yes"}]
[null,19.2,null,"Hole diameter","mm",{"$f":"VLOOKUP($D$7,'Source Data'!$A$2:$EU$28,124,FALSE)","v":"≥ 30 "}]
[null,20,"3.3.7","Earthing terminals"]
[null,20.1,null,"Boss material ",null,{"$f":"VLOOKUP($D$7,'Source Data'!$A$2:$EU$28,126,FALSE)","v":"316 Stainless Steel or Mild Steel"}]
[null,20.2,null,"Boss depth","mm",{"$f":"VLOOKUP($D$7,'Source Data'!$A$2:$EU$28,127,FALSE)","v":"≥ 30"}]
[null,20.3,null,"Set screw material",null,{"$f":"VLOOKUP($D$7,'Source Data'!$A$2:$EU$28,128,FALSE)","v":"316 Stainless Steel or Mild Steel"}]
[null,20.4,null,"Set screw dimensions","mm",{"$f":"VLOOKUP($D$7,'Source Data'!$A$2:$EU$28,129,FALSE)","v":"M12 x 25 "}]
[null,20.5,null,"Supplied with washer and spring washer",null,{"$f":"VLOOKUP($D$7,'Source Data'!$A$2:$EU$28,130,FALSE)","v":"Yes"}]
[null,21,"3.3.8","Surge arrester brackets"]
[null,21.1,null,"Surge arrester brackets fitted",null,{"$f":"VLOOKUP($D$7,'Source Data'!$A$2:$EU$28,132,FALSE)","v":"Yes"}]
[null,21.2,"Figure 17","Mounting hole diameter","mm",{"$f":"VLOOKUP($D$7,'Source Data'!$A$2:$EU$28,133,FALSE)","v":14}]
[null,21.3,"Figure 17","Dimension D (worst case)","mm",{"$f":"VLOOKUP($D$7,'Source Data'!$A$2:$EU$28,134,FALSE)","v":"≥ 200"}]
[null,21.4,"Figure 17","Dimension E (worst case)","mm",{"$f":"VLOOKUP($D$7,'Source Data'!$A$2:$EU$28,135,FALSE)","v":"≥ 190"}]
[null,21.5,"Figure 17","Dimension F (worst case)","mm",{"$f":"VLOOKUP($D$7,'Source Data'!$A$2:$EU$28,136,FALSE)","v":"≥ 150"}]
[null,22,3.4,"Corrosion protection for Coastal transformers"]
[null,22.1,null,"Indicate the coating system (i.e. DS numbers according to DSP 240-75655504) that is offered. (e.g. DS-14 + DS-15 for zinc sprayed mild steel with duplex coating)"]
[null,22.2,null,"Tank ",null,{"$f":"VLOOKUP($D$7,'Source Data'!$A$2:$EU$28,145,FALSE)","v":"xxxxxxxxxxx"}]
[null,22.3,null,"Radiators",null,{"$f":"VLOOKUP($D$7,'Source Data'!$A$2:$EU$28,146,FALSE)","v":"xxxxxxxxxxx"}]
[null,22.4,null,"Threaded rods and accessories",null,{"$f":"VLOOKUP($D$7,'Source Data'!$A$2:$EU$28,147,FALSE)","v":"xxxxxxxxxxx"}]
[null,22.5,null,"Colour of final coat",null,{"$f":"VLOOKUP($D$7,'Source Data'!$A$2:$EU$28,148,FALSE)","v":"Azure Blue"}]
[null,23,4.2,"All Type Tests in Accordance with SANS 780:\n\n• Temperature rise test \n• Dielectric type test\n• Tank stiffness test \n• Corrugated tank fatigue test\n• Equivalent disturbing current test (This test is only applicable to SWER transformers)\n• Short Circuit Withstand Test\n• Natural ageing and pollution performance test",null,{"$f":"VLOOKUP($D$7,'Source Data'!$A$2:$EU$28,149,FALSE)","v":"Report Numbers"}]
[null,24,4.3,"All Routine Tests in Accordance with SANS 780:\n\n• Measurement of winding resistance\n• Measurement of voltage ratio and phase displacement\n• Measurement of short-circuit impedance and load loss\n• Measurement of no-load loss and current\n• Separate source voltage test\n• Induced overvoltage test\n• Measurement of paint thickness\n• Test for effectiveness of sealing\n• Measurement of secondary voltage across outer two terminals to be 484 V. (Only applicable to dual-phase transformers.) \n• Measurement of insulation resistance test\n• Reactance (%)\n• Dielectric routine tests\n• Vector group test ",null,{"$f":"VLOOKUP($D$7,'Source Data'!$A$2:$EU$28,150,FALSE)","v":"Report Numbers"}]

{"sheet":"0180286","index":11,"n_rows":143,"n_cols":7,"rows_kept":143,"merged":[[2,5,2,6],[3,5,3,6],[7,5,9,6],[9,1,9,3]]}
[]
[]
[{"$nulls":5},"Specification: DSP 240-45395762 Rev.4"]
[{"$nulls":5},{"$f":"'List of Items & Enquiry number'!B14","v":"Enquiry Number: 123456XYZ"}]
[]
[{"$nulls":3},"TECHNICAL SCHEDULES A & B FOR \nPOLE-MOUNTED  DISTRIBUTION TRANSFORMERS"]
[{"$nulls":3},"SWER Isolation, 200kVA 22kV/ 19kV* (Coastal, Ester Oil Only)"]
[{"$nulls":3},"* rated no-load voltage of the secondary shall be 19 kV (phase to ground)",null,"Deviations from the specific requirements stated in Schedule A must be recorded and explained in the Deviation Schedule"]
[null,"Schedule A:  Purchaser's specific requirements"]
[null,"Schedule B:  Guarantees and technical particulars of equipment offered"]
[null,"Item","Sub-clause of 240- 45395762","Description",null,"Schedule A","Schedule B"]
[null,1,null,"Identification"]
[null,1.1,null,"Name of manufacturer",null,{"$f":"VLOOKUP($D$7,'Source Data'!$A$2:$EU$28,3,FALSE)","v":"xxxxxxxxxxx"}]
[null,1.2000000000000002,null,"Name of supplier",null,{"$f":"VLOOKUP($D$7,'Source Data'!$A$2:$EU$28,4,FALSE)","v":"xxxxxxxxxxx"}]
[null,1.3,null,"Product code for Coastal transformers",null,{"$f":"VLOOKUP($D$7,'Source Data'!$A$2:$EU$28,6,FALSE)","v":"xxxxxxxxxxx"}]
[null,1.4,null,"Are the transformers covered by the SANS 780 certification mark?",null,{"$f":"VLOOKUP($D$7,'Source Data'!$A$2:$EU$28,7,FALSE)","v":"xxxxxxxxxxx"}]
[null,1.5,null,"State SANS 780 permit number",null,{"$f":"VLOOKUP($D$7,'Source Data'!$A$2:$EU$28,8,FALSE)","v":"xxxxxxxxxxx"}]
[null,1.6,null,"Oil Type",null,{"$f":"VLOOKUP($D$7,'Source Data'!$A$2:$EU$28,9,FALSE)","v":"Ester Oil"}]
[null,2,"3.2.2","Ratings"]
[null,2.1,null,"Power rating","kVA",{"$f":"VLOOKUP($D$7,'Source Data'!$A$2:$EU$28,11,FALSE)","v":200}]
[null,2.2,null,"Rated primary voltage","kV",{"$f":"VLOOKUP($D$7,'Source Data'!$A$2:$EU$28,12,FALSE)","v":22}]
[null,2.3000000000000003,null,"Rated no-load secondary voltage (phase to ground)","kV",{"$f":"VLOOKUP($D$7,'Source Data'!$A$2:$EU$28,13,FALSE)","v":19}]
[null,2.4000000000000004,null,"Frequency","Hz",{"$f":"VLOOKUP($D$7,'Source Data'!$A$2:$EU$28,14,FALSE)","v":50}]
[null,2.5,null,"Number of phases",null,{"$f":"VLOOKUP($D$7,'Source Data'!$A$2:$EU$28,15,FALSE)","v":"1ph"}]
[null,2.6,null,"Vector Group",null,{"$f":"VLOOKUP($D$7,'Source Data'!$A$2:$EU$28,16,FALSE)","v":"N/A"},"xxxxxxxxxxx"]
[null,3,"3.2.5","Insulation levels"]
[null,3.1,null,"BIL - Primary","kV",{"$f":"VLOOKUP($D$7,'Source Data'!$A$2:$EU$28,18,FALSE)","v":150}]
[null,3.2,null,"BIL - Secondary Line Terminal","kV",{"$f":"VLOOKUP($D$7,'Source Data'!$A$2:$EU$28,19,FALSE)","v":200}]
[null,3.3,null,"BIL - Secondary Neutral Terminal","kV",{"$f":"VLOOKUP($D$7,'Source Data'!$A$2:$EU$28,20,FALSE)","v":30}]
[null,3.4,null,"Power frequency withstand voltage - Primary","kV",{"$f":"VLOOKUP($D$7,'Source Data'!$A$2:$EU$28,21,FALSE)","v":50}]
[null,3.5,null,"Power frequency withstand voltage – Secondary","kV",{"$f":"VLOOKUP($D$7,'Source Data'!$A$2:$EU$28,22,FALSE)","v":8}]
[null,4,"3.2.8","Inter-turn winding insulation"]
[null,4.1,null,"Type (Enamel or Paper)",null,{"$f":"VLOOKUP($D$7,'Source Data'!$A$2:$EU$28,24,FALSE)","v":"xxxxxxxxxxx"}]
[null,4.199999999999999,null,"Enamel grade (if applicable)",null,{"$f":"VLOOKUP($D$7,'Source Data'!$A$2:$EU$28,25,FALSE)","v":"Grade 3"}]
[null,4.3,null,"Paper thickness (if applicable)","mm",{"$f":"VLOOKUP($D$7,'Source Data'!$A$2:$EU$28,26,FALSE)","v":"> 0.125"}]
[null,4.3999999999999995,null,"Paper type (if applicable)",null,{"$f":"VLOOKUP($D$7,'Source Data'!$A$2:$EU$28,27,FALSE)","v":"xxxxxxxxxxx"}]
[null,4.5,null,"Paper make (if applicable)",null,{"$f":"VLOOKUP($D$7,'Source Data'!$A$2:$EU$28,28,FALSE)","v":"xxxxxxxxxxx"}]
[null,4.6,null,"Paper minimum impulse withstand","kV",{"$f":"VLOOKUP($D$7,'Source Data'!$A$2:$EU$28,29,FALSE)","v":21}]
[null,4.7,null,"Paper minimum power frequency withstand ","kV",{"$f":"VLOOKUP($D$7,'Source Data'!$A$2:$EU$28,30,FALSE)","v":8}]
[null,4.8,null,"Inter-turn winding insulation stress shall not exceed 5 kV/mm","kV/mm",{"$f":"VLOOKUP($D$7,'Source Data'!$A$2:$EU$28,31,FALSE)","v":"<5"}]
[null,5,"3.2.9","Interlayer insulation"]
[null,5.1,null,"Highest interlayer stress in non-tap part of winding (<5kV/mm is not acceptable as the calculated value must be presented)","kV/mm",{"$f":"VLOOKUP($D$7,'Source Data'!$A$2:$EU$28,33,FALSE)","v":"< 5"}]
[null,5.199999999999999,null,"Highest interlayer stress in tap part of winding (<5kV/mm is not acceptable as the calculated value must be presented)","kV/mm",{"$f":"VLOOKUP($D$7,'Source Data'!$A$2:$EU$28,34,FALSE)","v":"< 5 "}]
[null,5.3,null,"Paper type.",null,{"$f":"VLOOKUP($D$7,'Source Data'!$A$2:$EU$28,35,FALSE)","v":"xxxxxxxxxxx"}]
[null,5.3999999999999995,null,"Paper make.",null,{"$f":"VLOOKUP($D$7,'Source Data'!$A$2:$EU$28,36,FALSE)","v":"xxxxxxxxxxx"}]
[null,6,"3.2.10","Tapping connections"]
[null,6.1,null,"No tap connections shall be provided on SWER isolation transformers",null,{"$f":"VLOOKUP($D$7,'Source Data'!$A$2:$EU$28,38,FALSE)","v":"xxxxxxxxxxx"},"xxxxxxxxxxx"]
[null,7,"3.2.11","Primary MV Bushings for Coastal Transformers"]
[null,7.1,null,"Make ",null,{"$f":"VLOOKUP($D$7,'Source Data'!$A$2:$EU$28,49,FALSE)","v":"xxxxxxxxxxx"}]
[null,7.2,null,"Product code",null,{"$f":"VLOOKUP($D$7,'Source Data'!$A$2:$EU$28,50,FALSE)","v":"xxxxxxxxxxx"}]
[null,7.3,null,"Material (e.g. Porcelain)",null,{"$f":"VLOOKUP($D$7,'Source Data'!$A$2:$EU$28,51,FALSE)","v":"xxxxxxxxxxx"}]
[null,7.4,null,"Specific creepage distance","mm/kV",{"$f":"VLOOKUP($D$7,'Source Data'!$A$2:$EU$28,52,FALSE)","v":"≥ 31"}]
[null,7.5,null,"Clamping",null,{"$f":"VLOOKUP($D$7,'Source Data'!$A$2:$EU$28,53,FALSE)","v":"Base"}]
[null,7.6,null,"Type",null,{"$f":"VLOOKUP($D$7,'Source Data'!$A$2:$EU$28,54,FALSE)","v":"Draw lead"}]
[null,7.7,null,"Stem diameter",null,{"$f":"VLOOKUP($D$7,'Source Data'!$A$2:$EU$28,55,FALSE)","v":"M12"}]
[null,7.8,"3.2.11","Secondary MV Bushings for Coastal Transformers"]
[null,7.9,null,"Make ",null,{"$f":"VLOOKUP($D$7,'Source Data'!$A$2:$EU$28,57,FALSE)","v":"xxxxxxxxxxx"}]
[null,"7.10",null,"Product code",null,{"$f":"VLOOKUP($D$7,'Source Data'!$A$2:$EU$28,58,FALSE)","v":"xxxxxxxxxxx"}]
[null,"7.11",null,"Material (e.g. Porcelain)",null,{"$f":"VLOOKUP($D$7,'Source Data'!$A$2:$EU$28,59,FALSE)","v":"xxxxxxxxxxx"}]
[null,"7.12",null,"Specific creepage distance",null,{"$f":"VLOOKUP($D$7,'Source Data'!$A$2:$EU$28,60,FALSE)","v":"≥ 31"}]
[null,"7.13",null,"Clamping",null,{"$f":"VLOOKUP($D$7,'Source Data'!$A$2:$EU$28,61,FALSE)","v":"Base"}]
[null,"7.14",null,"Type",null,{"$f":"VLOOKUP($D$7,'Source Data'!$A$2:$EU$28,62,FALSE)","v":"Draw lead"}]
[null,"7.15",null,"Stem diameter",null,{"$f":"VLOOKUP($D$7,'Source Data'!$A$2:$EU$28,63,FALSE)","v":"M12"}]
[null,8,"3.2.11","Secondary LV Bushings for Coastal Transformers"]
[null,8.1,null,"Make ",null,{"$f":"VLOOKUP($D$7,'Source Data'!$A$2:$EU$28,65,FALSE)","v":"xxxxxxxxxxx"}]
[null,8.2,null,"Product code",null,{"$f":"VLOOKUP($D$7,'Source Data'!$A$2:$EU$28,66,FALSE)","v":"xxxxxxxxxxx"}]
[null,8.3,null,"Material (e.g. Porcelain)",null,{"$f":"VLOOKUP($D$7,'Source Data'!$A$2:$EU$28,67,FALSE)","v":"xxxxxxxxxxx"}]
[null,8.4,null,"Stem diameter",null,{"$f":"VLOOKUP($D$7,'Source Data'!$A$2:$EU$28,68,FALSE)","v":"M12"}]
[null,9,"3.2.14","Losses"]
[null,9.1,null,"Loss factor base (Cost of Dx or Gx) ",null,{"$f":"VLOOKUP($D$7,'Source Data'!$A$2:$EU$28,72,FALSE)","v":"Distribution"},"xxxxxxxxxxx"]
[null,9.2,null,"No-load Loss Factor, NLLF ","R/kW",{"$f":"VLOOKUP($D$7,'Source Data'!$A$2:$EU$28,73,FALSE)","v":80500},"xxxxxxxxxxx"]
[null,9.3,null,"Load Loss Factor, LLF","R/kW",{"$f":"VLOOKUP($D$7,'Source Data'!$A$2:$EU$28,74,FALSE)","v":17500},"xxxxxxxxxxx"]
[null,9.4,null,"Guaranteed no-load losses, PNL (Steel Core)","W",{"$f":"VLOOKUP($D$7,'Source Data'!$A$2:$EU$28,75,FALSE)","v":320}]
[null,9.5,null,"Guaranteed no-load losses, PNL (only if Amorphous Core is offered)","W",{"$f":"VLOOKUP($D$7,'Source Data'!$A$2:$EU$28,151,FALSE)","v":120}]
[null,9.6,null,"Guaranteed load losses, PLL","W",{"$f":"VLOOKUP($D$7,'Source Data'!$A$2:$EU$28,76,FALSE)","v":2600}]
[null,10,"3.2.14","Impedance voltage & X/R ratio"]
[null,10.1,null,"Impedance at principle tapping (specific design impedances to be stated)","%",{"$f":"VLOOKUP($D$7,'Source Data'!$A$2:$EU$28,78,FALSE)","v":"4,0 to 5,0"}]
[null,10.2,null,"X/R ratio",null,{"$f":"VLOOKUP($D$7,'Source Data'!$A$2:$EU$28,79,FALSE)","v":"xxxxxxxxxx"}]
[null,11,null,"Audio-sound level (SANS 780)"]
[null,11.1,null,"Maximum limit of transformer audio-sound level","db(A)",{"$f":"VLOOKUP($D$7,'Source Data'!$A$2:$EU$28,81,FALSE)","v":"≤ 48 "}]
[null,12,null,"MV winding wire"]
[null,12.1,null,"Material (e.g. Cu or Al)",null,{"$f":"VLOOKUP($D$7,'Source Data'!$A$2:$EU$28,83,FALSE)","v":"xxxxxxxxxxx"}]
[null,12.2,null,"Type (e.g. Round, Strip or Foil)",null,{"$f":"VLOOKUP($D$7,'Source Data'!$A$2:$EU$28,84,FALSE)","v":"xxxxxxxxxxx"}]
[null,13,null,"Secondary winding wire"]
[null,13.1,null,"Material (e.g. Cu or Al)",null,{"$f":"VLOOKUP($D$7,'Source Data'!$A$2:$EU$28,86,FALSE)","v":"xxxxxxxxxxx"}]
[null,13.2,null,"Type (e.g. Round, Strip or Foil)",null,{"$f":"VLOOKUP($D$7,'Source Data'!$A$2:$EU$28,87,FALSE)","v":"xxxxxxxxxxx"}]
[null,14,null,"Core material"]
[null,14.1,null,"Core material ",null,{"$f":"VLOOKUP($D$7,'Source Data'!$A$2:$EU$28,89,FALSE)","v":"Steel or Amporphous"}]
[null,14.2,null,"Type/code ",null,{"$f":"VLOOKUP($D$7,'Source Data'!$A$2:$EU$28,90,FALSE)","v":"xxxxxxxxxxx"}]
[null,14.3,null,"Maximum Flux Density of Material",null,{"$f":"VLOOKUP($D$7,'Source Data'!$A$2:$EU$28,91,FALSE)","v":"xxxxxxxxxxx"}]
[null,14.4,null,"Supplier",null,{"$f":"VLOOKUP($D$7,'Source Data'!$A$2:$EU$28,92,FALSE)","v":"xxxxxxxxxxx"}]
[null,15,"3.3.2","Tank and tank cover"]
[null,15.1,null,"Tank type: Sealed",null,{"$f":"VLOOKUP($D$7,'Source Data'!$A$2:$EU$28,94,FALSE)","v":"Sealed"}]
[null,15.2,null,"Plain, rigid or corrugated",null,{"$f":"VLOOKUP($D$7,'Source Data'!$A$2:$EU$28,95,FALSE)","v":"xxxxxxxxxx"}]
[null,16,"3.3.3","Transformer dimensions"]
[null,16.1,"Figure 12","Wo (including surge arrester)","mm",{"$f":"VLOOKUP($D$7,'Source Data'!$A$2:$EU$28,97,FALSE)","v":"xxxxxxxxxxx"}]
[null,16.2,"Figure 12","Lo","mm",{"$f":"VLOOKUP($D$7,'Source Data'!$A$2:$EU$28,98,FALSE)","v":"≤ 1 500 "}]
[null,16.3,"Figure 12","Ht","mm",{"$f":"VLOOKUP($D$7,'Source Data'!$A$2:$EU$28,99,FALSE)","v":"≤ 2000"}]
[null,16.4,"Figure 12","Mass","kg",{"$f":"VLOOKUP($D$7,'Source Data'!$A$2:$EU$28,100,FALSE)","v":"≤ 1700"}]
[null,16.5,null,"Oil capacity","l",{"$f":"VLOOKUP($D$7,'Source Data'!$A$2:$EU$28,101,FALSE)","v":"xxxxxxxxxxx"}]
[null,16.6,null,"Minimum clearance between live MV terminals and from MV live terminals to any part of the tank greater than twice the BIL ","mm",{"$f":"VLOOKUP($D$7,'Source Data'!$A$2:$EU$28,102,FALSE)","v":300}]
[null,16.7,"3.3.4","Minimum mechanical clearance of 100 mm between the brackets and LV bushings shall be maintained","mm",{"$f":"VLOOKUP($D$7,'Source Data'!$A$2:$EU$28,103,FALSE)","v":100}]
[null,17,"3.3.4","Pole mounting bracket"]
[null,17.1,null,"Single pole mounting bracket required? (Yes or No)",null,{"$f":"VLOOKUP($D$7,'Source Data'!$A$2:$EU$28,105,FALSE)","v":"No"},"xxxxxxxxxxx"]
[null,"17.2.1",null,"Supplied with: - 2 x clamps",null,{"$f":"VLOOKUP($D$7,'Source Data'!$A$2:$EU$28,106,FALSE)","v":"N/A"},"xxxxxxxxxxx"]
[null,"17.2.2",null,"                     - 1 x threaded rod (M20 x 350 mm)",null,{"$f":"VLOOKUP($D$7,'Source Data'!$A$2:$EU$28,107,FALSE)","v":"N/A"},"xxxxxxxxxxx"]
[null,"17.2.3",null,"                     - 4 x threaded rods (M20 x 250 mm)",null,{"$f":"VLOOKUP($D$7,'Source Data'!$A$2:$EU$28,108,FALSE)","v":"N/A"},"xxxxxxxxxxx"]
[null,"17.2.4",null,"                     - 12 x nuts, flat washers & spring washers (M20)",null,{"$f":"VLOOKUP($D$7,'Source Data'!$A$2:$EU$28,109,FALSE)","v":"N/A"}]
[null,17.2,null,"Dimension Mo","mm",{"$f":"VLOOKUP($D$7,'Source Data'!$A$2:$EU$28,110,FALSE)","v":"N/A"},"xxxxxxxxxxx"]
[null,17.3,null,"Dimension h1","mm",{"$f":"VLOOKUP($D$7,'Source Data'!$A$2:$EU$28,111,FALSE)","v":"N/A"},"xxxxxxxxxxx"]
[null,17.4,null,"Dimension W1","mm",{"$f":"VLOOKUP($D$7,'Source Data'!$A$2:$EU$28,112,FALSE)","v":"N/A"},"xxxxxxxxxxx"]
[null,17.5,null,"Mounting hole diameter","mm",{"$f":"VLOOKUP($D$7,'Source Data'!$A$2:$EU$28,113,FALSE)","v":"N/A"},"xxxxxxxxxxx"]
[null,17.6,null,"Mounting hole centres","mm",{"$f":"VLOOKUP($D$7,'Source Data'!$A$2:$EU$28,114,FALSE)","v":"N/A"},"xxxxxxxxxxx"]
[null,18,"3.3.5","Transformer under base"]
[null,18.1,null,"Under base required? (Yes or No)",null,{"$f":"VLOOKUP($D$7,'Source Data'!$A$2:$EU$28,116,FALSE)","v":"Yes"},"xxxxxxxxxxx"]
[null,18.2,"Figure 15","Lml","mm",{"$f":"VLOOKUP($D$7,'Source Data'!$A$2:$EU$28,117,FALSE)","v":400}]
[null,18.3,"Figure 15","Lmw (300, 400 or 450)","mm",{"$f":"VLOOKUP($D$7,'Source Data'!$A$2:$EU$28,118,FALSE)","v":"xxxxxxxxxxx"}]
[null,18.4,"Figure 15","Ls","mm",{"$f":"VLOOKUP($D$7,'Source Data'!$A$2:$EU$28,119,FALSE)","v":"≥ 320"}]
[null,18.5,"Figure 15","Lmh","mm",{"$f":"VLOOKUP($D$7,'Source Data'!$A$2:$EU$28,110,FALSE)","v":"N/A"}]
[null,18.6,"Figure 15","Mounting hole diameter","mm",{"$f":"VLOOKUP($D$7,'Source Data'!$A$2:$EU$28,111,FALSE)","v":"N/A"}]
[null,19,"3.3.6","Lifting lugs"]
[null,19.1,null,"Lifting lugs fitted",null,{"$f":"VLOOKUP($D$7,'Source Data'!$A$2:$EU$28,123,FALSE)","v":"Yes"}]
[null,19.2,null,"Hole diameter","mm",{"$f":"VLOOKUP($D$7,'Source Data'!$A$2:$EU$28,124,FALSE)","v":"≥ 30 "}]
[null,20,"3.3.7","Earthing terminals"]
[null,20.1,null,"Boss material ",null,{"$f":"VLOOKUP($D$7,'Source Data'!$A$2:$EU$28,126,FALSE)","v":"316 Stainless Steel or Mild Steel"}]
[null,20.2,null,"Boss depth","mm",{"$f":"VLOOKUP($D$7,'Source Data'!$A$2:$EU$28,127,FALSE)","v":"≥ 30"}]
[null,20.3,null,"Set screw material",null,{"$f":"VLOOKUP($D$7,'Source Data'!$A$2:$EU$28,128,FALSE)","v":"316 Stainless Steel or Mild Steel"}]
[null,20.4,null,"Set screw dimensions","mm",{"$f":"VLOOKUP($D$7,'Source Data'!$A$2:$EU$28,129,FALSE)","v":"M12 x 25 "}]
[null,20.5,null,"Supplied with washer and spring washer",null,{"$f":"VLOOKUP($D$7,'Source Data'!$A$2:$EU$28,130,FALSE)","v":"Yes"}]
[null,21,"3.3.8","Surge arrester brackets"]
[null,21.1,null,"Surge arrester brackets fitted",null,{"$f":"VLOOKUP($D$7,'Source Data'!$A$2:$EU$28,132,FALSE)","v":"Yes"}]
[null,21.2,"Figure 17","Mounting hole diameter","mm",{"$f":"VLOOKUP($D$7,'Source Data'!$A$2:$EU$28,133,FALSE)","v":14}]
[null,21.3,"Figure 17","Dimension D (worst case)","mm",{"$f":"VLOOKUP($D$7,'Source Data'!$A$2:$EU$28,134,FALSE)","v":"≥ 200"}]
[null,21.4,"Figure 17","Dimension E (worst case)","mm",{"$f":"VLOOKUP($D$7,'Source Data'!$A$2:$EU$28,135,FALSE)","v":"≥ 300"}]
[null,21.5,"Figure 17","Dimension F (worst case)","mm",{"$f":"VLOOKUP($D$7,'Source Data'!$A$2:$EU$28,136,FALSE)","v":"≥ 150"}]
[null,22,3.4,"Corrosion protection for Coastal transformers"]
[null,22.1,null,"Indicate the coating system (i.e. DS numbers according to DSP 240-75655504) that is offered. (e.g. DS-14 + DS-15 for zinc sprayed mild steel with duplex coating)"]
[null,22.2,null,"Tank ",null,{"$f":"VLOOKUP($D$7,'Source Data'!$A$2:$EU$28,145,FALSE)","v":"xxxxxxxxxxx"}]
[null,22.3,null,"Radiators",null,{"$f":"VLOOKUP($D$7,'Source Data'!$A$2:$EU$28,146,FALSE)","v":"xxxxxxxxxxx"}]
[null,22.4,null,"Threaded rods and accessories",null,{"$f":"VLOOKUP($D$7,'Source Data'!$A$2:$EU$28,147,FALSE)","v":"xxxxxxxxxxx"}]
[null,22.5,null,"Colour of final coat",null,{"$f":"VLOOKUP($D$7,'Source Data'!$A$2:$EU$28,148,FALSE)","v":"Azure Blue"}]
[null,23,4.2,"All Type Tests in Accordance with SANS 780:\n\n• Temperature rise test \n• Dielectric type test\n• Tank stiffness test \n• Corrugated tank fatigue test\n• Equivalent disturbing current test (This test is only applicable to SWER transformers)\n• Short Circuit Withstand Test\n• Natural ageing and pollution performance test",null,{"$f":"VLOOKUP($D$7,'Source Data'!$A$2:$EU$28,149,FALSE)","v":"Report Numbers"}]
[null,24,4.3,"All Routine Tests in Accordance with SANS 780:\n\n• Measurement of winding resistance\n• Measurement of voltage ratio and phase displacement\n• Measurement of short-circuit impedance and load loss\n• Measurement of no-load loss and current\n• Separate source voltage test\n• Induced overvoltage test\n• Measurement of paint thickness\n• Test for effectiveness of sealing\n• Measurement of secondary voltage across outer two terminals to be 484 V. (Only applicable to dual-phase transformers.) \n• Measurement of insulation resistance test\n• Reactance (%)\n• Dielectric routine tests\n• Vector group test ",null,{"$f":"VLOOKUP($D$7,'Source Data'!$A$2:$EU$28,150,FALSE)","v":"Report Numbers"}]

{"sheet":"0205439","index":12,"n_rows":143,"n_cols":7,"rows_kept":143,"merged":[[2,5,2,6],[3,5,3,6],[7,5,9,6],[9,1,9,3]]}
[]
[]
[{"$nulls":5},"Specification: DSP 240-45395762 Rev.4"]
[{"$nulls":5},{"$f":"'List of Items & Enquiry number'!B14","v":"Enquiry Number: 123456XYZ"}]
[]
[{"$nulls":3},"TECHNICAL SCHEDULES A & B FOR \nPOLE-MOUNTED  DISTRIBUTION TRANSFORMERS"]
[{"$nulls":3},"SWER Isolation, 200kVA 33kV/ 19kV* (Coastal, Ester Oil Only)"]
[{"$nulls":3},"* rated no-load voltage of the secondary shall be 19 kV (phase to ground)",null,"Deviations from the specific requirements stated in Schedule A must be recorded and explained in the Deviation Schedule"]
[null,"Schedule A:  Purchaser's specific requirements"]
[null,"Schedule B:  Guarantees and technical particulars of equipment offered"]
[null,"Item","Sub-clause of 240- 45395762","Description",null,"Schedule A","Schedule B"]
[null,1,null,"Identification"]
[null,1.1,null,"Name of manufacturer",null,{"$f":"VLOOKUP($D$7,'Source Data'!$A$2:$EU$28,3,FALSE)","v":"xxxxxxxxxxx"}]
[null,1.2000000000000002,null,"Name of supplier",null,{"$f":"VLOOKUP($D$7,'Source Data'!$A$2:$EU$28,4,FALSE)","v":"xxxxxxxxxxx"}]
[null,1.3,null,"Product code for Coastal transformers",null,{"$f":"VLOOKUP($D$7,'Source Data'!$A$2:$EU$28,6,FALSE)","v":"xxxxxxxxxxx"}]
[null,1.4,null,"Are the transformers covered by the SANS 780 certification mark?",null,{"$f":"VLOOKUP($D$7,'Source Data'!$A$2:$EU$28,7,FALSE)","v":"xxxxxxxxxxx"}]
[null,1.5,null,"State SANS 780 permit number",null,{"$f":"VLOOKUP($D$7,'Source Data'!$A$2:$EU$28,8,FALSE)","v":"xxxxxxxxxxx"}]
[null,1.6,null,"Oil Type",null,{"$f":"VLOOKUP($D$7,'Source Data'!$A$2:$EU$28,9,FALSE)","v":"Ester Oil"}]
[null,2,"3.2.2","Ratings"]
[null,2.1,null,"Power rating","kVA",{"$f":"VLOOKUP($D$7,'Source Data'!$A$2:$EU$28,11,FALSE)","v":200}]
[null,2.2,null,"Rated primary voltage","kV",{"$f":"VLOOKUP($D$7,'Source Data'!$A$2:$EU$28,12,FALSE)","v":33}]
[null,2.3000000000000003,null,"Rated no-load secondary voltage (phase to ground)","kV",{"$f":"VLOOKUP($D$7,'Source Data'!$A$2:$EU$28,13,FALSE)","v":19}]
[null,2.4000000000000004,null,"Frequency","Hz",{"$f":"VLOOKUP($D$7,'Source Data'!$A$2:$EU$28,14,FALSE)","v":50}]
[null,2.5,null,"Number of phases",null,{"$f":"VLOOKUP($D$7,'Source Data'!$A$2:$EU$28,15,FALSE)","v":"1ph"}]
[null,2.6,null,"Vector Group",null,{"$f":"VLOOKUP($D$7,'Source Data'!$A$2:$EU$28,16,FALSE)","v":"N/A"},"xxxxxxxxxxx"]
[null,3,"3.2.5","Insulation levels"]
[null,3.1,null,"BIL - Primary","kV",{"$f":"VLOOKUP($D$7,'Source Data'!$A$2:$EU$28,18,FALSE)","v":200}]
[null,3.2,null,"BIL - Secondary Line Terminal","kV",{"$f":"VLOOKUP($D$7,'Source Data'!$A$2:$EU$28,19,FALSE)","v":200}]
[null,3.3,null,"BIL - Secondary Neutral Terminal","kV",{"$f":"VLOOKUP($D$7,'Source Data'!$A$2:$EU$28,20,FALSE)","v":30}]
[null,3.4,null,"Power frequency withstand voltage - Primary","kV",{"$f":"VLOOKUP($D$7,'Source Data'!$A$2:$EU$28,21,FALSE)","v":70}]
[null,3.5,null,"Power frequency withstand voltage – Secondary","kV",{"$f":"VLOOKUP($D$7,'Source Data'!$A$2:$EU$28,22,FALSE)","v":8}]
[null,4,"3.2.8","Inter-turn winding insulation"]
[null,4.1,null,"Type (Enamel or Paper)",null,{"$f":"VLOOKUP($D$7,'Source Data'!$A$2:$EU$28,24,FALSE)","v":"xxxxxxxxxxx"}]
[null,4.199999999999999,null,"Enamel grade (if applicable)",null,{"$f":"VLOOKUP($D$7,'Source Data'!$A$2:$EU$28,25,FALSE)","v":"Grade 3"}]
[null,4.3,null,"Paper thickness (if applicable)","mm",{"$f":"VLOOKUP($D$7,'Source Data'!$A$2:$EU$28,26,FALSE)","v":"> 0.125"}]
[null,4.3999999999999995,null,"Paper type (if applicable)",null,{"$f":"VLOOKUP($D$7,'Source Data'!$A$2:$EU$28,27,FALSE)","v":"xxxxxxxxxxx"}]
[null,4.5,null,"Paper make (if applicable)",null,{"$f":"VLOOKUP($D$7,'Source Data'!$A$2:$EU$28,28,FALSE)","v":"xxxxxxxxxxx"}]
[null,4.6,null,"Paper minimum impulse withstand","kV",{"$f":"VLOOKUP($D$7,'Source Data'!$A$2:$EU$28,29,FALSE)","v":21}]
[null,4.7,null,"Paper minimum power frequency withstand ","kV",{"$f":"VLOOKUP($D$7,'Source Data'!$A$2:$EU$28,30,FALSE)","v":8}]
[null,4.8,null,"Inter-turn winding insulation stress shall not exceed 5 kV/mm","kV/mm",{"$f":"VLOOKUP($D$7,'Source Data'!$A$2:$EU$28,31,FALSE)","v":"<5"}]
[null,5,"3.2.9","Interlayer insulation"]
[null,5.1,null,"Highest interlayer stress in non-tap part of winding (<5kV/mm is not acceptable as the calculated value must be presented)","kV/mm",{"$f":"VLOOKUP($D$7,'Source Data'!$A$2:$EU$28,33,FALSE)","v":"< 5"}]
[null,5.199999999999999,null,"Highest interlayer stress in tap part of winding (<5kV/mm is not acceptable as the calculated value must be presented)","kV/mm",{"$f":"VLOOKUP($D$7,'Source Data'!$A$2:$EU$28,34,FALSE)","v":"< 5 "}]
[null,5.3,null,"Paper type.",null,{"$f":"VLOOKUP($D$7,'Source Data'!$A$2:$EU$28,35,FALSE)","v":"xxxxxxxxxxx"}]
[null,5.3999999999999995,null,"Paper make.",null,{"$f":"VLOOKUP($D$7,'Source Data'!$A$2:$EU$28,36,FALSE)","v":"xxxxxxxxxxx"}]
[null,6,"3.2.10","Tapping connections"]
[null,6.1,null,"No tap connections shall be provided on SWER isolation transformers",null,{"$f":"VLOOKUP($D$7,'Source Data'!$A$2:$EU$28,38,FALSE)","v":"xxxxxxxxxxx"},"xxxxxxxxxxx"]
[null,7,"3.2.11","Primary MV Bushings for Coastal Transformers"]
[null,7.1,null,"Make ",null,{"$f":"VLOOKUP($D$7,'Source Data'!$A$2:$EU$28,49,FALSE)","v":"xxxxxxxxxxx"}]
[null,7.2,null,"Product code",null,{"$f":"VLOOKUP($D$7,'Source Data'!$A$2:$EU$28,50,FALSE)","v":"xxxxxxxxxxx"}]
[null,7.3,null,"Material (e.g. Porcelain)",null,{"$f":"VLOOKUP($D$7,'Source Data'!$A$2:$EU$28,51,FALSE)","v":"xxxxxxxxxxx"}]
[null,7.4,null,"Specific creepage distance","mm/kV",{"$f":"VLOOKUP($D$7,'Source Data'!$A$2:$EU$28,52,FALSE)","v":"≥ 31"}]
[null,7.5,null,"Clamping",null,{"$f":"VLOOKUP($D$7,'Source Data'!$A$2:$EU$28,53,FALSE)","v":"Base"}]
[null,7.6,null,"Type",null,{"$f":"VLOOKUP($D$7,'Source Data'!$A$2:$EU$28,54,FALSE)","v":"Draw lead"}]
[null,7.7,null,"Stem diameter",null,{"$f":"VLOOKUP($D$7,'Source Data'!$A$2:$EU$28,55,FALSE)","v":"M12"}]
[null,7.8,"3.2.11","Secondary MV Bushings for Coastal Transformers"]
[null,7.9,null,"Make ",null,{"$f":"VLOOKUP($D$7,'Source Data'!$A$2:$EU$28,57,FALSE)","v":"xxxxxxxxxxx"}]
[null,"7.10",null,"Product code",null,{"$f":"VLOOKUP($D$7,'Source Data'!$A$2:$EU$28,58,FALSE)","v":"xxxxxxxxxxx"}]
[null,"7.11",null,"Material (e.g. Porcelain)",null,{"$f":"VLOOKUP($D$7,'Source Data'!$A$2:$EU$28,59,FALSE)","v":"xxxxxxxxxxx"}]
[null,"7.12",null,"Specific creepage distance",null,{"$f":"VLOOKUP($D$7,'Source Data'!$A$2:$EU$28,60,FALSE)","v":"≥ 31"}]
[null,"7.13",null,"Clamping",null,{"$f":"VLOOKUP($D$7,'Source Data'!$A$2:$EU$28,61,FALSE)","v":"Base"}]
[null,"7.14",null,"Type",null,{"$f":"VLOOKUP($D$7,'Source Data'!$A$2:$EU$28,62,FALSE)","v":"Draw lead"}]
[null,"7.15",null,"Stem diameter",null,{"$f":"VLOOKUP($D$7,'Source Data'!$A$2:$EU$28,63,FALSE)","v":"M12"}]
[null,8,"3.2.11","Secondary LV Bushings for Coastal Transformers"]
[null,8.1,null,"Make ",null,{"$f":"VLOOKUP($D$7,'Source Data'!$A$2:$EU$28,65,FALSE)","v":"xxxxxxxxxxx"}]
[null,8.2,null,"Product code",null,{"$f":"VLOOKUP($D$7,'Source Data'!$A$2:$EU$28,66,FALSE)","v":"xxxxxxxxxxx"}]
[null,8.3,null,"Material (e.g. Porcelain)",null,{"$f":"VLOOKUP($D$7,'Source Data'!$A$2:$EU$28,67,FALSE)","v":"xxxxxxxxxxx"}]
[null,8.4,null,"Stem diameter",null,{"$f":"VLOOKUP($D$7,'Source Data'!$A$2:$EU$28,68,FALSE)","v":"M12"}]
[null,9,"3.2.14","Losses"]
[null,9.1,null,"Loss factor base (Cost of Dx or Gx) ",null,{"$f":"VLOOKUP($D$7,'Source Data'!$A$2:$EU$28,72,FALSE)","v":"Distribution"},"xxxxxxxxxxx"]
[null,9.2,null,"No-load Loss Factor, NLLF ","R/kW",{"$f":"VLOOKUP($D$7,'Source Data'!$A$2:$EU$28,73,FALSE)","v":80500},"xxxxxxxxxxx"]
[null,9.3,null,"Load Loss Factor, LLF","R/kW",{"$f":"VLOOKUP($D$7,'Source Data'!$A$2:$EU$28,74,FALSE)","v":17500},"xxxxxxxxxxx"]
[null,9.4,null,"Guaranteed no-load losses, PNL (Steel Core)","W",{"$f":"VLOOKUP($D$7,'Source Data'!$A$2:$EU$28,75,FALSE)","v":320}]
[null,9.5,null,"Guaranteed no-load losses, PNL (only if Amorphous Core is offered)","W",{"$f":"VLOOKUP($D$7,'Source Data'!$A$2:$EU$28,151,FALSE)","v":120}]
[null,9.6,null,"Guaranteed load losses, PLL","W",{"$f":"VLOOKUP($D$7,'Source Data'!$A$2:$EU$28,76,FALSE)","v":2600}]
[null,10,"3.2.14","Impedance voltage & X/R ratio"]
[null,10.1,null,"Impedance at principle tapping (specific design impedances to be stated)","%",{"$f":"VLOOKUP($D$7,'Source Data'!$A$2:$EU$28,78,FALSE)","v":"4,0 to 5,0"}]
[null,10.2,null,"X/R ratio",null,{"$f":"VLOOKUP($D$7,'Source Data'!$A$2:$EU$28,79,FALSE)","v":"xxxxxxxxxx"}]
[null,11,null,"Audio-sound level (SANS 780)"]
[null,11.1,null,"Maximum limit of transformer audio-sound level","db(A)",{"$f":"VLOOKUP($D$7,'Source Data'!$A$2:$EU$28,81,FALSE)","v":"≤ 48 "}]
[null,12,null,"MV winding wire"]
[null,12.1,null,"Material (e.g. Cu or Al)",null,{"$f":"VLOOKUP($D$7,'Source Data'!$A$2:$EU$28,83,FALSE)","v":"xxxxxxxxxxx"}]
[null,12.2,null,"Type (e.g. Round, Strip or Foil)",null,{"$f":"VLOOKUP($D$7,'Source Data'!$A$2:$EU$28,84,FALSE)","v":"xxxxxxxxxxx"}]
[null,13,null,"Secondary winding wire"]
[null,13.1,null,"Material (e.g. Cu or Al)",null,{"$f":"VLOOKUP($D$7,'Source Data'!$A$2:$EU$28,86,FALSE)","v":"xxxxxxxxxxx"}]
[null,13.2,null,"Type (e.g. Round, Strip or Foil)",null,{"$f":"VLOOKUP($D$7,'Source Data'!$A$2:$EU$28,87,FALSE)","v":"xxxxxxxxxxx"}]
[null,14,null,"Core material"]
[null,14.1,null,"Core material ",null,{"$f":"VLOOKUP($D$7,'Source Data'!$A$2:$EU$28,89,FALSE)","v":"Steel or Amporphous"}]
[null,14.2,null,"Type/code ",null,{"$f":"VLOOKUP($D$7,'Source Data'!$A$2:$EU$28,90,FALSE)","v":"xxxxxxxxxxx"}]
[null,14.3,null,"Maximum Flux Density of Material",null,{"$f":"VLOOKUP($D$7,'Source Data'!$A$2:$EU$28,91,FALSE)","v":"xxxxxxxxxxx"}]
[null,14.4,null,"Supplier",null,{"$f":"VLOOKUP($D$7,'Source Data'!$A$2:$EU$28,92,FALSE)","v":"xxxxxxxxxxx"}]
[null,15,"3.3.2","Tank and tank cover"]
[null,15.1,null,"Tank type: Sealed",null,{"$f":"VLOOKUP($D$7,'Source Data'!$A$2:$EU$28,94,FALSE)","v":"Sealed"}]
[null,15.2,null,"Plain, rigid or corrugated",null,{"$f":"VLOOKUP($D$7,'Source Data'!$A$2:$EU$28,95,FALSE)","v":"xxxxxxxxxx"}]
[null,16,"3.3.3","Transformer dimensions"]
[null,16.1,"Figure 12","Wo (including surge arrester)","mm",{"$f":"VLOOKUP($D$7,'Source Data'!$A$2:$EU$28,97,FALSE)","v":"xxxxxxxxxxx"}]
[null,16.2,"Figure 12","Lo","mm",{"$f":"VLOOKUP($D$7,'Source Data'!$A$2:$EU$28,98,FALSE)","v":"≤ 1 500 "}]
[null,16.3,"Figure 12","Ht","mm",{"$f":"VLOOKUP($D$7,'Source Data'!$A$2:$EU$28,99,FALSE)","v":"≤ 2000"}]
[null,16.4,"Figure 12","Mass","kg",{"$f":"VLOOKUP($D$7,'Source Data'!$A$2:$EU$28,100,FALSE)","v":"≤ 1700"}]
[null,16.5,null,"Oil capacity","l",{"$f":"VLOOKUP($D$7,'Source Data'!$A$2:$EU$28,101,FALSE)","v":"xxxxxxxxxxx"}]
[null,16.6,null,"Minimum clearance between live MV terminals and from MV live terminals to any part of the tank greater than twice the BIL ","mm",{"$f":"VLOOKUP($D$7,'Source Data'!$A$2:$EU$28,102,FALSE)","v":400}]
[null,16.7,"3.3.4","Minimum mechanical clearance of 100 mm between the brackets and LV bushings shall be maintained","mm",{"$f":"VLOOKUP($D$7,'Source Data'!$A$2:$EU$28,103,FALSE)","v":100}]
[null,17,"3.3.4","Pole mounting bracket"]
[null,17.1,null,"Single pole mounting bracket required? (Yes or No)",null,{"$f":"VLOOKUP($D$7,'Source Data'!$A$2:$EU$28,105,FALSE)","v":"No"},"xxxxxxxxxxx"]
[null,"17.2.1",null,"Supplied with: - 2 x clamps",null,{"$f":"VLOOKUP($D$7,'Source Data'!$A$2:$EU$28,106,FALSE)","v":"N/A"},"xxxxxxxxxxx"]
[null,"17.2.2",null,"                     - 1 x threaded rod (M20 x 350 mm)",null,{"$f":"VLOOKUP($D$7,'Source Data'!$A$2:$EU$28,107,FALSE)","v":"N/A"},"xxxxxxxxxxx"]
[null,"17.2.3",null,"                     - 4 x threaded rods (M20 x 250 mm)",null,{"$f":"VLOOKUP($D$7,'Source Data'!$A$2:$EU$28,108,FALSE)","v":"N/A"},"xxxxxxxxxxx"]
[null,"17.2.4",null,"                     - 12 x nuts, flat washers & spring washers (M20)",null,{"$f":"VLOOKUP($D$7,'Source Data'!$A$2:$EU$28,109,FALSE)","v":"N/A"}]
[null,17.2,null,"Dimension Mo","mm",{"$f":"VLOOKUP($D$7,'Source Data'!$A$2:$EU$28,110,FALSE)","v":"N/A"},"xxxxxxxxxxx"]
[null,17.3,null,"Dimension h1","mm",{"$f":"VLOOKUP($D$7,'Source Data'!$A$2:$EU$28,111,FALSE)","v":"N/A"},"xxxxxxxxxxx"]
[null,17.4,null,"Dimension W1","mm",{"$f":"VLOOKUP($D$7,'Source Data'!$A$2:$EU$28,112,FALSE)","v":"N/A"},"xxxxxxxxxxx"]
[null,17.5,null,"Mounting hole diameter","mm",{"$f":"VLOOKUP($D$7,'Source Data'!$A$2:$EU$28,113,FALSE)","v":"N/A"},"xxxxxxxxxxx"]
[null,17.6,null,"Mounting hole centres","mm",{"$f":"VLOOKUP($D$7,'Source Data'!$A$2:$EU$28,114,FALSE)","v":"N/A"},"xxxxxxxxxxx"]
[null,18,"3.3.5","Transformer under base"]
[null,18.1,null,"Under base required? (Yes or No)",null,{"$f":"VLOOKUP($D$7,'Source Data'!$A$2:$EU$28,116,FALSE)","v":"Yes"},"xxxxxxxxxxx"]
[null,18.2,"Figure 15","Lml","mm",{"$f":"VLOOKUP($D$7,'Source Data'!$A$2:$EU$28,117,FALSE)","v":400}]
[null,18.3,"Figure 15","Lmw (300, 400 or 450)","mm",{"$f":"VLOOKUP($D$7,'Source Data'!$A$2:$EU$28,118,FALSE)","v":"xxxxxxxxxxx"}]
[null,18.4,"Figure 15","Ls","mm",{"$f":"VLOOKUP($D$7,'Source Data'!$A$2:$EU$28,119,FALSE)","v":"≥ 320"}]
[null,18.5,"Figure 15","Lmh","mm",{"$f":"VLOOKUP($D$7,'Source Data'!$A$2:$EU$28,110,FALSE)","v":"N/A"}]
[null,18.6,"Figure 15","Mounting hole diameter","mm",{"$f":"VLOOKUP($D$7,'Source Data'!$A$2:$EU$28,111,FALSE)","v":"N/A"}]
[null,19,"3.3.6","Lifting lugs"]
[null,19.1,null,"Lifting lugs fitted",null,{"$f":"VLOOKUP($D$7,'Source Data'!$A$2:$EU$28,123,FALSE)","v":"Yes"}]
[null,19.2,null,"Hole diameter","mm",{"$f":"VLOOKUP($D$7,'Source Data'!$A$2:$EU$28,124,FALSE)","v":"≥ 30 "}]
[null,20,"3.3.7","Earthing terminals"]
[null,20.1,null,"Boss material ",null,{"$f":"VLOOKUP($D$7,'Source Data'!$A$2:$EU$28,126,FALSE)","v":"316 Stainless Steel or Mild Steel"}]
[null,20.2,null,"Boss depth","mm",{"$f":"VLOOKUP($D$7,'Source Data'!$A$2:$EU$28,127,FALSE)","v":"≥ 30"}]
[null,20.3,null,"Set screw material",null,{"$f":"VLOOKUP($D$7,'Source Data'!$A$2:$EU$28,128,FALSE)","v":"316 Stainless Steel or Mild Steel"}]
[null,20.4,null,"Set screw dimensions","mm",{"$f":"VLOOKUP($D$7,'Source Data'!$A$2:$EU$28,129,FALSE)","v":"M12 x 25 "}]
[null,20.5,null,"Supplied with washer and spring washer",null,{"$f":"VLOOKUP($D$7,'Source Data'!$A$2:$EU$28,130,FALSE)","v":"Yes"}]
[null,21,"3.3.8","Surge arrester brackets"]
[null,21.1,null,"Surge arrester brackets fitted",null,{"$f":"VLOOKUP($D$7,'Source Data'!$A$2:$EU$28,132,FALSE)","v":"Yes"}]
[null,21.2,"Figure 17","Mounting hole diameter","mm",{"$f":"VLOOKUP($D$7,'Source Data'!$A$2:$EU$28,133,FALSE)","v":14}]
[null,21.3,"Figure 17","Dimension D (worst case)","mm",{"$f":"VLOOKUP($D$7,'Source Data'!$A$2:$EU$28,134,FALSE)","v":"≥ 200"}]
[null,21.4,"Figure 17","Dimension E (worst case)","mm",{"$f":"VLOOKUP($D$7,'Source Data'!$A$2:$EU$28,135,FALSE)","v":"≥ 400 "}]
[null,21.5,"Figure 17","Dimension F (worst case)","mm",{"$f":"VLOOKUP($D$7,'Source Data'!$A$2:$EU$28,136,FALSE)","v":"≥ 150"}]
[null,22,3.4,"Corrosion protection for Coastal transformers"]
[null,22.1,null,"Indicate the coating system (i.e. DS numbers according to DSP 240-75655504) that is offered. (e.g. DS-14 + DS-15 for zinc sprayed mild steel with duplex coating)"]
[null,22.2,null,"Tank ",null,{"$f":"VLOOKUP($D$7,'Source Data'!$A$2:$EU$28,145,FALSE)","v":"xxxxxxxxxxx"}]
[null,22.3,null,"Radiators",null,{"$f":"VLOOKUP($D$7,'Source Data'!$A$2:$EU$28,146,FALSE)","v":"xxxxxxxxxxx"}]
[null,22.4,null,"Threaded rods and accessories",null,{"$f":"VLOOKUP($D$7,'Source Data'!$A$2:$EU$28,147,FALSE)","v":"xxxxxxxxxxx"}]
[null,22.5,null,"Colour of final coat",null,{"$f":"VLOOKUP($D$7,'Source Data'!$A$2:$EU$28,148,FALSE)","v":"Azure Blue"}]
[null,23,4.2,"All Type Tests in Accordance with SANS 780:\n\n• Temperature rise test \n• Dielectric type test\n• Tank stiffness test \n• Corrugated tank fatigue test\n• Equivalent disturbing current test (This test is only applicable to SWER transformers)\n• Short Circuit Withstand Test\n• Natural ageing and pollution performance test",null,{"$f":"VLOOKUP($D$7,'Source Data'!$A$2:$EU$28,149,FALSE)","v":"Report Numbers"}]
[null,24,4.3,"All Routine Tests in Accordance with SANS 780:\n\n• Measurement of winding resistance\n• Measurement of voltage ratio and phase displacement\n• Measurement of short-circuit impedance and load loss\n• Measurement of no-load loss and current\n• Separate source voltage test\n• Induced overvoltage test\n• Measurement of paint thickness\n• Test for effectiveness of sealing\n• Measurement of secondary voltage across outer two terminals to be 484 V. (Only applicable to dual-phase transformers.) \n• Measurement of insulation resistance test\n• Reactance (%)\n• Dielectric routine tests\n• Vector group test ",null,{"$f":"VLOOKUP($D$7,'Source Data'!$A$2:$EU$28,150,FALSE)","v":"Report Numbers"}]

{"sheet":"0180287","index":13,"n_rows":143,"n_cols":7,"rows_kept":143,"merged":[[2,5,2,6],[3,5,3,6],[7,5,9,6],[9,1,9,3]]}
[]
[]
[{"$nulls":5},"Specification: DSP 240-45395762 Rev.4"]
[{"$nulls":5},{"$f":"'List of Items & Enquiry number'!B14","v":"Enquiry Number: 123456XYZ"}]
[]
[{"$nulls":3},"TECHNICAL SCHEDULES A & B FOR \nPOLE-MOUNTED  DISTRIBUTION TRANSFORMERS"]
[{"$nulls":3},"SWER Isolation, 400kVA 11kV/ 19kV* (Coastal, Ester Oil Only)"]
[{"$nulls":3},"* rated no-load voltage of the secondary shall be 19 kV (phase to ground)",null,"Deviations from the specific requirements stated in Schedule A must be recorded and explained in the Deviation Schedule"]
[null,"Schedule A:  Purchaser's specific requirements"]
[null,"Schedule B:  Guarantees and technical particulars of equipment offered"]
[null,"Item","Sub-clause of 240- 45395762","Description",null,"Schedule A","Schedule B"]
[null,1,null,"Identification"]
[null,1.1,null,"Name of manufacturer",null,{"$f":"VLOOKUP($D$7,'Source Data'!$A$2:$EU$28,3,FALSE)","v":"xxxxxxxxxxx"}]
[null,1.2000000000000002,null,"Name of supplier",null,{"$f":"VLOOKUP($D$7,'Source Data'!$A$2:$EU$28,4,FALSE)","v":"xxxxxxxxxxx"}]
[null,1.3,null,"Product code for Coastal transformers",null,{"$f":"VLOOKUP($D$7,'Source Data'!$A$2:$EU$28,6,FALSE)","v":"xxxxxxxxxxx"}]
[null,1.4,null,"Are the transformers covered by the SANS 780 certification mark?",null,{"$f":"VLOOKUP($D$7,'Source Data'!$A$2:$EU$28,7,FALSE)","v":"xxxxxxxxxxx"}]
[null,1.5,null,"State SANS 780 permit number",null,{"$f":"VLOOKUP($D$7,'Source Data'!$A$2:$EU$28,8,FALSE)","v":"xxxxxxxxxxx"}]
[null,1.6,null,"Oil Type",null,{"$f":"VLOOKUP($D$7,'Source Data'!$A$2:$EU$28,9,FALSE)","v":"Ester Oil"}]
[null,2,"3.2.2","Ratings"]
[null,2.1,null,"Power rating","kVA",{"$f":"VLOOKUP($D$7,'Source Data'!$A$2:$EU$28,11,FALSE)","v":400}]
[null,2.2,null,"Rated primary voltage","kV",{"$f":"VLOOKUP($D$7,'Source Data'!$A$2:$EU$28,12,FALSE)","v":11}]
[null,2.3000000000000003,null,"Rated no-load secondary voltage (phase to ground)","kV",{"$f":"VLOOKUP($D$7,'Source Data'!$A$2:$EU$28,13,FALSE)","v":19}]
[null,2.4000000000000004,null,"Frequency","Hz",{"$f":"VLOOKUP($D$7,'Source Data'!$A$2:$EU$28,14,FALSE)","v":50}]
[null,2.5,null,"Number of phases",null,{"$f":"VLOOKUP($D$7,'Source Data'!$A$2:$EU$28,15,FALSE)","v":"1ph"}]
[null,2.6,null,"Vector Group",null,{"$f":"VLOOKUP($D$7,'Source Data'!$A$2:$EU$28,16,FALSE)","v":"N/A"},"xxxxxxxxxxx"]
[null,3,"3.2.5","Insulation levels"]
[null,3.1,null,"BIL - Primary","kV",{"$f":"VLOOKUP($D$7,'Source Data'!$A$2:$EU$28,18,FALSE)","v":95}]
[null,3.2,null,"BIL - Secondary Line Terminal","kV",{"$f":"VLOOKUP($D$7,'Source Data'!$A$2:$EU$28,19,FALSE)","v":200}]
[null,3.3,null,"BIL - Secondary Neutral Terminal","kV",{"$f":"VLOOKUP($D$7,'Source Data'!$A$2:$EU$28,20,FALSE)","v":30}]
[null,3.4,null,"Power frequency withstand voltage - Primary","kV",{"$f":"VLOOKUP($D$7,'Source Data'!$A$2:$EU$28,21,FALSE)","v":28}]
[null,3.5,null,"Power frequency withstand voltage – Secondary","kV",{"$f":"VLOOKUP($D$7,'Source Data'!$A$2:$EU$28,22,FALSE)","v":8}]
[null,4,"3.2.8","Inter-turn winding insulation"]
[null,4.1,null,"Type (Enamel or Paper)",null,{"$f":"VLOOKUP($D$7,'Source Data'!$A$2:$EU$28,24,FALSE)","v":"xxxxxxxxxxx"}]
[null,4.199999999999999,null,"Enamel grade (if applicable)",null,{"$f":"VLOOKUP($D$7,'Source Data'!$A$2:$EU$28,25,FALSE)","v":"Grade 3"}]
[null,4.3,null,"Paper thickness (if applicable)","mm",{"$f":"VLOOKUP($D$7,'Source Data'!$A$2:$EU$28,26,FALSE)","v":"> 0.125"}]
[null,4.3999999999999995,null,"Paper type (if applicable)",null,{"$f":"VLOOKUP($D$7,'Source Data'!$A$2:$EU$28,27,FALSE)","v":"xxxxxxxxxxx"}]
[null,4.5,null,"Paper make (if applicable)",null,{"$f":"VLOOKUP($D$7,'Source Data'!$A$2:$EU$28,28,FALSE)","v":"xxxxxxxxxxx"}]
[null,4.6,null,"Paper minimum impulse withstand","kV",{"$f":"VLOOKUP($D$7,'Source Data'!$A$2:$EU$28,29,FALSE)","v":21}]
[null,4.7,null,"Paper minimum power frequency withstand ","kV",{"$f":"VLOOKUP($D$7,'Source Data'!$A$2:$EU$28,30,FALSE)","v":8}]
[null,4.8,null,"Inter-turn winding insulation stress shall not exceed 5 kV/mm","kV/mm",{"$f":"VLOOKUP($D$7,'Source Data'!$A$2:$EU$28,31,FALSE)","v":"<5"}]
[null,5,"3.2.9","Interlayer insulation"]
[null,5.1,null,"Highest interlayer stress in non-tap part of winding (<5kV/mm is not acceptable as the calculated value must be presented)","kV/mm",{"$f":"VLOOKUP($D$7,'Source Data'!$A$2:$EU$28,33,FALSE)","v":"< 5"}]
[null,5.199999999999999,null,"Highest interlayer stress in tap part of winding (<5kV/mm is not acceptable as the calculated value must be presented)","kV/mm",{"$f":"VLOOKUP($D$7,'Source Data'!$A$2:$EU$28,34,FALSE)","v":"< 5 "}]
[null,5.3,null,"Paper type.",null,{"$f":"VLOOKUP($D$7,'Source Data'!$A$2:$EU$28,35,FALSE)","v":"xxxxxxxxxxx"}]
[null,5.3999999999999995,null,"Paper make.",null,{"$f":"VLOOKUP($D$7,'Source Data'!$A$2:$EU$28,36,FALSE)","v":"xxxxxxxxxxx"}]
[null,6,"3.2.10","Tapping connections"]
[null,6.1,null,"No tap connections shall be provided on SWER isolation transformers",null,{"$f":"VLOOKUP($D$7,'Source Data'!$A$2:$EU$28,38,FALSE)","v":"xxxxxxxxxxx"},"xxxxxxxxxxx"]
[null,7,"3.2.11","Primary MV Bushings for Coastal Transformers"]
[null,7.1,null,"Make ",null,{"$f":"VLOOKUP($D$7,'Source Data'!$A$2:$EU$28,49,FALSE)","v":"xxxxxxxxxxx"}]
[null,7.2,null,"Product code",null,{"$f":"VLOOKUP($D$7,'Source Data'!$A$2:$EU$28,50,FALSE)","v":"xxxxxxxxxxx"}]
[null,7.3,null,"Material (e.g. Porcelain)",null,{"$f":"VLOOKUP($D$7,'Source Data'!$A$2:$EU$28,51,FALSE)","v":"xxxxxxxxxxx"}]
[null,7.4,null,"Specific creepage distance","mm/kV",{"$f":"VLOOKUP($D$7,'Source Data'!$A$2:$EU$28,52,FALSE)","v":"≥ 31"}]
[null,7.5,null,"Clamping",null,{"$f":"VLOOKUP($D$7,'Source Data'!$A$2:$EU$28,53,FALSE)","v":"Base"}]
[null,7.6,null,"Type",null,{"$f":"VLOOKUP($D$7,'Source Data'!$A$2:$EU$28,54,FALSE)","v":"Draw lead"}]
[null,7.7,null,"Stem diameter",null,{"$f":"VLOOKUP($D$7,'Source Data'!$A$2:$EU$28,55,FALSE)","v":"M12"}]
[null,7.8,"3.2.11","Secondary MV Bushings for Coastal Transformers"]
[null,7.9,null,"Make ",null,{"$f":"VLOOKUP($D$7,'Source Data'!$A$2:$EU$28,57,FALSE)","v":"xxxxxxxxxxx"}]
[null,"7.10",null,"Product code",null,{"$f":"VLOOKUP($D$7,'Source Data'!$A$2:$EU$28,58,FALSE)","v":"xxxxxxxxxxx"}]
[null,"7.11",null,"Material (e.g. Porcelain)",null,{"$f":"VLOOKUP($D$7,'Source Data'!$A$2:$EU$28,59,FALSE)","v":"xxxxxxxxxxx"}]
[null,"7.12",null,"Specific creepage distance",null,{"$f":"VLOOKUP($D$7,'Source Data'!$A$2:$EU$28,60,FALSE)","v":"≥ 31"}]
[null,"7.13",null,"Clamping",null,{"$f":"VLOOKUP($D$7,'Source Data'!$A$2:$EU$28,61,FALSE)","v":"Base"}]
[null,"7.14",null,"Type",null,{"$f":"VLOOKUP($D$7,'Source Data'!$A$2:$EU$28,62,FALSE)","v":"Draw lead"}]
[null,"7.15",null,"Stem diameter",null,{"$f":"VLOOKUP($D$7,'Source Data'!$A$2:$EU$28,63,FALSE)","v":"M12"}]
[null,8,"3.2.11","Secondary LV Bushings for Coastal Transformers"]
[null,8.1,null,"Make ",null,{"$f":"VLOOKUP($D$7,'Source Data'!$A$2:$EU$28,65,FALSE)","v":"xxxxxxxxxxx"}]
[null,8.2,null,"Product code",null,{"$f":"VLOOKUP($D$7,'Source Data'!$A$2:$EU$28,66,FALSE)","v":"xxxxxxxxxxx"}]
[null,8.3,null,"Material (e.g. Porcelain)",null,{"$f":"VLOOKUP($D$7,'Source Data'!$A$2:$EU$28,67,FALSE)","v":"xxxxxxxxxxx"}]
[null,8.4,null,"Stem diameter",null,{"$f":"VLOOKUP($D$7,'Source Data'!$A$2:$EU$28,68,FALSE)","v":"M12"}]
[null,9,"3.2.14","Losses"]
[null,9.1,null,"Loss factor base (Cost of Dx or Gx) ",null,{"$f":"VLOOKUP($D$7,'Source Data'!$A$2:$EU$28,72,FALSE)","v":"Distribution"},"xxxxxxxxxxx"]
[null,9.2,null,"No-load Loss Factor, NLLF ","R/kW",{"$f":"VLOOKUP($D$7,'Source Data'!$A$2:$EU$28,73,FALSE)","v":80500},"xxxxxxxxxxx"]
[null,9.3,null,"Load Loss Factor, LLF","R/kW",{"$f":"VLOOKUP($D$7,'Source Data'!$A$2:$EU$28,74,FALSE)","v":17500},"xxxxxxxxxxx"]
[null,9.4,null,"Guaranteed no-load losses, PNL (Steel Core)","W",540]
[null,9.5,null,"Guaranteed no-load losses, PNL (only if Amorphous Core is offered)","W",200]
[null,9.6,null,"Guaranteed load losses, PLL","W",4400]
[null,10,"3.2.14","Impedance voltage & X/R ratio"]
[null,10.1,null,"Impedance at principle tapping (specific design impedances to be stated)","%",{"$f":"VLOOKUP($D$7,'Source Data'!$A$2:$EU$28,78,FALSE)","v":"4,0 to 5,0"}]
[null,10.2,null,"X/R ratio",null,{"$f":"VLOOKUP($D$7,'Source Data'!$A$2:$EU$28,79,FALSE)","v":"xxxxxxxxxx"}]
[null,11,null,"Audio-sound level (SANS 780)"]
[null,11.1,null,"Maximum limit of transformer audio-sound level","db(A)",{"$f":"VLOOKUP($D$7,'Source Data'!$A$2:$EU$28,81,FALSE)","v":"≤ 52"}]
[null,12,null,"MV winding wire"]
[null,12.1,null,"Material (e.g. Cu or Al)",null,{"$f":"VLOOKUP($D$7,'Source Data'!$A$2:$EU$28,83,FALSE)","v":"xxxxxxxxxxx"}]
[null,12.2,null,"Type (e.g. Round, Strip or Foil)",null,{"$f":"VLOOKUP($D$7,'Source Data'!$A$2:$EU$28,84,FALSE)","v":"xxxxxxxxxxx"}]
[null,13,null,"Secondary winding wire"]
[null,13.1,null,"Material (e.g. Cu or Al)",null,{"$f":"VLOOKUP($D$7,'Source Data'!$A$2:$EU$28,86,FALSE)","v":"xxxxxxxxxxx"}]
[null,13.2,null,"Type (e.g. Round, Strip or Foil)",null,{"$f":"VLOOKUP($D$7,'Source Data'!$A$2:$EU$28,87,FALSE)","v":"xxxxxxxxxxx"}]
[null,14,null,"Core material"]
[null,14.1,null,"Core material ",null,{"$f":"VLOOKUP($D$7,'Source Data'!$A$2:$EU$28,89,FALSE)","v":"Steel or Amporphous"}]
[null,14.2,null,"Type/code ",null,{"$f":"VLOOKUP($D$7,'Source Data'!$A$2:$EU$28,90,FALSE)","v":"xxxxxxxxxxx"}]
[null,14.3,null,"Maximum Flux Density of Material",null,{"$f":"VLOOKUP($D$7,'Source Data'!$A$2:$EU$28,91,FALSE)","v":"xxxxxxxxxxx"}]
[null,14.4,null,"Supplier",null,{"$f":"VLOOKUP($D$7,'Source Data'!$A$2:$EU$28,92,FALSE)","v":"xxxxxxxxxxx"}]
[null,15,"3.3.2","Tank and tank cover"]
[null,15.1,null,"Tank type: Sealed",null,{"$f":"VLOOKUP($D$7,'Source Data'!$A$2:$EU$28,94,FALSE)","v":"Sealed"}]
[null,15.2,null,"Plain, rigid or corrugated",null,{"$f":"VLOOKUP($D$7,'Source Data'!$A$2:$EU$28,95,FALSE)","v":"xxxxxxxxxx"}]
[null,16,"3.3.3","Transformer dimensions"]
[null,16.1,"Figure 12","Wo (including surge arrester)","mm",{"$f":"VLOOKUP($D$7,'Source Data'!$A$2:$EU$28,97,FALSE)","v":"≤ 1 800"}]
[null,16.2,"Figure 12","Lo","mm",{"$f":"VLOOKUP($D$7,'Source Data'!$A$2:$EU$28,98,FALSE)","v":"≤ 1 500 "}]
[null,16.3,"Figure 12","Ht","mm",{"$f":"VLOOKUP($D$7,'Source Data'!$A$2:$EU$28,99,FALSE)","v":"≤ 2000"}]
[null,16.4,"Figure 12","Mass","kg",{"$f":"VLOOKUP($D$7,'Source Data'!$A$2:$EU$28,100,FALSE)","v":"≤ 3500"}]
[null,16.5,null,"Oil capacity","l",{"$f":"VLOOKUP($D$7,'Source Data'!$A$2:$EU$28,101,FALSE)","v":"xxxxxxxxxxx"}]
[null,16.6,null,"Minimum clearance between live MV terminals and from MV live terminals to any part of the tank greater than twice the BIL ","mm",{"$f":"VLOOKUP($D$7,'Source Data'!$A$2:$EU$28,102,FALSE)","v":190}]
[null,16.7,"3.3.4","Minimum mechanical clearance of 100 mm between the brackets and LV bushings shall be maintained","mm",{"$f":"VLOOKUP($D$7,'Source Data'!$A$2:$EU$28,103,FALSE)","v":100}]
[null,17,"3.3.4","Pole mounting bracket"]
[null,17.1,null,"Single pole mounting bracket required? (Yes or No)",null,{"$f":"VLOOKUP($D$7,'Source Data'!$A$2:$EU$28,105,FALSE)","v":"No"},"xxxxxxxxxxx"]
[null,"17.2.1",null,"Supplied with: - 2 x clamps",null,{"$f":"VLOOKUP($D$7,'Source Data'!$A$2:$EU$28,106,FALSE)","v":"N/A"},"xxxxxxxxxxx"]
[null,"17.2.2",null,"                     - 1 x threaded rod (M20 x 350 mm)",null,{"$f":"VLOOKUP($D$7,'Source Data'!$A$2:$EU$28,107,FALSE)","v":"N/A"},"xxxxxxxxxxx"]
[null,"17.2.3",null,"                     - 4 x threaded rods (M20 x 250 mm)",null,{"$f":"VLOOKUP($D$7,'Source Data'!$A$2:$EU$28,108,FALSE)","v":"N/A"},"xxxxxxxxxxx"]
[null,"17.2.4",null,"                     - 12 x nuts, flat washers & spring washers (M20)",null,{"$f":"VLOOKUP($D$7,'Source Data'!$A$2:$EU$28,109,FALSE)","v":"N/A"}]
[null,17.2,null,"Dimension Mo","mm",{"$f":"VLOOKUP($D$7,'Source Data'!$A$2:$EU$28,110,FALSE)","v":"N/A"},"xxxxxxxxxxx"]
[null,17.3,null,"Dimension h1","mm",{"$f":"VLOOKUP($D$7,'Source Data'!$A$2:$EU$28,111,FALSE)","v":"N/A"},"xxxxxxxxxxx"]
[null,17.4,null,"Dimension W1","mm",{"$f":"VLOOKUP($D$7,'Source Data'!$A$2:$EU$28,112,FALSE)","v":"N/A"},"xxxxxxxxxxx"]
[null,17.5,null,"Mounting hole diameter","mm",{"$f":"VLOOKUP($D$7,'Source Data'!$A$2:$EU$28,113,FALSE)","v":"N/A"},"xxxxxxxxxxx"]
[null,17.6,null,"Mounting hole centres","mm",{"$f":"VLOOKUP($D$7,'Source Data'!$A$2:$EU$28,114,FALSE)","v":"N/A"},"xxxxxxxxxxx"]
[null,18,"3.3.5","Transformer under base"]
[null,18.1,null,"Under base required? (Yes or No)",null,{"$f":"VLOOKUP($D$7,'Source Data'!$A$2:$EU$28,116,FALSE)","v":"Yes"},"xxxxxxxxxxx"]
[null,18.2,"Figure 15","Lml","mm",{"$f":"VLOOKUP($D$7,'Source Data'!$A$2:$EU$28,117,FALSE)","v":400}]
[null,18.3,"Figure 15","Lmw (300, 400 or 450)","mm",{"$f":"VLOOKUP($D$7,'Source Data'!$A$2:$EU$28,118,FALSE)","v":"xxxxxxxxxxx"}]
[null,18.4,"Figure 15","Ls","mm",{"$f":"VLOOKUP($D$7,'Source Data'!$A$2:$EU$28,119,FALSE)","v":"≥ 320"}]
[null,18.5,"Figure 15","Lmh","mm",{"$f":"VLOOKUP($D$7,'Source Data'!$A$2:$EU$28,110,FALSE)","v":"N/A"}]
[null,18.6,"Figure 15","Mounting hole diameter","mm",{"$f":"VLOOKUP($D$7,'Source Data'!$A$2:$EU$28,111,FALSE)","v":"N/A"}]
[null,19,"3.3.6","Lifting lugs"]
[null,19.1,null,"Lifting lugs fitted",null,{"$f":"VLOOKUP($D$7,'Source Data'!$A$2:$EU$28,123,FALSE)","v":"Yes"}]
[null,19.2,null,"Hole diameter","mm",{"$f":"VLOOKUP($D$7,'Source Data'!$A$2:$EU$28,124,FALSE)","v":"≥ 30 "}]
[null,20,"3.3.7","Earthing terminals"]
[null,20.1,null,"Boss material ",null,{"$f":"VLOOKUP($D$7,'Source Data'!$A$2:$EU$28,126,FALSE)","v":"316 Stainless Steel or Mild Steel"}]
[null,20.2,null,"Boss depth","mm",{"$f":"VLOOKUP($D$7,'Source Data'!$A$2:$EU$28,127,FALSE)","v":"≥ 30"}]
[null,20.3,null,"Set screw material",null,{"$f":"VLOOKUP($D$7,'Source Data'!$A$2:$EU$28,128,FALSE)","v":"316 Stainless Steel or Mild Steel"}]
[null,20.4,null,"Set screw dimensions","mm",{"$f":"VLOOKUP($D$7,'Source Data'!$A$2:$EU$28,129,FALSE)","v":"M12 x 25 "}]
[null,20.5,null,"Supplied with washer and spring washer",null,{"$f":"VLOOKUP($D$7,'Source Data'!$A$2:$EU$28,130,FALSE)","v":"Yes"}]
[null,21,"3.3.8","Surge arrester brackets"]
[null,21.1,null,"Surge arrester brackets fitted",null,{"$f":"VLOOKUP($D$7,'Source Data'!$A$2:$EU$28,132,FALSE)","v":"Yes"}]
[null,21.2,"Figure 17","Mounting hole diameter","mm",{"$f":"VLOOKUP($D$7,'Source Data'!$A$2:$EU$28,133,FALSE)","v":14}]
[null,21.3,"Figure 17","Dimension D (worst case)","mm",{"$f":"VLOOKUP($D$7,'Source Data'!$A$2:$EU$28,134,FALSE)","v":"≥ 200"}]
[null,21.4,"Figure 17","Dimension E (worst case)","mm",{"$f":"VLOOKUP($D$7,'Source Data'!$A$2:$EU$28,135,FALSE)","v":"≥ 190"}]
[null,21.5,"Figure 17","Dimension F (worst case)","mm",{"$f":"VLOOKUP($D$7,'Source Data'!$A$2:$EU$28,136,FALSE)","v":"≥ 150"}]
[null,22,3.4,"Corrosion protection for Coastal transformers"]
[null,22.1,null,"Indicate the coating system (i.e. DS numbers according to DSP 240-75655504) that is offered. (e.g. DS-14 + DS-15 for zinc sprayed mild steel with duplex coating)"]
[null,22.2,null,"Tank ",null,{"$f":"VLOOKUP($D$7,'Source Data'!$A$2:$EU$28,145,FALSE)","v":"xxxxxxxxxxx"}]
[null,22.3,null,"Radiators",null,{"$f":"VLOOKUP($D$7,'Source Data'!$A$2:$EU$28,146,FALSE)","v":"xxxxxxxxxxx"}]
[null,22.4,null,"Threaded rods and accessories",null,{"$f":"VLOOKUP($D$7,'Source Data'!$A$2:$EU$28,147,FALSE)","v":"xxxxxxxxxxx"}]
[null,22.5,null,"Colour of final coat",null,{"$f":"VLOOKUP($D$7,'Source Data'!$A$2:$EU$28,148,FALSE)","v":"Azure Blue"}]
[null,23,4.2,"All Type Tests in Accordance with SANS 780:\n\n• Temperature rise test \n• Dielectric type test\n• Tank stiffness test \n• Corrugated tank fatigue test\n• Equivalent disturbing current test (This test is only applicable to SWER transformers)\n• Short Circuit Withstand Test\n• Natural ageing and pollution performance test",null,{"$f":"VLOOKUP($D$7,'Source Data'!$A$2:$EU$28,149,FALSE)","v":"Report Numbers"}]
[null,24,4.3,"All Routine Tests in Accordance with SANS 780:\n\n• Measurement of winding resistance\n• Measurement of voltage ratio and phase displacement\n• Measurement of short-circuit impedance and load loss\n• Measurement of no-load loss and current\n• Separate source voltage test\n• Induced overvoltage test\n• Measurement of paint thickness\n• Test for effectiveness of sealing\n• Measurement of secondary voltage across outer two terminals to be 484 V. (Only applicable to dual-phase transformers.) \n• Measurement of insulation resistance test\n• Reactance (%)\n• Dielectric routine tests\n• Vector group test ",null,{"$f":"VLOOKUP($D$7,'Source Data'!$A$2:$EU$28,150,FALSE)","v":"Report Numbers"}]

{"sheet":"0180288","index":14,"n_rows":143,"n_cols":7,"rows_kept":143,"merged":[[2,5,2,6],[3,5,3,6],[7,5,9,6],[9,1,9,3]]}
[]
[]
[{"$nulls":5},"Specification: DSP 240-45395762 Rev.4"]
[{"$nulls":5},{"$f":"'List of Items & Enquiry number'!B14","v":"Enquiry Number: 123456XYZ"}]
[]
[{"$nulls":3},"TECHNICAL SCHEDULES A & B FOR \nPOLE-MOUNTED  DISTRIBUTION TRANSFORMERS"]
[{"$nulls":3},"SWER Isolation, 400kVA 22kV/ 19kV* (Coastal, Ester Oil Only)"]
[{"$nulls":3},"* rated no-load voltage of the secondary shall be 19 kV (phase to ground)",null,"Deviations from the specific requirements stated in Schedule A must be recorded and explained in the Deviation Schedule"]
[null,"Schedule A:  Purchaser's specific requirements"]
[null,"Schedule B:  Guarantees and technical particulars of equipment offered"]
[null,"Item","Sub-clause of 240- 45395762","Description",null,"Schedule A","Schedule B"]
[null,1,null,"Identification"]
[null,1.1,null,"Name of manufacturer",null,{"$f":"VLOOKUP($D$7,'Source Data'!$A$2:$EU$28,3,FALSE)","v":"xxxxxxxxxxx"}]
[null,1.2000000000000002,null,"Name of supplier",null,{"$f":"VLOOKUP($D$7,'Source Data'!$A$2:$EU$28,4,FALSE)","v":"xxxxxxxxxxx"}]
[null,1.3,null,"Product code for Coastal transformers",null,{"$f":"VLOOKUP($D$7,'Source Data'!$A$2:$EU$28,6,FALSE)","v":"xxxxxxxxxxx"}]
[null,1.4,null,"Are the transformers covered by the SANS 780 certification mark?",null,{"$f":"VLOOKUP($D$7,'Source Data'!$A$2:$EU$28,7,FALSE)","v":"xxxxxxxxxxx"}]
[null,1.5,null,"State SANS 780 permit number",null,{"$f":"VLOOKUP($D$7,'Source Data'!$A$2:$EU$28,8,FALSE)","v":"xxxxxxxxxxx"}]
[null,1.6,null,"Oil Type",null,{"$f":"VLOOKUP($D$7,'Source Data'!$A$2:$EU$28,9,FALSE)","v":"Ester Oil"}]
[null,2,"3.2.2","Ratings"]
[null,2.1,null,"Power rating","kVA",{"$f":"VLOOKUP($D$7,'Source Data'!$A$2:$EU$28,11,FALSE)","v":400}]
[null,2.2,null,"Rated primary voltage","kV",{"$f":"VLOOKUP($D$7,'Source Data'!$A$2:$EU$28,12,FALSE)","v":22}]
[null,2.3000000000000003,null,"Rated no-load secondary voltage (phase to ground)","kV",{"$f":"VLOOKUP($D$7,'Source Data'!$A$2:$EU$28,13,FALSE)","v":19}]
[null,2.4000000000000004,null,"Frequency","Hz",{"$f":"VLOOKUP($D$7,'Source Data'!$A$2:$EU$28,14,FALSE)","v":50}]
[null,2.5,null,"Number of phases",null,{"$f":"VLOOKUP($D$7,'Source Data'!$A$2:$EU$28,15,FALSE)","v":"1ph"}]
[null,2.6,null,"Vector Group",null,{"$f":"VLOOKUP($D$7,'Source Data'!$A$2:$EU$28,16,FALSE)","v":"N/A"},"xxxxxxxxxxx"]
[null,3,"3.2.5","Insulation levels"]
[null,3.1,null,"BIL - Primary","kV",{"$f":"VLOOKUP($D$7,'Source Data'!$A$2:$EU$28,18,FALSE)","v":150}]
[null,3.2,null,"BIL - Secondary Line Terminal","kV",{"$f":"VLOOKUP($D$7,'Source Data'!$A$2:$EU$28,19,FALSE)","v":200}]
[null,3.3,null,"BIL - Secondary Neutral Terminal","kV",{"$f":"VLOOKUP($D$7,'Source Data'!$A$2:$EU$28,20,FALSE)","v":30}]
[null,3.4,null,"Power frequency withstand voltage - Primary","kV",{"$f":"VLOOKUP($D$7,'Source Data'!$A$2:$EU$28,21,FALSE)","v":50}]
[null,3.5,null,"Power frequency withstand voltage – Secondary","kV",{"$f":"VLOOKUP($D$7,'Source Data'!$A$2:$EU$28,22,FALSE)","v":8}]
[null,4,"3.2.8","Inter-turn winding insulation"]
[null,4.1,null,"Type (Enamel or Paper)",null,{"$f":"VLOOKUP($D$7,'Source Data'!$A$2:$EU$28,24,FALSE)","v":"xxxxxxxxxxx"}]
[null,4.199999999999999,null,"Enamel grade (if applicable)",null,{"$f":"VLOOKUP($D$7,'Source Data'!$A$2:$EU$28,25,FALSE)","v":"Grade 3"}]
[null,4.3,null,"Paper thickness (if applicable)","mm",{"$f":"VLOOKUP($D$7,'Source Data'!$A$2:$EU$28,26,FALSE)","v":"> 0.125"}]
[null,4.3999999999999995,null,"Paper type (if applicable)",null,{"$f":"VLOOKUP($D$7,'Source Data'!$A$2:$EU$28,27,FALSE)","v":"xxxxxxxxxxx"}]
[null,4.5,null,"Paper make (if applicable)",null,{"$f":"VLOOKUP($D$7,'Source Data'!$A$2:$EU$28,28,FALSE)","v":"xxxxxxxxxxx"}]
[null,4.6,null,"Paper minimum impulse withstand","kV",{"$f":"VLOOKUP($D$7,'Source Data'!$A$2:$EU$28,29,FALSE)","v":21}]
[null,4.7,null,"Paper minimum power frequency withstand ","kV",{"$f":"VLOOKUP($D$7,'Source Data'!$A$2:$EU$28,30,FALSE)","v":8}]
[null,4.8,null,"Inter-turn winding insulation stress shall not exceed 5 kV/mm","kV/mm",{"$f":"VLOOKUP($D$7,'Source Data'!$A$2:$EU$28,31,FALSE)","v":"<5"}]
[null,5,"3.2.9","Interlayer insulation"]
[null,5.1,null,"Highest interlayer stress in non-tap part of winding (<5kV/mm is not acceptable as the calculated value must be presented)","kV/mm",{"$f":"VLOOKUP($D$7,'Source Data'!$A$2:$EU$28,33,FALSE)","v":"< 5"}]
[null,5.199999999999999,null,"Highest interlayer stress in tap part of winding (<5kV/mm is not acceptable as the calculated value must be presented)","kV/mm",{"$f":"VLOOKUP($D$7,'Source Data'!$A$2:$EU$28,34,FALSE)","v":"< 5 "}]
[null,5.3,null,"Paper type.",null,{"$f":"VLOOKUP($D$7,'Source Data'!$A$2:$EU$28,35,FALSE)","v":"xxxxxxxxxxx"}]
[null,5.3999999999999995,null,"Paper make.",null,{"$f":"VLOOKUP($D$7,'Source Data'!$A$2:$EU$28,36,FALSE)","v":"xxxxxxxxxxx"}]
[null,6,"3.2.10","Tapping connections"]
[null,6.1,null,"No tap connections shall be provided on SWER isolation transformers",null,{"$f":"VLOOKUP($D$7,'Source Data'!$A$2:$EU$28,38,FALSE)","v":"xxxxxxxxxxx"},"xxxxxxxxxxx"]
[null,7,"3.2.11","Primary MV Bushings for Coastal Transformers"]
[null,7.1,null,"Make ",null,{"$f":"VLOOKUP($D$7,'Source Data'!$A$2:$EU$28,49,FALSE)","v":"xxxxxxxxxxx"}]
[null,7.2,null,"Product code",null,{"$f":"VLOOKUP($D$7,'Source Data'!$A$2:$EU$28,50,FALSE)","v":"xxxxxxxxxxx"}]
[null,7.3,null,"Material (e.g. Porcelain)",null,{"$f":"VLOOKUP($D$7,'Source Data'!$A$2:$EU$28,51,FALSE)","v":"xxxxxxxxxxx"}]
[null,7.4,null,"Specific creepage distance","mm/kV",{"$f":"VLOOKUP($D$7,'Source Data'!$A$2:$EU$28,52,FALSE)","v":"≥ 31"}]
[null,7.5,null,"Clamping",null,{"$f":"VLOOKUP($D$7,'Source Data'!$A$2:$EU$28,53,FALSE)","v":"Base"}]
[null,7.6,null,"Type",null,{"$f":"VLOOKUP($D$7,'Source Data'!$A$2:$EU$28,54,FALSE)","v":"Draw lead"}]
[null,7.7,null,"Stem diameter",null,{"$f":"VLOOKUP($D$7,'Source Data'!$A$2:$EU$28,55,FALSE)","v":"M12"}]
[null,7.8,"3.2.11","Secondary MV Bushings for Coastal Transformers"]
[null,7.9,null,"Make ",null,{"$f":"VLOOKUP($D$7,'Source Data'!$A$2:$EU$28,57,FALSE)","v":"xxxxxxxxxxx"}]
[null,"7.10",null,"Product code",null,{"$f":"VLOOKUP($D$7,'Source Data'!$A$2:$EU$28,58,FALSE)","v":"xxxxxxxxxxx"}]
[null,"7.11",null,"Material (e.g. Porcelain)",null,{"$f":"VLOOKUP($D$7,'Source Data'!$A$2:$EU$28,59,FALSE)","v":"xxxxxxxxxxx"}]
[null,"7.12",null,"Specific creepage distance",null,{"$f":"VLOOKUP($D$7,'Source Data'!$A$2:$EU$28,60,FALSE)","v":"≥ 31"}]
[null,"7.13",null,"Clamping",null,{"$f":"VLOOKUP($D$7,'Source Data'!$A$2:$EU$28,61,FALSE)","v":"Base"}]
[null,"7.14",null,"Type",null,{"$f":"VLOOKUP($D$7,'Source Data'!$A$2:$EU$28,62,FALSE)","v":"Draw lead"}]
[null,"7.15",null,"Stem diameter",null,{"$f":"VLOOKUP($D$7,'Source Data'!$A$2:$EU$28,63,FALSE)","v":"M12"}]
[null,8,"3.2.11","Secondary LV Bushings for Coastal Transformers"]
[null,8.1,null,"Make ",null,{"$f":"VLOOKUP($D$7,'Source Data'!$A$2:$EU$28,65,FALSE)","v":"xxxxxxxxxxx"}]
[null,8.2,null,"Product code",null,{"$f":"VLOOKUP($D$7,'Source Data'!$A$2:$EU$28,66,FALSE)","v":"xxxxxxxxxxx"}]
[null,8.3,null,"Material (e.g. Porcelain)",null,{"$f":"VLOOKUP($D$7,'Source Data'!$A$2:$EU$28,67,FALSE)","v":"xxxxxxxxxxx"}]
[null,8.4,null,"Stem diameter",null,{"$f":"VLOOKUP($D$7,'Source Data'!$A$2:$EU$28,68,FALSE)","v":"M12"}]
[null,9,"3.2.14","Losses"]
[null,9.1,null,"Loss factor base (Cost of Dx or Gx) ",null,{"$f":"VLOOKUP($D$7,'Source Data'!$A$2:$EU$28,72,FALSE)","v":"Distribution"},"xxxxxxxxxxx"]
[null,9.2,null,"No-load Loss Factor, NLLF ","R/kW",{"$f":"VLOOKUP($D$7,'Source Data'!$A$2:$EU$28,73,FALSE)","v":80500},"xxxxxxxxxxx"]
[null,9.3,null,"Load Loss Factor, LLF","R/kW",{"$f":"VLOOKUP($D$7,'Source Data'!$A$2:$EU$28,74,FALSE)","v":17500},"xxxxxxxxxxx"]
[null,9.4,null,"Guaranteed no-load losses, PNL (Steel Core)","W",540]
[null,9.5,null,"Guaranteed no-load losses, PNL (only if Amorphous Core is offered)","W",200]
[null,9.6,null,"Guaranteed load losses, PLL","W",4400]
[null,10,"3.2.14","Impedance voltage & X/R ratio"]
[null,10.1,null,"Impedance at principle tapping (specific design impedances to be stated)","%",{"$f":"VLOOKUP($D$7,'Source Data'!$A$2:$EU$28,78,FALSE)","v":"4,0 to 5,0"}]
[null,10.2,null,"X/R ratio",null,{"$f":"VLOOKUP($D$7,'Source Data'!$A$2:$EU$28,79,FALSE)","v":"xxxxxxxxxx"}]
[null,11,null,"Audio-sound level (SANS 780)"]
[null,11.1,null,"Maximum limit of transformer audio-sound level","db(A)",{"$f":"VLOOKUP($D$7,'Source Data'!$A$2:$EU$28,81,FALSE)","v":"≤ 52"}]
[null,12,null,"MV winding wire"]
[null,12.1,null,"Material (e.g. Cu or Al)",null,{"$f":"VLOOKUP($D$7,'Source Data'!$A$2:$EU$28,83,FALSE)","v":"xxxxxxxxxxx"}]
[null,12.2,null,"Type (e.g. Round, Strip or Foil)",null,{"$f":"VLOOKUP($D$7,'Source Data'!$A$2:$EU$28,84,FALSE)","v":"xxxxxxxxxxx"}]
[null,13,null,"Secondary winding wire"]
[null,13.1,null,"Material (e.g. Cu or Al)",null,{"$f":"VLOOKUP($D$7,'Source Data'!$A$2:$EU$28,86,FALSE)","v":"xxxxxxxxxxx"}]
[null,13.2,null,"Type (e.g. Round, Strip or Foil)",null,{"$f":"VLOOKUP($D$7,'Source Data'!$A$2:$EU$28,87,FALSE)","v":"xxxxxxxxxxx"}]
[null,14,null,"Core material"]
[null,14.1,null,"Core material ",null,{"$f":"VLOOKUP($D$7,'Source Data'!$A$2:$EU$28,89,FALSE)","v":"Steel or Amporphous"}]
[null,14.2,null,"Type/code ",null,{"$f":"VLOOKUP($D$7,'Source Data'!$A$2:$EU$28,90,FALSE)","v":"xxxxxxxxxxx"}]
[null,14.3,null,"Maximum Flux Density of Material",null,{"$f":"VLOOKUP($D$7,'Source Data'!$A$2:$EU$28,91,FALSE)","v":"xxxxxxxxxxx"}]
[null,14.4,null,"Supplier",null,{"$f":"VLOOKUP($D$7,'Source Data'!$A$2:$EU$28,92,FALSE)","v":"xxxxxxxxxxx"}]
[null,15,"3.3.2","Tank and tank cover"]
[null,15.1,null,"Tank type: Sealed",null,{"$f":"VLOOKUP($D$7,'Source Data'!$A$2:$EU$28,94,FALSE)","v":"Sealed"}]
[null,15.2,null,"Plain, rigid or corrugated",null,{"$f":"VLOOKUP($D$7,'Source Data'!$A$2:$EU$28,95,FALSE)","v":"xxxxxxxxxx"}]
[null,16,"3.3.3","Transformer dimensions"]
[null,16.1,"Figure 12","Wo (including surge arrester)","mm",{"$f":"VLOOKUP($D$7,'Source Data'!$A$2:$EU$28,97,FALSE)","v":"≤ 1 800"}]
[null,16.2,"Figure 12","Lo","mm",{"$f":"VLOOKUP($D$7,'Source Data'!$A$2:$EU$28,98,FALSE)","v":"≤ 1 500 "}]
[null,16.3,"Figure 12","Ht","mm",{"$f":"VLOOKUP($D$7,'Source Data'!$A$2:$EU$28,99,FALSE)","v":"≤ 2000"}]
[null,16.4,"Figure 12","Mass","kg",{"$f":"VLOOKUP($D$7,'Source Data'!$A$2:$EU$28,100,FALSE)","v":"≤ 3500"}]
[null,16.5,null,"Oil capacity","l",{"$f":"VLOOKUP($D$7,'Source Data'!$A$2:$EU$28,101,FALSE)","v":"xxxxxxxxxxx"}]
[null,16.6,null,"Minimum clearance between live MV terminals and from MV live terminals to any part of the tank greater than twice the BIL ","mm",{"$f":"VLOOKUP($D$7,'Source Data'!$A$2:$EU$28,102,FALSE)","v":300}]
[null,16.7,"3.3.4","Minimum mechanical clearance of 100 mm between the brackets and LV bushings shall be maintained","mm",{"$f":"VLOOKUP($D$7,'Source Data'!$A$2:$EU$28,103,FALSE)","v":100}]
[null,17,"3.3.4","Pole mounting bracket"]
[null,17.1,null,"Single pole mounting bracket required? (Yes or No)",null,{"$f":"VLOOKUP($D$7,'Source Data'!$A$2:$EU$28,105,FALSE)","v":"No"},"xxxxxxxxxxx"]
[null,"17.2.1",null,"Supplied with: - 2 x clamps",null,{"$f":"VLOOKUP($D$7,'Source Data'!$A$2:$EU$28,106,FALSE)","v":"N/A"},"xxxxxxxxxxx"]
[null,"17.2.2",null,"                     - 1 x threaded rod (M20 x 350 mm)",null,{"$f":"VLOOKUP($D$7,'Source Data'!$A$2:$EU$28,107,FALSE)","v":"N/A"},"xxxxxxxxxxx"]
[null,"17.2.3",null,"                     - 4 x threaded rods (M20 x 250 mm)",null,{"$f":"VLOOKUP($D$7,'Source Data'!$A$2:$EU$28,108,FALSE)","v":"N/A"},"xxxxxxxxxxx"]
[null,"17.2.4",null,"                     - 12 x nuts, flat washers & spring washers (M20)",null,{"$f":"VLOOKUP($D$7,'Source Data'!$A$2:$EU$28,109,FALSE)","v":"N/A"}]
[null,17.2,null,"Dimension Mo","mm",{"$f":"VLOOKUP($D$7,'Source Data'!$A$2:$EU$28,110,FALSE)","v":"N/A"},"xxxxxxxxxxx"]
[null,17.3,null,"Dimension h1","mm",{"$f":"VLOOKUP($D$7,'Source Data'!$A$2:$EU$28,111,FALSE)","v":"N/A"},"xxxxxxxxxxx"]
[null,17.4,null,"Dimension W1","mm",{"$f":"VLOOKUP($D$7,'Source Data'!$A$2:$EU$28,112,FALSE)","v":"N/A"},"xxxxxxxxxxx"]
[null,17.5,null,"Mounting hole diameter","mm",{"$f":"VLOOKUP($D$7,'Source Data'!$A$2:$EU$28,113,FALSE)","v":"N/A"},"xxxxxxxxxxx"]
[null,17.6,null,"Mounting hole centres","mm",{"$f":"VLOOKUP($D$7,'Source Data'!$A$2:$EU$28,114,FALSE)","v":"N/A"},"xxxxxxxxxxx"]
[null,18,"3.3.5","Transformer under base"]
[null,18.1,null,"Under base required? (Yes or No)",null,{"$f":"VLOOKUP($D$7,'Source Data'!$A$2:$EU$28,116,FALSE)","v":"Yes"},"xxxxxxxxxxx"]
[null,18.2,"Figure 15","Lml","mm",{"$f":"VLOOKUP($D$7,'Source Data'!$A$2:$EU$28,117,FALSE)","v":400}]
[null,18.3,"Figure 15","Lmw (300, 400 or 450)","mm",{"$f":"VLOOKUP($D$7,'Source Data'!$A$2:$EU$28,118,FALSE)","v":"xxxxxxxxxxx"}]
[null,18.4,"Figure 15","Ls","mm",{"$f":"VLOOKUP($D$7,'Source Data'!$A$2:$EU$28,119,FALSE)","v":"≥ 320"}]
[null,18.5,"Figure 15","Lmh","mm",{"$f":"VLOOKUP($D$7,'Source Data'!$A$2:$EU$28,110,FALSE)","v":"N/A"}]
[null,18.6,"Figure 15","Mounting hole diameter","mm",{"$f":"VLOOKUP($D$7,'Source Data'!$A$2:$EU$28,111,FALSE)","v":"N/A"}]
[null,19,"3.3.6","Lifting lugs"]
[null,19.1,null,"Lifting lugs fitted",null,{"$f":"VLOOKUP($D$7,'Source Data'!$A$2:$EU$28,123,FALSE)","v":"Yes"}]
[null,19.2,null,"Hole diameter","mm",{"$f":"VLOOKUP($D$7,'Source Data'!$A$2:$EU$28,124,FALSE)","v":"≥ 30 "}]
[null,20,"3.3.7","Earthing terminals"]
[null,20.1,null,"Boss material ",null,{"$f":"VLOOKUP($D$7,'Source Data'!$A$2:$EU$28,126,FALSE)","v":"316 Stainless Steel or Mild Steel"}]
[null,20.2,null,"Boss depth","mm",{"$f":"VLOOKUP($D$7,'Source Data'!$A$2:$EU$28,127,FALSE)","v":"≥ 30"}]
[null,20.3,null,"Set screw material",null,{"$f":"VLOOKUP($D$7,'Source Data'!$A$2:$EU$28,128,FALSE)","v":"316 Stainless Steel or Mild Steel"}]
[null,20.4,null,"Set screw dimensions","mm",{"$f":"VLOOKUP($D$7,'Source Data'!$A$2:$EU$28,129,FALSE)","v":"M12 x 25 "}]
[null,20.5,null,"Supplied with washer and spring washer",null,{"$f":"VLOOKUP($D$7,'Source Data'!$A$2:$EU$28,130,FALSE)","v":"Yes"}]
[null,21,"3.3.8","Surge arrester brackets"]
[null,21.1,null,"Surge arrester brackets fitted",null,{"$f":"VLOOKUP($D$7,'Source Data'!$A$2:$EU$28,132,FALSE)","v":"Yes"}]
[null,21.2,"Figure 17","Mounting hole diameter","mm",{"$f":"VLOOKUP($D$7,'Source Data'!$A$2:$EU$28,133,FALSE)","v":14}]
[null,21.3,"Figure 17","Dimension D (worst case)","mm",{"$f":"VLOOKUP($D$7,'Source Data'!$A$2:$EU$28,134,FALSE)","v":"≥ 200"}]
[null,21.4,"Figure 17","Dimension E (worst case)","mm",{"$f":"VLOOKUP($D$7,'Source Data'!$A$2:$EU$28,135,FALSE)","v":"≥ 300"}]
[null,21.5,"Figure 17","Dimension F (worst case)","mm",{"$f":"VLOOKUP($D$7,'Source Data'!$A$2:$EU$28,136,FALSE)","v":"≥ 150"}]
[null,22,3.4,"Corrosion protection for Coastal transformers"]
[null,22.1,null,"Indicate the coating system (i.e. DS numbers according to DSP 240-75655504) that is offered. (e.g. DS-14 + DS-15 for zinc sprayed mild steel with duplex coating)"]
[null,22.2,null,"Tank ",null,{"$f":"VLOOKUP($D$7,'Source Data'!$A$2:$EU$28,145,FALSE)","v":"xxxxxxxxxxx"}]
[null,22.3,null,"Radiators",null,{"$f":"VLOOKUP($D$7,'Source Data'!$A$2:$EU$28,146,FALSE)","v":"xxxxxxxxxxx"}]
[null,22.4,null,"Threaded rods and accessories",null,{"$f":"VLOOKUP($D$7,'Source Data'!$A$2:$EU$28,147,FALSE)","v":"xxxxxxxxxxx"}]
[null,22.5,null,"Colour of final coat",null,{"$f":"VLOOKUP($D$7,'Source Data'!$A$2:$EU$28,148,FALSE)","v":"Azure Blue"}]
[null,23,4.2,"All Type Tests in Accordance with SANS 780:\n\n• Temperature rise test \n• Dielectric type test\n• Tank stiffness test \n• Corrugated tank fatigue test\n• Equivalent disturbing current test (This test is only applicable to SWER transformers)\n• Short Circuit Withstand Test\n• Natural ageing and pollution performance test",null,{"$f":"VLOOKUP($D$7,'Source Data'!$A$2:$EU$28,149,FALSE)","v":"Report Numbers"}]
[null,24,4.3,"All Routine Tests in Accordance with SANS 780:\n\n• Measurement of winding resistance\n• Measurement of voltage ratio and phase displacement\n• Measurement of short-circuit impedance and load loss\n• Measurement of no-load loss and current\n• Separate source voltage test\n• Induced overvoltage test\n• Measurement of paint thickness\n• Test for effectiveness of sealing\n• Measurement of secondary voltage across outer two terminals to be 484 V. (Only applicable to dual-phase transformers.) \n• Measurement of insulation resistance test\n• Reactance (%)\n• Dielectric routine tests\n• Vector group test ",null,{"$f":"VLOOKUP($D$7,'Source Data'!$A$2:$EU$28,150,FALSE)","v":"Report Numbers"}]

{"sheet":"0205445","index":15,"n_rows":143,"n_cols":7,"rows_kept":143,"merged":[[2,5,2,6],[3,5,3,6],[7,5,9,6],[9,1,9,3]]}
[]
[]
[{"$nulls":5},"Specification: DSP 240-45395762 Rev.4"]
[{"$nulls":5},{"$f":"'List of Items & Enquiry number'!B14","v":"Enquiry Number: 123456XYZ"}]
[]
[{"$nulls":3},"TECHNICAL SCHEDULES A & B FOR \nPOLE-MOUNTED  DISTRIBUTION TRANSFORMERS"]
[{"$nulls":3},"SWER Isolation, 400kVA 33kV/ 19kV* (Coastal, Ester Oil Only)"]
[{"$nulls":3},"* rated no-load voltage of the secondary shall be 19 kV (phase to ground)",null,"Deviations from the specific requirements stated in Schedule A must be recorded and explained in the Deviation Schedule"]
[null,"Schedule A:  Purchaser's specific requirements"]
[null,"Schedule B:  Guarantees and technical particulars of equipment offered"]
[null,"Item","Sub-clause of 240- 45395762","Description",null,"Schedule A","Schedule B"]
[null,1,null,"Identification"]
[null,1.1,null,"Name of manufacturer",null,{"$f":"VLOOKUP($D$7,'Source Data'!$A$2:$EU$28,3,FALSE)","v":"xxxxxxxxxxx"}]
[null,1.2000000000000002,null,"Name of supplier",null,{"$f":"VLOOKUP($D$7,'Source Data'!$A$2:$EU$28,4,FALSE)","v":"xxxxxxxxxxx"}]
[null,1.3,null,"Product code for Coastal transformers",null,{"$f":"VLOOKUP($D$7,'Source Data'!$A$2:$EU$28,6,FALSE)","v":"xxxxxxxxxxx"}]
[null,1.4,null,"Are the transformers covered by the SANS 780 certification mark?",null,{"$f":"VLOOKUP($D$7,'Source Data'!$A$2:$EU$28,7,FALSE)","v":"xxxxxxxxxxx"}]
[null,1.5,null,"State SANS 780 permit number",null,{"$f":"VLOOKUP($D$7,'Source Data'!$A$2:$EU$28,8,FALSE)","v":"xxxxxxxxxxx"}]
[null,1.6,null,"Oil Type",null,{"$f":"VLOOKUP($D$7,'Source Data'!$A$2:$EU$28,9,FALSE)","v":"Ester Oil"}]
[null,2,"3.2.2","Ratings"]
[null,2.1,null,"Power rating","kVA",{"$f":"VLOOKUP($D$7,'Source Data'!$A$2:$EU$28,11,FALSE)","v":400}]
[null,2.2,null,"Rated primary voltage","kV",{"$f":"VLOOKUP($D$7,'Source Data'!$A$2:$EU$28,12,FALSE)","v":33}]
[null,2.3000000000000003,null,"Rated no-load secondary voltage (phase to ground)","kV",{"$f":"VLOOKUP($D$7,'Source Data'!$A$2:$EU$28,13,FALSE)","v":19}]
[null,2.4000000000000004,null,"Frequency","Hz",{"$f":"VLOOKUP($D$7,'Source Data'!$A$2:$EU$28,14,FALSE)","v":50}]
[null,2.5,null,"Number of phases",null,{"$f":"VLOOKUP($D$7,'Source Data'!$A$2:$EU$28,15,FALSE)","v":"1ph"}]
[null,2.6,null,"Vector Group",null,{"$f":"VLOOKUP($D$7,'Source Data'!$A$2:$EU$28,16,FALSE)","v":"N/A"},"xxxxxxxxxxx"]
[null,3,"3.2.5","Insulation levels"]
[null,3.1,null,"BIL - Primary","kV",{"$f":"VLOOKUP($D$7,'Source Data'!$A$2:$EU$28,18,FALSE)","v":200}]
[null,3.2,null,"BIL - Secondary Line Terminal","kV",{"$f":"VLOOKUP($D$7,'Source Data'!$A$2:$EU$28,19,FALSE)","v":200}]
[null,3.3,null,"BIL - Secondary Neutral Terminal","kV",{"$f":"VLOOKUP($D$7,'Source Data'!$A$2:$EU$28,20,FALSE)","v":30}]
[null,3.4,null,"Power frequency withstand voltage - Primary","kV",{"$f":"VLOOKUP($D$7,'Source Data'!$A$2:$EU$28,21,FALSE)","v":70}]
[null,3.5,null,"Power frequency withstand voltage – Secondary","kV",{"$f":"VLOOKUP($D$7,'Source Data'!$A$2:$EU$28,22,FALSE)","v":8}]
[null,4,"3.2.8","Inter-turn winding insulation"]
[null,4.1,null,"Type (Enamel or Paper)",null,{"$f":"VLOOKUP($D$7,'Source Data'!$A$2:$EU$28,24,FALSE)","v":"xxxxxxxxxxx"}]
[null,4.199999999999999,null,"Enamel grade (if applicable)",null,{"$f":"VLOOKUP($D$7,'Source Data'!$A$2:$EU$28,25,FALSE)","v":"Grade 3"}]
[null,4.3,null,"Paper thickness (if applicable)","mm",{"$f":"VLOOKUP($D$7,'Source Data'!$A$2:$EU$28,26,FALSE)","v":"> 0.125"}]
[null,4.3999999999999995,null,"Paper type (if applicable)",null,{"$f":"VLOOKUP($D$7,'Source Data'!$A$2:$EU$28,27,FALSE)","v":"xxxxxxxxxxx"}]
[null,4.5,null,"Paper make (if applicable)",null,{"$f":"VLOOKUP($D$7,'Source Data'!$A$2:$EU$28,28,FALSE)","v":"xxxxxxxxxxx"}]
[null,4.6,null,"Paper minimum impulse withstand","kV",{"$f":"VLOOKUP($D$7,'Source Data'!$A$2:$EU$28,29,FALSE)","v":21}]
[null,4.7,null,"Paper minimum power frequency withstand ","kV",{"$f":"VLOOKUP($D$7,'Source Data'!$A$2:$EU$28,30,FALSE)","v":8}]
[null,4.8,null,"Inter-turn winding insulation stress shall not exceed 5 kV/mm","kV/mm",{"$f":"VLOOKUP($D$7,'Source Data'!$A$2:$EU$28,31,FALSE)","v":"<5"}]
[null,5,"3.2.9","Interlayer insulation"]
[null,5.1,null,"Highest interlayer stress in non-tap part of winding (<5kV/mm is not acceptable as the calculated value must be presented)","kV/mm",{"$f":"VLOOKUP($D$7,'Source Data'!$A$2:$EU$28,33,FALSE)","v":"< 5"}]
[null,5.199999999999999,null,"Highest interlayer stress in tap part of winding (<5kV/mm is not acceptable as the calculated value must be presented)","kV/mm",{"$f":"VLOOKUP($D$7,'Source Data'!$A$2:$EU$28,34,FALSE)","v":"< 5 "}]
[null,5.3,null,"Paper type.",null,{"$f":"VLOOKUP($D$7,'Source Data'!$A$2:$EU$28,35,FALSE)","v":"xxxxxxxxxxx"}]
[null,5.3999999999999995,null,"Paper make.",null,{"$f":"VLOOKUP($D$7,'Source Data'!$A$2:$EU$28,36,FALSE)","v":"xxxxxxxxxxx"}]
[null,6,"3.2.10","Tapping connections"]
[null,6.1,null,"No tap connections shall be provided on SWER isolation transformers",null,{"$f":"VLOOKUP($D$7,'Source Data'!$A$2:$EU$28,38,FALSE)","v":"xxxxxxxxxxx"},"xxxxxxxxxxx"]
[null,7,"3.2.11","Primary MV Bushings for Coastal Transformers"]
[null,7.1,null,"Make ",null,{"$f":"VLOOKUP($D$7,'Source Data'!$A$2:$EU$28,49,FALSE)","v":"xxxxxxxxxxx"}]
[null,7.2,null,"Product code",null,{"$f":"VLOOKUP($D$7,'Source Data'!$A$2:$EU$28,50,FALSE)","v":"xxxxxxxxxxx"}]
[null,7.3,null,"Material (e.g. Porcelain)",null,{"$f":"VLOOKUP($D$7,'Source Data'!$A$2:$EU$28,51,FALSE)","v":"xxxxxxxxxxx"}]
[null,7.4,null,"Specific creepage distance","mm/kV",{"$f":"VLOOKUP($D$7,'Source Data'!$A$2:$EU$28,52,FALSE)","v":"≥ 31"}]
[null,7.5,null,"Clamping",null,{"$f":"VLOOKUP($D$7,'Source Data'!$A$2:$EU$28,53,FALSE)","v":"Base"}]
[null,7.6,null,"Type",null,{"$f":"VLOOKUP($D$7,'Source Data'!$A$2:$EU$28,54,FALSE)","v":"Draw lead"}]
[null,7.7,null,"Stem diameter",null,{"$f":"VLOOKUP($D$7,'Source Data'!$A$2:$EU$28,55,FALSE)","v":"M12"}]
[null,7.8,"3.2.11","Secondary MV Bushings for Coastal Transformers"]
[null,7.9,null,"Make ",null,{"$f":"VLOOKUP($D$7,'Source Data'!$A$2:$EU$28,57,FALSE)","v":"xxxxxxxxxxx"}]
[null,"7.10",null,"Product code",null,{"$f":"VLOOKUP($D$7,'Source Data'!$A$2:$EU$28,58,FALSE)","v":"xxxxxxxxxxx"}]
[null,"7.11",null,"Material (e.g. Porcelain)",null,{"$f":"VLOOKUP($D$7,'Source Data'!$A$2:$EU$28,59,FALSE)","v":"xxxxxxxxxxx"}]
[null,"7.12",null,"Specific creepage distance",null,{"$f":"VLOOKUP($D$7,'Source Data'!$A$2:$EU$28,60,FALSE)","v":"≥ 31"}]
[null,"7.13",null,"Clamping",null,{"$f":"VLOOKUP($D$7,'Source Data'!$A$2:$EU$28,61,FALSE)","v":"Base"}]
[null,"7.14",null,"Type",null,{"$f":"VLOOKUP($D$7,'Source Data'!$A$2:$EU$28,62,FALSE)","v":"Draw lead"}]
[null,"7.15",null,"Stem diameter",null,{"$f":"VLOOKUP($D$7,'Source Data'!$A$2:$EU$28,63,FALSE)","v":"M12"}]
[null,8,"3.2.11","Secondary LV Bushings for Coastal Transformers"]
[null,8.1,null,"Make ",null,{"$f":"VLOOKUP($D$7,'Source Data'!$A$2:$EU$28,65,FALSE)","v":"xxxxxxxxxxx"}]
[null,8.2,null,"Product code",null,{"$f":"VLOOKUP($D$7,'Source Data'!$A$2:$EU$28,66,FALSE)","v":"xxxxxxxxxxx"}]
[null,8.3,null,"Material (e.g. Porcelain)",null,{"$f":"VLOOKUP($D$7,'Source Data'!$A$2:$EU$28,67,FALSE)","v":"xxxxxxxxxxx"}]
[null,8.4,null,"Stem diameter",null,{"$f":"VLOOKUP($D$7,'Source Data'!$A$2:$EU$28,68,FALSE)","v":"M12"}]
[null,9,"3.2.14","Losses"]
[null,9.1,null,"Loss factor base (Cost of Dx or Gx) ",null,{"$f":"VLOOKUP($D$7,'Source Data'!$A$2:$EU$28,72,FALSE)","v":"Distribution"},"xxxxxxxxxxx"]
[null,9.2,null,"No-load Loss Factor, NLLF ","R/kW",{"$f":"VLOOKUP($D$7,'Source Data'!$A$2:$EU$28,73,FALSE)","v":80500},"xxxxxxxxxxx"]
[null,9.3,null,"Load Loss Factor, LLF","R/kW",{"$f":"VLOOKUP($D$7,'Source Data'!$A$2:$EU$28,74,FALSE)","v":17500},"xxxxxxxxxxx"]
[null,9.4,null,"Guaranteed no-load losses, PNL (Steel Core)","W",540]
[null,9.5,null,"Guaranteed no-load losses, PNL (only if Amorphous Core is offered)","W",200]
[null,9.6,null,"Guaranteed load losses, PLL","W",4400]
[null,10,"3.2.14","Impedance voltage & X/R ratio"]
[null,10.1,null,"Impedance at principle tapping (specific design impedances to be stated)","%",{"$f":"VLOOKUP($D$7,'Source Data'!$A$2:$EU$28,78,FALSE)","v":"4,0 to 5,0"}]
[null,10.2,null,"X/R ratio",null,{"$f":"VLOOKUP($D$7,'Source Data'!$A$2:$EU$28,79,FALSE)","v":"xxxxxxxxxx"}]
[null,11,null,"Audio-sound level (SANS 780)"]
[null,11.1,null,"Maximum limit of transformer audio-sound level","db(A)",{"$f":"VLOOKUP($D$7,'Source Data'!$A$2:$EU$28,81,FALSE)","v":"≤ 52"}]
[null,12,null,"MV winding wire"]
[null,12.1,null,"Material (e.g. Cu or Al)",null,{"$f":"VLOOKUP($D$7,'Source Data'!$A$2:$EU$28,83,FALSE)","v":"xxxxxxxxxxx"}]
[null,12.2,null,"Type (e.g. Round, Strip or Foil)",null,{"$f":"VLOOKUP($D$7,'Source Data'!$A$2:$EU$28,84,FALSE)","v":"xxxxxxxxxxx"}]
[null,13,null,"Secondary winding wire"]
[null,13.1,null,"Material (e.g. Cu or Al)",null,{"$f":"VLOOKUP($D$7,'Source Data'!$A$2:$EU$28,86,FALSE)","v":"xxxxxxxxxxx"}]
[null,13.2,null,"Type (e.g. Round, Strip or Foil)",null,{"$f":"VLOOKUP($D$7,'Source Data'!$A$2:$EU$28,87,FALSE)","v":"xxxxxxxxxxx"}]
[null,14,null,"Core material"]
[null,14.1,null,"Core material ",null,{"$f":"VLOOKUP($D$7,'Source Data'!$A$2:$EU$28,89,FALSE)","v":"Steel or Amporphous"}]
[null,14.2,null,"Type/code ",null,{"$f":"VLOOKUP($D$7,'Source Data'!$A$2:$EU$28,90,FALSE)","v":"xxxxxxxxxxx"}]
[null,14.3,null,"Maximum Flux Density of Material",null,{"$f":"VLOOKUP($D$7,'Source Data'!$A$2:$EU$28,91,FALSE)","v":"xxxxxxxxxxx"}]
[null,14.4,null,"Supplier",null,{"$f":"VLOOKUP($D$7,'Source Data'!$A$2:$EU$28,92,FALSE)","v":"xxxxxxxxxxx"}]
[null,15,"3.3.2","Tank and tank cover"]
[null,15.1,null,"Tank type: Sealed",null,{"$f":"VLOOKUP($D$7,'Source Data'!$A$2:$EU$28,94,FALSE)","v":"Sealed"}]
[null,15.2,null,"Plain, rigid or corrugated",null,{"$f":"VLOOKUP($D$7,'Source Data'!$A$2:$EU$28,95,FALSE)","v":"xxxxxxxxxx"}]
[null,16,"3.3.3","Transformer dimensions"]
[null,16.1,"Figure 12","Wo (including surge arrester)","mm",{"$f":"VLOOKUP($D$7,'Source Data'!$A$2:$EU$28,97,FALSE)","v":"≤ 1 800"}]
[null,16.2,"Figure 12","Lo","mm",{"$f":"VLOOKUP($D$7,'Source Data'!$A$2:$EU$28,98,FALSE)","v":"≤ 1 500 "}]
[null,16.3,"Figure 12","Ht","mm",{"$f":"VLOOKUP($D$7,'Source Data'!$A$2:$EU$28,99,FALSE)","v":"≤ 2000"}]
[null,16.4,"Figure 12","Mass","kg",{"$f":"VLOOKUP($D$7,'Source Data'!$A$2:$EU$28,100,FALSE)","v":"≤ 3500"}]
[null,16.5,null,"Oil capacity","l",{"$f":"VLOOKUP($D$7,'Source Data'!$A$2:$EU$28,101,FALSE)","v":"xxxxxxxxxxx"}]
[null,16.6,null,"Minimum clearance between live MV terminals and from MV live terminals to any part of the tank greater than twice the BIL ","mm",{"$f":"VLOOKUP($D$7,'Source Data'!$A$2:$EU$28,102,FALSE)","v":400}]
[null,16.7,"3.3.4","Minimum mechanical clearance of 100 mm between the brackets and LV bushings shall be maintained","mm",{"$f":"VLOOKUP($D$7,'Source Data'!$A$2:$EU$28,103,FALSE)","v":100}]
[null,17,"3.3.4","Pole mounting bracket"]
[null,17.1,null,"Single pole mounting bracket required? (Yes or No)",null,{"$f":"VLOOKUP($D$7,'Source Data'!$A$2:$EU$28,105,FALSE)","v":"No"},"xxxxxxxxxxx"]
[null,"17.2.1",null,"Supplied with: - 2 x clamps",null,{"$f":"VLOOKUP($D$7,'Source Data'!$A$2:$EU$28,106,FALSE)","v":"N/A"},"xxxxxxxxxxx"]
[null,"17.2.2",null,"                     - 1 x threaded rod (M20 x 350 mm)",null,{"$f":"VLOOKUP($D$7,'Source Data'!$A$2:$EU$28,107,FALSE)","v":"N/A"},"xxxxxxxxxxx"]
[null,"17.2.3",null,"                     - 4 x threaded rods (M20 x 250 mm)",null,{"$f":"VLOOKUP($D$7,'Source Data'!$A$2:$EU$28,108,FALSE)","v":"N/A"},"xxxxxxxxxxx"]
[null,"17.2.4",null,"                     - 12 x nuts, flat washers & spring washers (M20)",null,{"$f":"VLOOKUP($D$7,'Source Data'!$A$2:$EU$28,109,FALSE)","v":"N/A"}]
[null,17.2,null,"Dimension Mo","mm",{"$f":"VLOOKUP($D$7,'Source Data'!$A$2:$EU$28,110,FALSE)","v":"N/A"},"xxxxxxxxxxx"]
[null,17.3,null,"Dimension h1","mm",{"$f":"VLOOKUP($D$7,'Source Data'!$A$2:$EU$28,111,FALSE)","v":"N/A"},"xxxxxxxxxxx"]
[null,17.4,null,"Dimension W1","mm",{"$f":"VLOOKUP($D$7,'Source Data'!$A$2:$EU$28,112,FALSE)","v":"N/A"},"xxxxxxxxxxx"]
[null,17.5,null,"Mounting hole diameter","mm",{"$f":"VLOOKUP($D$7,'Source Data'!$A$2:$EU$28,113,FALSE)","v":"N/A"},"xxxxxxxxxxx"]
[null,17.6,null,"Mounting hole centres","mm",{"$f":"VLOOKUP($D$7,'Source Data'!$A$2:$EU$28,114,FALSE)","v":"N/A"},"xxxxxxxxxxx"]
[null,18,"3.3.5","Transformer under base"]
[null,18.1,null,"Under base required? (Yes or No)",null,{"$f":"VLOOKUP($D$7,'Source Data'!$A$2:$EU$28,116,FALSE)","v":"Yes"},"xxxxxxxxxxx"]
[null,18.2,"Figure 15","Lml","mm",{"$f":"VLOOKUP($D$7,'Source Data'!$A$2:$EU$28,117,FALSE)","v":400}]
[null,18.3,"Figure 15","Lmw (300, 400 or 450)","mm",{"$f":"VLOOKUP($D$7,'Source Data'!$A$2:$EU$28,118,FALSE)","v":"xxxxxxxxxxx"}]
[null,18.4,"Figure 15","Ls","mm",{"$f":"VLOOKUP($D$7,'Source Data'!$A$2:$EU$28,119,FALSE)","v":"≥ 320"}]
[null,18.5,"Figure 15","Lmh","mm",{"$f":"VLOOKUP($D$7,'Source Data'!$A$2:$EU$28,110,FALSE)","v":"N/A"}]
[null,18.6,"Figure 15","Mounting hole diameter","mm",{"$f":"VLOOKUP($D$7,'Source Data'!$A$2:$EU$28,111,FALSE)","v":"N/A"}]
[null,19,"3.3.6","Lifting lugs"]
[null,19.1,null,"Lifting lugs fitted",null,{"$f":"VLOOKUP($D$7,'Source Data'!$A$2:$EU$28,123,FALSE)","v":"Yes"}]
[null,19.2,null,"Hole diameter","mm",{"$f":"VLOOKUP($D$7,'Source Data'!$A$2:$EU$28,124,FALSE)","v":"≥ 30 "}]
[null,20,"3.3.7","Earthing terminals"]
[null,20.1,null,"Boss material ",null,{"$f":"VLOOKUP($D$7,'Source Data'!$A$2:$EU$28,126,FALSE)","v":"316 Stainless Steel or Mild Steel"}]
[null,20.2,null,"Boss depth","mm",{"$f":"VLOOKUP($D$7,'Source Data'!$A$2:$EU$28,127,FALSE)","v":"≥ 30"}]
[null,20.3,null,"Set screw material",null,{"$f":"VLOOKUP($D$7,'Source Data'!$A$2:$EU$28,128,FALSE)","v":"316 Stainless Steel or Mild Steel"}]
[null,20.4,null,"Set screw dimensions","mm",{"$f":"VLOOKUP($D$7,'Source Data'!$A$2:$EU$28,129,FALSE)","v":"M12 x 25 "}]
[null,20.5,null,"Supplied with washer and spring washer",null,{"$f":"VLOOKUP($D$7,'Source Data'!$A$2:$EU$28,130,FALSE)","v":"Yes"}]
[null,21,"3.3.8","Surge arrester brackets"]
[null,21.1,null,"Surge arrester brackets fitted",null,{"$f":"VLOOKUP($D$7,'Source Data'!$A$2:$EU$28,132,FALSE)","v":"Yes"}]
[null,21.2,"Figure 17","Mounting hole diameter","mm",{"$f":"VLOOKUP($D$7,'Source Data'!$A$2:$EU$28,133,FALSE)","v":14}]
[null,21.3,"Figure 17","Dimension D (worst case)","mm",{"$f":"VLOOKUP($D$7,'Source Data'!$A$2:$EU$28,134,FALSE)","v":"≥ 200"}]
[null,21.4,"Figure 17","Dimension E (worst case)","mm",{"$f":"VLOOKUP($D$7,'Source Data'!$A$2:$EU$28,135,FALSE)","v":"≥ 400 "}]
[null,21.5,"Figure 17","Dimension F (worst case)","mm",{"$f":"VLOOKUP($D$7,'Source Data'!$A$2:$EU$28,136,FALSE)","v":"≥ 150"}]
[null,22,3.4,"Corrosion protection for Coastal transformers"]
[null,22.1,null,"Indicate the coating system (i.e. DS numbers according to DSP 240-75655504) that is offered. (e.g. DS-14 + DS-15 for zinc sprayed mild steel with duplex coating)"]
[null,22.2,null,"Tank ",null,{"$f":"VLOOKUP($D$7,'Source Data'!$A$2:$EU$28,145,FALSE)","v":"xxxxxxxxxxx"}]
[null,22.3,null,"Radiators",null,{"$f":"VLOOKUP($D$7,'Source Data'!$A$2:$EU$28,146,FALSE)","v":"xxxxxxxxxxx"}]
[null,22.4,null,"Threaded rods and accessories",null,{"$f":"VLOOKUP($D$7,'Source Data'!$A$2:$EU$28,147,FALSE)","v":"xxxxxxxxxxx"}]
[null,22.5,null,"Colour of final coat",null,{"$f":"VLOOKUP($D$7,'Source Data'!$A$2:$EU$28,148,FALSE)","v":"Azure Blue"}]
[null,23,4.2,"All Type Tests in Accordance with SANS 780:\n\n• Temperature rise test \n• Dielectric type test\n• Tank stiffness test \n• Corrugated tank fatigue test\n• Equivalent disturbing current test (This test is only applicable to SWER transformers)\n• Short Circuit Withstand Test\n• Natural ageing and pollution performance test",null,{"$f":"VLOOKUP($D$7,'Source Data'!$A$2:$EU$28,149,FALSE)","v":"Report Numbers"}]
[null,24,4.3,"All Routine Tests in Accordance with SANS 780:\n\n• Measurement of winding resistance\n• Measurement of voltage ratio and phase displacement\n• Measurement of short-circuit impedance and load loss\n• Measurement of no-load loss and current\n• Separate source voltage test\n• Induced overvoltage test\n• Measurement of paint thickness\n• Test for effectiveness of sealing\n• Measurement of secondary voltage across outer two terminals to be 484 V. (Only applicable to dual-phase transformers.) \n• Measurement of insulation resistance test\n• Reactance (%)\n• Dielectric routine tests\n• Vector group test ",null,{"$f":"VLOOKUP($D$7,'Source Data'!$A$2:$EU$28,150,FALSE)","v":"Report Numbers"}]